{"text_format":"1","workbook":"xlsx","n_sheets":7,"sheets":["LDV,LDT1","LDT2,HLDT,MDPV","FTP 120k NMOG+NOX Summary","FTP 150k NMOG+NOX Summary","SFTP 120k NMOG+NOX Summary","SFTP 150k NMOG+NOX Summary","Sheet2"],"not_rendered":{"charts":0,"images":1,"macros":1,"external_links":0,"defined_names":11,"comments":6,"pivot_tables":0},"unopened":[],"bounds":{"document_bytes":16777216,"sheet_cells":100000,"rows_first":2000,"rows_last":500,"rows_between":2000,"halvings":0,"cell_chars":16384,"cell_head_chars":4096},"cells_cut":0,"cells_raw":0,"read":"whole","date_system":"1900"}

{"sheet":"LDV,LDT1","index":0,"n_rows":487,"n_cols":17,"rows_kept":487,"cut":false,"hidden":false,"merged":[[6,5,6,9],[0,0,0,16],[11,0,12,1],[11,2,12,2],[1,0,1,9],[8,12,9,12],[8,11,9,11],[8,5,9,5],[8,6,9,6],[4,0,4,16],[3,0,3,16],[7,11,7,15],[7,5,7,9],[1,11,1,14],[6,0,6,2],[15,16,16,16],[13,0,13,1],[15,0,16,0],[15,1,16,1],[11,12,11,15],[15,15,16,15],[15,10,16,10]]}
["Example Template - Federal Tier 3 Banking & Trading LDV/LDT1 Vehicle Table for One Model Year"]
["Manufacturer: ___________________________",null,null,null,null,null,null,null,null,null,null,"Date: _____________"]
[]
["Purpose and Scope of this Guidance Document          "]
["       This document was prepared by EPA's Office of Transportation and Air Quality (OTAQ).  It is one of several intended to aid regulated parties in reporting Tier 3 and Cold NMHC Averaging, Banking and Trading (AB&T) information and calculating AB&T fleet average credits for light-duty vehicles and certain heavy-duty class 2b and 3 vehicles, ref. 40 CFR 86.1862-04(c).  It contains EPA's recommended format for manufacturers to report to EPA their end-of-year Tier 3 AB&T calculations, credits and other information with respect to the implementation of the AB&T provisions of the EPA Tier 3 final rule (79 FR 23414, April 28, 2014) as amended (80 FR 9078, February 19, 2015; 80 FR 26463, May 8, 2015);  ref. 40 CFR Parts 85, 86, 600, 1065, 1066.  Use of this document is purely optional.\n       This document does not in any way alter or waive the requirements in EPA regulations.  Although the calculations and formulas provided in this document are intended to assist manufacturers in the implementation of EPA regulations, this document does not establish or change the legal rights or obligations of manufacturers or others in complying with EPA regulations, including 40 CFR 86.1862-04(c). If an error or other discrepancy is found in this document, including the calculation formulas, please contact your EPA certification team member or Dave Good at (734) 214-4450 or by email at good.david@epa.gov.  The regulations take precedence."]
[]
["OMB Control Number 2060-0104\nExpires 3-31-2020",null,null,null,null,"120K Averaging Set"]
[null,null,null,null,null," NOTE:  This 120K averaging set is not expected to be used by many manufacturers (if any).  See 40 CFR 86.1805-17(d) and the preamble discussion of the Tier 3 final rule at 79 FR 23450-51, 23475, April 28, 2014; or obtain prior EPA approval before using the 120K averaging set in this spreadsheet.",null,null,null,null,null,"150K Averaging Set"]
[null,null,null,null,null,"Emission Standard","Total Production","Fleet average compliance","Fleet average standard","Credits or Debits",null,"Emission Standard","Total Production","Fleet average compliance","Fleet average standard","Credits or Debits"]
["Instructions",null,null,null,null,null,null,"g/mi","g/mi","g/mi",null,null,null,"g/mi","g/mi","g/mi"]
[null,null,null,null,null,"FTP (NMOG+NOx)",{"$f":"SUMIF(E18:E487,120,J18:J487)","v":250000},{"$f":"astm(SUMIF(E18:E487,120,P18:P487),3)","v":9.9000000000000005E-2},{"$f":"IF(C14=\"Yes\",IF(C12<2022,0.125,0.051),IF(C12=2015,0.1,IF(C12=2016,0.093,IF(C12=2017,0.073,IF(C12=2018,0.067,IF(C12=2019,0.061,IF(C12=2020,0.055,IF(C12=2021,0.049,IF(C12=2022,0.043,IF(C12=2023,0.037,IF(C12=2024,0.031,IF(C12>=2025,0.026,\"n/a\"))))))))))))","v":7.2999999999999995E-2},{"$f":"astm(((I11-H11)*$G$11),0)","v":-6500},null,"FTP (NMOG+NOx)",{"$f":"SUMIF(E18:E487,\"150\",J18:J487)","v":283840},{"$f":"astm(SUMIF(E18:E487,150,P18:P487),3)","v":5.1999999999999998E-2},{"$f":"IF(C14=\"Yes\",IF(C12<2022,0.125,0.051),IF(C12=2015,0.1,IF(C12=2016,0.093,IF(C12=2017,0.086,IF(C12=2018,0.079,IF(C12=2019,0.072,IF(C12=2020,0.065,IF(C12=2021,0.058,IF(C12=2022,0.051,IF(C12=2023,0.044,IF(C12=2024,0.037,IF(C12>=2025,0.03,\"n/a\"))))))))))))","v":8.5999999999999993E-2},{"$f":"astm(((O11-N11)*$M$11),0)","v":9651}]
["Select Model Year:",null,2017,null,null,"SFTP  (NMOG+NOx)",{"$f":"SUMIF(F18:F487,120,J18:J487)","v":210000},{"$f":"astm(SUMIF(F18:F486,120,Q18:Q487),3)","v":{"$error":"#NAME?"}},{"$f":"IF(C12=2015,0.14,IF(C12=2016,0.11,IF(C12=2017,0.103,IF(C12=2018,0.097,IF(C12=2019,0.09,IF(C12=2020,0.083,IF(C12=2021,0.077,IF(C12=2022,0.07,IF(C12=2023,0.063,IF(C12=2024,0.057,IF(C12>=2025,0.05,\"n/a\")))))))))))","v":0.10299999999999999},{"$f":"astm(((I12-H12)*$G$12),0)","v":{"$error":"#NAME?"}},null,"SFTP  (NMOG+NOx)","SFTP 150K Fleet Average Credits or Debits are calculated\nfor all LDVs, LDTs, MDPVs on the \"LDT2,HLDT,MDPV\" Tab."]
[]
["Small Volume under 86.1811-17(h)(1)?",null,"No"]
[]
["Test Group","Bin\n(NMOG + NOx)","SFTP\nNMOG + NOx \nFEL standard","Test Group Useful Life Miles","FTP\nUseful Life of Averaging Set","SFTP\nUseful Life of Averaging Set","150K Warranty per §86.1811-17(b)(4)(ii)","50-State Direct Ozone Reduction (DOR) \n(LEV 3 regs)","If yes to DOR, CARB Approved Level","Production\n(50-State)","Comments","FTP\nNMOG + NOx standard\n\n[Column B \nBin x 0.001]","Actual FTP NMOG + NOx Standard Level\n[Derived from columns G, H, I, L]","FTP\nProduction\nx Bin\n\n[Columns \nJ x M]","SFTP\nProduction\nx Bin\n\n[Columns \nJ x C]","FTP Intermediate calculation","SFTP Intermediate calculation"]
[null,null,"g/mi","x1000 Mi","(x 1000 Miles)","(x 1000 Miles)","Y or N","Y or N","g/mi","# of Units",null,"g/mi","g/mi","g/mi","g/mi"]
["A",160,0.16,120,150,150,"Yes","No",null,39458,"Bin 160 120K Useful Life (included in 150K FTP & SFTP Averaging sets); [Formatted comments field cells to \"wrap text\" as shown in example comments for this cell.]",{"$f":"IF(A18=\"\",\"\",IF(B18=160,0.16,IF(B18=125,0.125,IF(B18=110,0.11,IF(B18=85,0.085,IF(B18=\"FED SULEV30\",0.03,IF(B18=70,0.07,IF(B18=50,0.05,IF(B18=30,0.03,IF(B18=20,0.02,IF(B18=0,0,\"n/a\")))))))))))","v":0.16},{"$f":"IF(L18=\"\",\"\",MAX(0,L18-IF(G18=\"Yes\",0.005,0))-IF(H18=\"Yes\",I18,0))","v":0.155},{"$f":"IF(A18=\"\",\"\",IF(OR(B18=\"\",C18=\"\"),\"FIX BIN\",J18*M18))","v":6115.99},{"$f":"IF(A18=\"\",\"\",IF(OR(B18=\"\",C18=\"\"),\"FIX BIN\",IFERROR(J18*C18,\"\")))","v":6313.28},{"$f":"IF(A18=\"\",\"\",IF(OR(B18=\"\",C18=\"\"),ERROR.TYPE(3),IFERROR(N18/(IF(E18=120,$G$11,$M$11)),\"\")))","v":2.1547315388951521E-2},{"$f":"IF(A18=\"\",\"\",IF(OR(B18=\"\",C18=\"\"),ERROR.TYPE(3),IFERROR(O18/(IF(F18=120,$G$12,'LDT2,HLDT,MDPV'!$G$11)),\"\")))","v":2.3891947941856548E-2}]
["B",125,0.13,120,150,150,"No","No",null,20382,null,0.125,0.125,2547.75,2649.6600000000003,8.9760076099210818E-3,{"$f":"IF(A19=\"\",\"\",IF(OR(B19=\"\",C19=\"\"),ERROR.TYPE(3),IFERROR(O19/(IF(F19=120,$G$12,'LDT2,HLDT,MDPV'!$G$11)),\"\")))","v":1.0027361178914864E-2}]
["C",20,0.02,150,150,150,"Yes","Yes",5.0000000000000001E-3,45000,null,0.02,9.9999999999999985E-3,449.99999999999994,900,1.585400225479143E-3,{"$f":"IF(A20=\"\",\"\",IF(OR(B20=\"\",C20=\"\"),ERROR.TYPE(3),IFERROR(O20/(IF(F20=120,$G$12,'LDT2,HLDT,MDPV'!$G$11)),\"\")))","v":3.405955881518148E-3}]
["D",50,0.05,150,150,150,"No","No",null,79000,null,0.05,0.05,3950,3950,1.3916290868094702E-2,{"$f":"IF(A21=\"\",\"\",IF(OR(B21=\"\",C21=\"\"),ERROR.TYPE(3),IFERROR(O21/(IF(F21=120,$G$12,'LDT2,HLDT,MDPV'!$G$11)),\"\")))","v":1.494836192444076E-2}]
["E",0,0,150,150,150,"Yes","No",null,10000,null,0,0,0,0,0,{"$f":"IF(A22=\"\",\"\",IF(OR(B22=\"\",C22=\"\"),ERROR.TYPE(3),IFERROR(O22/(IF(F22=120,$G$12,'LDT2,HLDT,MDPV'!$G$11)),\"\")))","v":0}]
["F",20,"N/A",150,150,"N/A","No","No",null,90000,"Meets CARB Stand alone SFTP standards ref. 86.1811-17(b)(8)(ii)(C)",0.02,0.02,1800,"",6.3416009019165729E-3,{"$f":"IF(A23=\"\",\"\",IF(OR(B23=\"\",C23=\"\"),ERROR.TYPE(3),IFERROR(O23/(IF(F23=120,$G$12,'LDT2,HLDT,MDPV'!$G$11)),\"\")))","v":""}]
["G",160,0.14000000000000001,120,120,120,"No","No",null,120000,null,0.16,0.16,19200,16800,7.6799999999999993E-2,{"$f":"IF(A24=\"\",\"\",IF(OR(B24=\"\",C24=\"\"),ERROR.TYPE(3),IFERROR(O24/(IF(F24=120,$G$12,'LDT2,HLDT,MDPV'!$G$11)),\"\")))","v":0.08}]
["H",30,0.14000000000000001,120,120,120,"No","No",null,90000,null,0.03,0.03,2700,12600.000000000002,1.0800000000000001E-2,{"$f":"IF(A25=\"\",\"\",IF(OR(B25=\"\",C25=\"\"),ERROR.TYPE(3),IFERROR(O25/(IF(F25=120,$G$12,'LDT2,HLDT,MDPV'!$G$11)),\"\")))","v":6.0000000000000012E-2}]
["I",70,"N/A",120,120,"N/A","No","No",null,40000,"Meets CARB Stand alone SFTP standards ref. 86.1811-17(b)(8)(ii)(C)",7.0000000000000007E-2,7.0000000000000007E-2,2800.0000000000005,"",1.1200000000000002E-2,{"$f":"IF(A26=\"\",\"\",IF(OR(B26=\"\",C26=\"\"),ERROR.TYPE(3),IFERROR(O26/(IF(F26=120,$G$12,'LDT2,HLDT,MDPV'!$G$11)),\"\")))","v":""}]
[null,null,null,null,null,null,null,null,null,null,null,"","","","","",{"$f":"IF(A27=\"\",\"\",IF(OR(B27=\"\",C27=\"\"),ERROR.TYPE(3),IFERROR(O27/(IF(F27=120,$G$12,'LDT2,HLDT,MDPV'!$G$11)),\"\")))","v":""}]
[null,null,null,null,null,null,null,null,null,null,null,"","","","","",{"$f":"IF(A28=\"\",\"\",IF(OR(B28=\"\",C28=\"\"),ERROR.TYPE(3),IFERROR(O28/(IF(F28=120,$G$12,'LDT2,HLDT,MDPV'!$G$11)),\"\")))","v":""}]
[null,null,null,null,null,null,null,null,null,null,null,"","","","","",{"$f":"IF(A29=\"\",\"\",IF(OR(B29=\"\",C29=\"\"),ERROR.TYPE(3),IFERROR(O29/(IF(F29=120,$G$12,'LDT2,HLDT,MDPV'!$G$11)),\"\")))","v":""}]
[null,null,null,null,null,null,null,null,null,null,null,"","","","","",{"$f":"IF(A30=\"\",\"\",IF(OR(B30=\"\",C30=\"\"),ERROR.TYPE(3),IFERROR(O30/(IF(F30=120,$G$12,'LDT2,HLDT,MDPV'!$G$11)),\"\")))","v":""}]
[null,null,null,null,null,null,null,null,null,null,null,"","","","","",{"$f":"IF(A31=\"\",\"\",IF(OR(B31=\"\",C31=\"\"),ERROR.TYPE(3),IFERROR(O31/(IF(F31=120,$G$12,'LDT2,HLDT,MDPV'!$G$11)),\"\")))","v":""}]
[null,null,null,null,null,null,null,null,null,null,null,"","","","","",{"$f":"IF(A32=\"\",\"\",IF(OR(B32=\"\",C32=\"\"),ERROR.TYPE(3),IFERROR(O32/(IF(F32=120,$G$12,'LDT2,HLDT,MDPV'!$G$11)),\"\")))","v":""}]
[null,null,null,null,null,null,null,null,null,null,null,"","","","","",{"$f":"IF(A33=\"\",\"\",IF(OR(B33=\"\",C33=\"\"),ERROR.TYPE(3),IFERROR(O33/(IF(F33=120,$G$12,'LDT2,HLDT,MDPV'!$G$11)),\"\")))","v":""}]
[null,null,null,null,null,null,null,null,null,null,null,"","","","","",{"$f":"IF(A34=\"\",\"\",IF(OR(B34=\"\",C34=\"\"),ERROR.TYPE(3),IFERROR(O34/(IF(F34=120,$G$12,'LDT2,HLDT,MDPV'!$G$11)),\"\")))","v":""}]
[null,null,null,null,null,null,null,null,null,null,null,"","","","","",{"$f":"IF(A35=\"\",\"\",IF(OR(B35=\"\",C35=\"\"),ERROR.TYPE(3),IFERROR(O35/(IF(F35=120,$G$12,'LDT2,HLDT,MDPV'!$G$11)),\"\")))","v":""}]
[null,null,null,null,null,null,null,null,null,null,null,"","","","","",{"$f":"IF(A36=\"\",\"\",IF(OR(B36=\"\",C36=\"\"),ERROR.TYPE(3),IFERROR(O36/(IF(F36=120,$G$12,'LDT2,HLDT,MDPV'!$G$11)),\"\")))","v":""}]
[null,null,null,null,null,null,null,null,null,null,null,"","","","","",{"$f":"IF(A37=\"\",\"\",IF(OR(B37=\"\",C37=\"\"),ERROR.TYPE(3),IFERROR(O37/(IF(F37=120,$G$12,'LDT2,HLDT,MDPV'!$G$11)),\"\")))","v":""}]
[null,null,null,null,null,null,null,null,null,null,null,"","","","","",{"$f":"IF(A38=\"\",\"\",IF(OR(B38=\"\",C38=\"\"),ERROR.TYPE(3),IFERROR(O38/(IF(F38=120,$G$12,'LDT2,HLDT,MDPV'!$G$11)),\"\")))","v":""}]
[null,null,null,null,null,null,null,null,null,null,null,"","","","","",{"$f":"IF(A39=\"\",\"\",IF(OR(B39=\"\",C39=\"\"),ERROR.TYPE(3),IFERROR(O39/(IF(F39=120,$G$12,'LDT2,HLDT,MDPV'!$G$11)),\"\")))","v":""}]
[null,null,null,null,null,null,null,null,null,null,null,"","","","","",{"$f":"IF(A40=\"\",\"\",IF(OR(B40=\"\",C40=\"\"),ERROR.TYPE(3),IFERROR(O40/(IF(F40=120,$G$12,'LDT2,HLDT,MDPV'!$G$11)),\"\")))","v":""}]
[null,null,null,null,null,null,null,null,null,null,null,"","","","","",{"$f":"IF(A41=\"\",\"\",IF(OR(B41=\"\",C41=\"\"),ERROR.TYPE(3),IFERROR(O41/(IF(F41=120,$G$12,'LDT2,HLDT,MDPV'!$G$11)),\"\")))","v":""}]
[null,null,null,null,null,null,null,null,null,null,null,"","","","","",{"$f":"IF(A42=\"\",\"\",IF(OR(B42=\"\",C42=\"\"),ERROR.TYPE(3),IFERROR(O42/(IF(F42=120,$G$12,'LDT2,HLDT,MDPV'!$G$11)),\"\")))","v":""}]
[null,null,null,null,null,null,null,null,null,null,null,"","","","","",{"$f":"IF(A43=\"\",\"\",IF(OR(B43=\"\",C43=\"\"),ERROR.TYPE(3),IFERROR(O43/(IF(F43=120,$G$12,'LDT2,HLDT,MDPV'!$G$11)),\"\")))","v":""}]
[null,null,null,null,null,null,null,null,null,null,null,"","","","","",{"$f":"IF(A44=\"\",\"\",IF(OR(B44=\"\",C44=\"\"),ERROR.TYPE(3),IFERROR(O44/(IF(F44=120,$G$12,'LDT2,HLDT,MDPV'!$G$11)),\"\")))","v":""}]
[null,null,null,null,null,null,null,null,null,null,null,"","","","","",{"$f":"IF(A45=\"\",\"\",IF(OR(B45=\"\",C45=\"\"),ERROR.TYPE(3),IFERROR(O45/(IF(F45=120,$G$12,'LDT2,HLDT,MDPV'!$G$11)),\"\")))","v":""}]
[null,null,null,null,null,null,null,null,null,null,null,"","","","","",{"$f":"IF(A46=\"\",\"\",IF(OR(B46=\"\",C46=\"\"),ERROR.TYPE(3),IFERROR(O46/(IF(F46=120,$G$12,'LDT2,HLDT,MDPV'!$G$11)),\"\")))","v":""}]
[null,null,null,null,null,null,null,null,null,null,null,"","","","","",{"$f":"IF(A47=\"\",\"\",IF(OR(B47=\"\",C47=\"\"),ERROR.TYPE(3),IFERROR(O47/(IF(F47=120,$G$12,'LDT2,HLDT,MDPV'!$G$11)),\"\")))","v":""}]
[null,null,null,null,null,null,null,null,null,null,null,"","","","","",{"$f":"IF(A48=\"\",\"\",IF(OR(B48=\"\",C48=\"\"),ERROR.TYPE(3),IFERROR(O48/(IF(F48=120,$G$12,'LDT2,HLDT,MDPV'!$G$11)),\"\")))","v":""}]
[null,null,null,null,null,null,null,null,null,null,null,"","","","","",{"$f":"IF(A49=\"\",\"\",IF(OR(B49=\"\",C49=\"\"),ERROR.TYPE(3),IFERROR(O49/(IF(F49=120,$G$12,'LDT2,HLDT,MDPV'!$G$11)),\"\")))","v":""}]
[null,null,null,null,null,null,null,null,null,null,null,"","","","","",{"$f":"IF(A50=\"\",\"\",IF(OR(B50=\"\",C50=\"\"),ERROR.TYPE(3),IFERROR(O50/(IF(F50=120,$G$12,'LDT2,HLDT,MDPV'!$G$11)),\"\")))","v":""}]
[null,null,null,null,null,null,null,null,null,null,null,"","","","","",{"$f":"IF(A51=\"\",\"\",IF(OR(B51=\"\",C51=\"\"),ERROR.TYPE(3),IFERROR(O51/(IF(F51=120,$G$12,'LDT2,HLDT,MDPV'!$G$11)),\"\")))","v":""}]
[null,null,null,null,null,null,null,null,null,null,null,"","","","","",{"$f":"IF(A52=\"\",\"\",IF(OR(B52=\"\",C52=\"\"),ERROR.TYPE(3),IFERROR(O52/(IF(F52=120,$G$12,'LDT2,HLDT,MDPV'!$G$11)),\"\")))","v":""}]
[null,null,null,null,null,null,null,null,null,null,null,"","","","","",{"$f":"IF(A53=\"\",\"\",IF(OR(B53=\"\",C53=\"\"),ERROR.TYPE(3),IFERROR(O53/(IF(F53=120,$G$12,'LDT2,HLDT,MDPV'!$G$11)),\"\")))","v":""}]
[null,null,null,null,null,null,null,null,null,null,null,"","","","","",{"$f":"IF(A54=\"\",\"\",IF(OR(B54=\"\",C54=\"\"),ERROR.TYPE(3),IFERROR(O54/(IF(F54=120,$G$12,'LDT2,HLDT,MDPV'!$G$11)),\"\")))","v":""}]
[null,null,null,null,null,null,null,null,null,null,null,"","","","","",{"$f":"IF(A55=\"\",\"\",IF(OR(B55=\"\",C55=\"\"),ERROR.TYPE(3),IFERROR(O55/(IF(F55=120,$G$12,'LDT2,HLDT,MDPV'!$G$11)),\"\")))","v":""}]
[null,null,null,null,null,null,null,null,null,null,null,"","","","","",{"$f":"IF(A56=\"\",\"\",IF(OR(B56=\"\",C56=\"\"),ERROR.TYPE(3),IFERROR(O56/(IF(F56=120,$G$12,'LDT2,HLDT,MDPV'!$G$11)),\"\")))","v":""}]
[null,null,null,null,null,null,null,null,null,null,null,"","","","","",{"$f":"IF(A57=\"\",\"\",IF(OR(B57=\"\",C57=\"\"),ERROR.TYPE(3),IFERROR(O57/(IF(F57=120,$G$12,'LDT2,HLDT,MDPV'!$G$11)),\"\")))","v":""}]
[null,null,null,null,null,null,null,null,null,null,null,"","","","","",{"$f":"IF(A58=\"\",\"\",IF(OR(B58=\"\",C58=\"\"),ERROR.TYPE(3),IFERROR(O58/(IF(F58=120,$G$12,'LDT2,HLDT,MDPV'!$G$11)),\"\")))","v":""}]
[null,null,null,null,null,null,null,null,null,null,null,"","","","","",{"$f":"IF(A59=\"\",\"\",IF(OR(B59=\"\",C59=\"\"),ERROR.TYPE(3),IFERROR(O59/(IF(F59=120,$G$12,'LDT2,HLDT,MDPV'!$G$11)),\"\")))","v":""}]
[null,null,null,null,null,null,null,null,null,null,null,"","","","","",{"$f":"IF(A60=\"\",\"\",IF(OR(B60=\"\",C60=\"\"),ERROR.TYPE(3),IFERROR(O60/(IF(F60=120,$G$12,'LDT2,HLDT,MDPV'!$G$11)),\"\")))","v":""}]
[null,null,null,null,null,null,null,null,null,null,null,"","","","","",{"$f":"IF(A61=\"\",\"\",IF(OR(B61=\"\",C61=\"\"),ERROR.TYPE(3),IFERROR(O61/(IF(F61=120,$G$12,'LDT2,HLDT,MDPV'!$G$11)),\"\")))","v":""}]
[null,null,null,null,null,null,null,null,null,null,null,"","","","","",{"$f":"IF(A62=\"\",\"\",IF(OR(B62=\"\",C62=\"\"),ERROR.TYPE(3),IFERROR(O62/(IF(F62=120,$G$12,'LDT2,HLDT,MDPV'!$G$11)),\"\")))","v":""}]
[null,null,null,null,null,null,null,null,null,null,null,"","","","","",{"$f":"IF(A63=\"\",\"\",IF(OR(B63=\"\",C63=\"\"),ERROR.TYPE(3),IFERROR(O63/(IF(F63=120,$G$12,'LDT2,HLDT,MDPV'!$G$11)),\"\")))","v":""}]
[null,null,null,null,null,null,null,null,null,null,null,"","","","","",{"$f":"IF(A64=\"\",\"\",IF(OR(B64=\"\",C64=\"\"),ERROR.TYPE(3),IFERROR(O64/(IF(F64=120,$G$12,'LDT2,HLDT,MDPV'!$G$11)),\"\")))","v":""}]
[null,null,null,null,null,null,null,null,null,null,null,"","","","","",{"$f":"IF(A65=\"\",\"\",IF(OR(B65=\"\",C65=\"\"),ERROR.TYPE(3),IFERROR(O65/(IF(F65=120,$G$12,'LDT2,HLDT,MDPV'!$G$11)),\"\")))","v":""}]
[null,null,null,null,null,null,null,null,null,null,null,"","","","","",{"$f":"IF(A66=\"\",\"\",IF(OR(B66=\"\",C66=\"\"),ERROR.TYPE(3),IFERROR(O66/(IF(F66=120,$G$12,'LDT2,HLDT,MDPV'!$G$11)),\"\")))","v":""}]
[null,null,null,null,null,null,null,null,null,null,null,"","","","","",{"$f":"IF(A67=\"\",\"\",IF(OR(B67=\"\",C67=\"\"),ERROR.TYPE(3),IFERROR(O67/(IF(F67=120,$G$12,'LDT2,HLDT,MDPV'!$G$11)),\"\")))","v":""}]
[null,null,null,null,null,null,null,null,null,null,null,"","","","","",{"$f":"IF(A68=\"\",\"\",IF(OR(B68=\"\",C68=\"\"),ERROR.TYPE(3),IFERROR(O68/(IF(F68=120,$G$12,'LDT2,HLDT,MDPV'!$G$11)),\"\")))","v":""}]
[null,null,null,null,null,null,null,null,null,null,null,"","","","","",{"$f":"IF(A69=\"\",\"\",IF(OR(B69=\"\",C69=\"\"),ERROR.TYPE(3),IFERROR(O69/(IF(F69=120,$G$12,'LDT2,HLDT,MDPV'!$G$11)),\"\")))","v":""}]
[null,null,null,null,null,null,null,null,null,null,null,"","","","","",{"$f":"IF(A70=\"\",\"\",IF(OR(B70=\"\",C70=\"\"),ERROR.TYPE(3),IFERROR(O70/(IF(F70=120,$G$12,'LDT2,HLDT,MDPV'!$G$11)),\"\")))","v":""}]
[null,null,null,null,null,null,null,null,null,null,null,"","","","","",{"$f":"IF(A71=\"\",\"\",IF(OR(B71=\"\",C71=\"\"),ERROR.TYPE(3),IFERROR(O71/(IF(F71=120,$G$12,'LDT2,HLDT,MDPV'!$G$11)),\"\")))","v":""}]
[null,null,null,null,null,null,null,null,null,null,null,"","","","","",{"$f":"IF(A72=\"\",\"\",IF(OR(B72=\"\",C72=\"\"),ERROR.TYPE(3),IFERROR(O72/(IF(F72=120,$G$12,'LDT2,HLDT,MDPV'!$G$11)),\"\")))","v":""}]
[null,null,null,null,null,null,null,null,null,null,null,"","","","","",{"$f":"IF(A73=\"\",\"\",IF(OR(B73=\"\",C73=\"\"),ERROR.TYPE(3),IFERROR(O73/(IF(F73=120,$G$12,'LDT2,HLDT,MDPV'!$G$11)),\"\")))","v":""}]
[null,null,null,null,null,null,null,null,null,null,null,"","","","","",{"$f":"IF(A74=\"\",\"\",IF(OR(B74=\"\",C74=\"\"),ERROR.TYPE(3),IFERROR(O74/(IF(F74=120,$G$12,'LDT2,HLDT,MDPV'!$G$11)),\"\")))","v":""}]
[null,null,null,null,null,null,null,null,null,null,null,"","","","","",{"$f":"IF(A75=\"\",\"\",IF(OR(B75=\"\",C75=\"\"),ERROR.TYPE(3),IFERROR(O75/(IF(F75=120,$G$12,'LDT2,HLDT,MDPV'!$G$11)),\"\")))","v":""}]
[null,null,null,null,null,null,null,null,null,null,null,"","","","","",{"$f":"IF(A76=\"\",\"\",IF(OR(B76=\"\",C76=\"\"),ERROR.TYPE(3),IFERROR(O76/(IF(F76=120,$G$12,'LDT2,HLDT,MDPV'!$G$11)),\"\")))","v":""}]
[null,null,null,null,null,null,null,null,null,null,null,"","","","","",{"$f":"IF(A77=\"\",\"\",IF(OR(B77=\"\",C77=\"\"),ERROR.TYPE(3),IFERROR(O77/(IF(F77=120,$G$12,'LDT2,HLDT,MDPV'!$G$11)),\"\")))","v":""}]
[null,null,null,null,null,null,null,null,null,null,null,"","","","","",{"$f":"IF(A78=\"\",\"\",IF(OR(B78=\"\",C78=\"\"),ERROR.TYPE(3),IFERROR(O78/(IF(F78=120,$G$12,'LDT2,HLDT,MDPV'!$G$11)),\"\")))","v":""}]
[null,null,null,null,null,null,null,null,null,null,null,"","","","","",{"$f":"IF(A79=\"\",\"\",IF(OR(B79=\"\",C79=\"\"),ERROR.TYPE(3),IFERROR(O79/(IF(F79=120,$G$12,'LDT2,HLDT,MDPV'!$G$11)),\"\")))","v":""}]
[null,null,null,null,null,null,null,null,null,null,null,"","","","","",{"$f":"IF(A80=\"\",\"\",IF(OR(B80=\"\",C80=\"\"),ERROR.TYPE(3),IFERROR(O80/(IF(F80=120,$G$12,'LDT2,HLDT,MDPV'!$G$11)),\"\")))","v":""}]
[null,null,null,null,null,null,null,null,null,null,null,"","","","","",{"$f":"IF(A81=\"\",\"\",IF(OR(B81=\"\",C81=\"\"),ERROR.TYPE(3),IFERROR(O81/(IF(F81=120,$G$12,'LDT2,HLDT,MDPV'!$G$11)),\"\")))","v":""}]
[null,null,null,null,null,null,null,null,null,null,null,{"$f":"IF(A82=\"\",\"\",IF(B82=160,0.16,IF(B82=125,0.125,IF(B82=110,0.11,IF(B82=85,0.085,IF(B82=\"FED SULEV30\",0.03,IF(B82=70,0.07,IF(B82=50,0.05,IF(B82=30,0.03,IF(B82=20,0.02,IF(B82=0,0,\"n/a\")))))))))))","v":""},{"$f":"IF(L82=\"\",\"\",MAX(0,L82-IF(G82=\"Yes\",0.005,0))-IF(H82=\"Yes\",I82,0))","v":""},{"$f":"IF(A82=\"\",\"\",IF(OR(B82=\"\",C82=\"\"),\"FIX BIN\",J82*M82))","v":""},{"$f":"IF(A82=\"\",\"\",IF(OR(B82=\"\",C82=\"\"),\"FIX BIN\",IFERROR(J82*C82,\"\")))","v":""},{"$f":"IF(A82=\"\",\"\",IF(OR(B82=\"\",C82=\"\"),ERROR.TYPE(3),IFERROR(N82/(IF(E82=120,$G$11,$M$11)),\"\")))","v":""},{"$f":"IF(A82=\"\",\"\",IF(OR(B82=\"\",C82=\"\"),ERROR.TYPE(3),IFERROR(O82/(IF(F82=120,$G$12,'LDT2,HLDT,MDPV'!$G$11)),\"\")))","v":""}]
[null,null,null,null,null,null,null,null,null,null,null,"","","","","",{"$f":"IF(A83=\"\",\"\",IF(OR(B83=\"\",C83=\"\"),ERROR.TYPE(3),IFERROR(O83/(IF(F83=120,$G$12,'LDT2,HLDT,MDPV'!$G$11)),\"\")))","v":""}]
[null,null,null,null,null,null,null,null,null,null,null,"","","","","",{"$f":"IF(A84=\"\",\"\",IF(OR(B84=\"\",C84=\"\"),ERROR.TYPE(3),IFERROR(O84/(IF(F84=120,$G$12,'LDT2,HLDT,MDPV'!$G$11)),\"\")))","v":""}]
[null,null,null,null,null,null,null,null,null,null,null,"","","","","",{"$f":"IF(A85=\"\",\"\",IF(OR(B85=\"\",C85=\"\"),ERROR.TYPE(3),IFERROR(O85/(IF(F85=120,$G$12,'LDT2,HLDT,MDPV'!$G$11)),\"\")))","v":""}]
[null,null,null,null,null,null,null,null,null,null,null,"","","","","",{"$f":"IF(A86=\"\",\"\",IF(OR(B86=\"\",C86=\"\"),ERROR.TYPE(3),IFERROR(O86/(IF(F86=120,$G$12,'LDT2,HLDT,MDPV'!$G$11)),\"\")))","v":""}]
[null,null,null,null,null,null,null,null,null,null,null,"","","","","",{"$f":"IF(A87=\"\",\"\",IF(OR(B87=\"\",C87=\"\"),ERROR.TYPE(3),IFERROR(O87/(IF(F87=120,$G$12,'LDT2,HLDT,MDPV'!$G$11)),\"\")))","v":""}]
[null,null,null,null,null,null,null,null,null,null,null,"","","","","",{"$f":"IF(A88=\"\",\"\",IF(OR(B88=\"\",C88=\"\"),ERROR.TYPE(3),IFERROR(O88/(IF(F88=120,$G$12,'LDT2,HLDT,MDPV'!$G$11)),\"\")))","v":""}]
[null,null,null,null,null,null,null,null,null,null,null,"","","","","",{"$f":"IF(A89=\"\",\"\",IF(OR(B89=\"\",C89=\"\"),ERROR.TYPE(3),IFERROR(O89/(IF(F89=120,$G$12,'LDT2,HLDT,MDPV'!$G$11)),\"\")))","v":""}]
[null,null,null,null,null,null,null,null,null,null,null,"","","","","",{"$f":"IF(A90=\"\",\"\",IF(OR(B90=\"\",C90=\"\"),ERROR.TYPE(3),IFERROR(O90/(IF(F90=120,$G$12,'LDT2,HLDT,MDPV'!$G$11)),\"\")))","v":""}]
[null,null,null,null,null,null,null,null,null,null,null,"","","","","",{"$f":"IF(A91=\"\",\"\",IF(OR(B91=\"\",C91=\"\"),ERROR.TYPE(3),IFERROR(O91/(IF(F91=120,$G$12,'LDT2,HLDT,MDPV'!$G$11)),\"\")))","v":""}]
[null,null,null,null,null,null,null,null,null,null,null,"","","","","",{"$f":"IF(A92=\"\",\"\",IF(OR(B92=\"\",C92=\"\"),ERROR.TYPE(3),IFERROR(O92/(IF(F92=120,$G$12,'LDT2,HLDT,MDPV'!$G$11)),\"\")))","v":""}]
[null,null,null,null,null,null,null,null,null,null,null,"","","","","",{"$f":"IF(A93=\"\",\"\",IF(OR(B93=\"\",C93=\"\"),ERROR.TYPE(3),IFERROR(O93/(IF(F93=120,$G$12,'LDT2,HLDT,MDPV'!$G$11)),\"\")))","v":""}]
[null,null,null,null,null,null,null,null,null,null,null,"","","","","",{"$f":"IF(A94=\"\",\"\",IF(OR(B94=\"\",C94=\"\"),ERROR.TYPE(3),IFERROR(O94/(IF(F94=120,$G$12,'LDT2,HLDT,MDPV'!$G$11)),\"\")))","v":""}]
[null,null,null,null,null,null,null,null,null,null,null,"","","","","",{"$f":"IF(A95=\"\",\"\",IF(OR(B95=\"\",C95=\"\"),ERROR.TYPE(3),IFERROR(O95/(IF(F95=120,$G$12,'LDT2,HLDT,MDPV'!$G$11)),\"\")))","v":""}]
[null,null,null,null,null,null,null,null,null,null,null,"","","","","",{"$f":"IF(A96=\"\",\"\",IF(OR(B96=\"\",C96=\"\"),ERROR.TYPE(3),IFERROR(O96/(IF(F96=120,$G$12,'LDT2,HLDT,MDPV'!$G$11)),\"\")))","v":""}]
[null,null,null,null,null,null,null,null,null,null,null,"","","","","",{"$f":"IF(A97=\"\",\"\",IF(OR(B97=\"\",C97=\"\"),ERROR.TYPE(3),IFERROR(O97/(IF(F97=120,$G$12,'LDT2,HLDT,MDPV'!$G$11)),\"\")))","v":""}]
[null,null,null,null,null,null,null,null,null,null,null,"","","","","",{"$f":"IF(A98=\"\",\"\",IF(OR(B98=\"\",C98=\"\"),ERROR.TYPE(3),IFERROR(O98/(IF(F98=120,$G$12,'LDT2,HLDT,MDPV'!$G$11)),\"\")))","v":""}]
[null,null,null,null,null,null,null,null,null,null,null,"","","","","",{"$f":"IF(A99=\"\",\"\",IF(OR(B99=\"\",C99=\"\"),ERROR.TYPE(3),IFERROR(O99/(IF(F99=120,$G$12,'LDT2,HLDT,MDPV'!$G$11)),\"\")))","v":""}]
[null,null,null,null,null,null,null,null,null,null,null,"","","","","",{"$f":"IF(A100=\"\",\"\",IF(OR(B100=\"\",C100=\"\"),ERROR.TYPE(3),IFERROR(O100/(IF(F100=120,$G$12,'LDT2,HLDT,MDPV'!$G$11)),\"\")))","v":""}]
[null,null,null,null,null,null,null,null,null,null,null,"","","","","",{"$f":"IF(A101=\"\",\"\",IF(OR(B101=\"\",C101=\"\"),ERROR.TYPE(3),IFERROR(O101/(IF(F101=120,$G$12,'LDT2,HLDT,MDPV'!$G$11)),\"\")))","v":""}]
[null,null,null,null,null,null,null,null,null,null,null,"","","","","",{"$f":"IF(A102=\"\",\"\",IF(OR(B102=\"\",C102=\"\"),ERROR.TYPE(3),IFERROR(O102/(IF(F102=120,$G$12,'LDT2,HLDT,MDPV'!$G$11)),\"\")))","v":""}]
[null,null,null,null,null,null,null,null,null,null,null,"","","","","",{"$f":"IF(A103=\"\",\"\",IF(OR(B103=\"\",C103=\"\"),ERROR.TYPE(3),IFERROR(O103/(IF(F103=120,$G$12,'LDT2,HLDT,MDPV'!$G$11)),\"\")))","v":""}]
[null,null,null,null,null,null,null,null,null,null,null,"","","","","",{"$f":"IF(A104=\"\",\"\",IF(OR(B104=\"\",C104=\"\"),ERROR.TYPE(3),IFERROR(O104/(IF(F104=120,$G$12,'LDT2,HLDT,MDPV'!$G$11)),\"\")))","v":""}]
[null,null,null,null,null,null,null,null,null,null,null,"","","","","",{"$f":"IF(A105=\"\",\"\",IF(OR(B105=\"\",C105=\"\"),ERROR.TYPE(3),IFERROR(O105/(IF(F105=120,$G$12,'LDT2,HLDT,MDPV'!$G$11)),\"\")))","v":""}]
[null,null,null,null,null,null,null,null,null,null,null,"","","","","",{"$f":"IF(A106=\"\",\"\",IF(OR(B106=\"\",C106=\"\"),ERROR.TYPE(3),IFERROR(O106/(IF(F106=120,$G$12,'LDT2,HLDT,MDPV'!$G$11)),\"\")))","v":""}]
[null,null,null,null,null,null,null,null,null,null,null,"","","","","",{"$f":"IF(A107=\"\",\"\",IF(OR(B107=\"\",C107=\"\"),ERROR.TYPE(3),IFERROR(O107/(IF(F107=120,$G$12,'LDT2,HLDT,MDPV'!$G$11)),\"\")))","v":""}]
[null,null,null,null,null,null,null,null,null,null,null,"","","","","",{"$f":"IF(A108=\"\",\"\",IF(OR(B108=\"\",C108=\"\"),ERROR.TYPE(3),IFERROR(O108/(IF(F108=120,$G$12,'LDT2,HLDT,MDPV'!$G$11)),\"\")))","v":""}]
[null,null,null,null,null,null,null,null,null,null,null,"","","","","",{"$f":"IF(A109=\"\",\"\",IF(OR(B109=\"\",C109=\"\"),ERROR.TYPE(3),IFERROR(O109/(IF(F109=120,$G$12,'LDT2,HLDT,MDPV'!$G$11)),\"\")))","v":""}]
[null,null,null,null,null,null,null,null,null,null,null,"","","","","",{"$f":"IF(A110=\"\",\"\",IF(OR(B110=\"\",C110=\"\"),ERROR.TYPE(3),IFERROR(O110/(IF(F110=120,$G$12,'LDT2,HLDT,MDPV'!$G$11)),\"\")))","v":""}]
[null,null,null,null,null,null,null,null,null,null,null,"","","","","",{"$f":"IF(A111=\"\",\"\",IF(OR(B111=\"\",C111=\"\"),ERROR.TYPE(3),IFERROR(O111/(IF(F111=120,$G$12,'LDT2,HLDT,MDPV'!$G$11)),\"\")))","v":""}]
[null,null,null,null,null,null,null,null,null,null,null,"","","","","",{"$f":"IF(A112=\"\",\"\",IF(OR(B112=\"\",C112=\"\"),ERROR.TYPE(3),IFERROR(O112/(IF(F112=120,$G$12,'LDT2,HLDT,MDPV'!$G$11)),\"\")))","v":""}]
[null,null,null,null,null,null,null,null,null,null,null,"","","","","",{"$f":"IF(A113=\"\",\"\",IF(OR(B113=\"\",C113=\"\"),ERROR.TYPE(3),IFERROR(O113/(IF(F113=120,$G$12,'LDT2,HLDT,MDPV'!$G$11)),\"\")))","v":""}]
[null,null,null,null,null,null,null,null,null,null,null,"","","","","",{"$f":"IF(A114=\"\",\"\",IF(OR(B114=\"\",C114=\"\"),ERROR.TYPE(3),IFERROR(O114/(IF(F114=120,$G$12,'LDT2,HLDT,MDPV'!$G$11)),\"\")))","v":""}]
[null,null,null,null,null,null,null,null,null,null,null,"","","","","",{"$f":"IF(A115=\"\",\"\",IF(OR(B115=\"\",C115=\"\"),ERROR.TYPE(3),IFERROR(O115/(IF(F115=120,$G$12,'LDT2,HLDT,MDPV'!$G$11)),\"\")))","v":""}]
[null,null,null,null,null,null,null,null,null,null,null,"","","","","",{"$f":"IF(A116=\"\",\"\",IF(OR(B116=\"\",C116=\"\"),ERROR.TYPE(3),IFERROR(O116/(IF(F116=120,$G$12,'LDT2,HLDT,MDPV'!$G$11)),\"\")))","v":""}]
[null,null,null,null,null,null,null,null,null,null,null,"","","","","",{"$f":"IF(A117=\"\",\"\",IF(OR(B117=\"\",C117=\"\"),ERROR.TYPE(3),IFERROR(O117/(IF(F117=120,$G$12,'LDT2,HLDT,MDPV'!$G$11)),\"\")))","v":""}]
[null,null,null,null,null,null,null,null,null,null,null,"","","","","",{"$f":"IF(A118=\"\",\"\",IF(OR(B118=\"\",C118=\"\"),ERROR.TYPE(3),IFERROR(O118/(IF(F118=120,$G$12,'LDT2,HLDT,MDPV'!$G$11)),\"\")))","v":""}]
[null,null,null,null,null,null,null,null,null,null,null,"","","","","",{"$f":"IF(A119=\"\",\"\",IF(OR(B119=\"\",C119=\"\"),ERROR.TYPE(3),IFERROR(O119/(IF(F119=120,$G$12,'LDT2,HLDT,MDPV'!$G$11)),\"\")))","v":""}]
[null,null,null,null,null,null,null,null,null,null,null,"","","","","",{"$f":"IF(A120=\"\",\"\",IF(OR(B120=\"\",C120=\"\"),ERROR.TYPE(3),IFERROR(O120/(IF(F120=120,$G$12,'LDT2,HLDT,MDPV'!$G$11)),\"\")))","v":""}]
[null,null,null,null,null,null,null,null,null,null,null,"","","","","",{"$f":"IF(A121=\"\",\"\",IF(OR(B121=\"\",C121=\"\"),ERROR.TYPE(3),IFERROR(O121/(IF(F121=120,$G$12,'LDT2,HLDT,MDPV'!$G$11)),\"\")))","v":""}]
[null,null,null,null,null,null,null,null,null,null,null,"","","","","",{"$f":"IF(A122=\"\",\"\",IF(OR(B122=\"\",C122=\"\"),ERROR.TYPE(3),IFERROR(O122/(IF(F122=120,$G$12,'LDT2,HLDT,MDPV'!$G$11)),\"\")))","v":""}]
[null,null,null,null,null,null,null,null,null,null,null,"","","","","",{"$f":"IF(A123=\"\",\"\",IF(OR(B123=\"\",C123=\"\"),ERROR.TYPE(3),IFERROR(O123/(IF(F123=120,$G$12,'LDT2,HLDT,MDPV'!$G$11)),\"\")))","v":""}]
[null,null,null,null,null,null,null,null,null,null,null,"","","","","",{"$f":"IF(A124=\"\",\"\",IF(OR(B124=\"\",C124=\"\"),ERROR.TYPE(3),IFERROR(O124/(IF(F124=120,$G$12,'LDT2,HLDT,MDPV'!$G$11)),\"\")))","v":""}]
[null,null,null,null,null,null,null,null,null,null,null,"","","","","",{"$f":"IF(A125=\"\",\"\",IF(OR(B125=\"\",C125=\"\"),ERROR.TYPE(3),IFERROR(O125/(IF(F125=120,$G$12,'LDT2,HLDT,MDPV'!$G$11)),\"\")))","v":""}]
[null,null,null,null,null,null,null,null,null,null,null,"","","","","",{"$f":"IF(A126=\"\",\"\",IF(OR(B126=\"\",C126=\"\"),ERROR.TYPE(3),IFERROR(O126/(IF(F126=120,$G$12,'LDT2,HLDT,MDPV'!$G$11)),\"\")))","v":""}]
[null,null,null,null,null,null,null,null,null,null,null,"","","","","",{"$f":"IF(A127=\"\",\"\",IF(OR(B127=\"\",C127=\"\"),ERROR.TYPE(3),IFERROR(O127/(IF(F127=120,$G$12,'LDT2,HLDT,MDPV'!$G$11)),\"\")))","v":""}]
[null,null,null,null,null,null,null,null,null,null,null,"","","","","",{"$f":"IF(A128=\"\",\"\",IF(OR(B128=\"\",C128=\"\"),ERROR.TYPE(3),IFERROR(O128/(IF(F128=120,$G$12,'LDT2,HLDT,MDPV'!$G$11)),\"\")))","v":""}]
[null,null,null,null,null,null,null,null,null,null,null,"","","","","",{"$f":"IF(A129=\"\",\"\",IF(OR(B129=\"\",C129=\"\"),ERROR.TYPE(3),IFERROR(O129/(IF(F129=120,$G$12,'LDT2,HLDT,MDPV'!$G$11)),\"\")))","v":""}]
[null,null,null,null,null,null,null,null,null,null,null,"","","","","",{"$f":"IF(A130=\"\",\"\",IF(OR(B130=\"\",C130=\"\"),ERROR.TYPE(3),IFERROR(O130/(IF(F130=120,$G$12,'LDT2,HLDT,MDPV'!$G$11)),\"\")))","v":""}]
[null,null,null,null,null,null,null,null,null,null,null,"","","","","",{"$f":"IF(A131=\"\",\"\",IF(OR(B131=\"\",C131=\"\"),ERROR.TYPE(3),IFERROR(O131/(IF(F131=120,$G$12,'LDT2,HLDT,MDPV'!$G$11)),\"\")))","v":""}]
[null,null,null,null,null,null,null,null,null,null,null,"","","","","",{"$f":"IF(A132=\"\",\"\",IF(OR(B132=\"\",C132=\"\"),ERROR.TYPE(3),IFERROR(O132/(IF(F132=120,$G$12,'LDT2,HLDT,MDPV'!$G$11)),\"\")))","v":""}]
[null,null,null,null,null,null,null,null,null,null,null,"","","","","",{"$f":"IF(A133=\"\",\"\",IF(OR(B133=\"\",C133=\"\"),ERROR.TYPE(3),IFERROR(O133/(IF(F133=120,$G$12,'LDT2,HLDT,MDPV'!$G$11)),\"\")))","v":""}]
[null,null,null,null,null,null,null,null,null,null,null,"","","","","",{"$f":"IF(A134=\"\",\"\",IF(OR(B134=\"\",C134=\"\"),ERROR.TYPE(3),IFERROR(O134/(IF(F134=120,$G$12,'LDT2,HLDT,MDPV'!$G$11)),\"\")))","v":""}]
[null,null,null,null,null,null,null,null,null,null,null,"","","","","",{"$f":"IF(A135=\"\",\"\",IF(OR(B135=\"\",C135=\"\"),ERROR.TYPE(3),IFERROR(O135/(IF(F135=120,$G$12,'LDT2,HLDT,MDPV'!$G$11)),\"\")))","v":""}]
[null,null,null,null,null,null,null,null,null,null,null,"","","","","",{"$f":"IF(A136=\"\",\"\",IF(OR(B136=\"\",C136=\"\"),ERROR.TYPE(3),IFERROR(O136/(IF(F136=120,$G$12,'LDT2,HLDT,MDPV'!$G$11)),\"\")))","v":""}]
[null,null,null,null,null,null,null,null,null,null,null,"","","","","",{"$f":"IF(A137=\"\",\"\",IF(OR(B137=\"\",C137=\"\"),ERROR.TYPE(3),IFERROR(O137/(IF(F137=120,$G$12,'LDT2,HLDT,MDPV'!$G$11)),\"\")))","v":""}]
[null,null,null,null,null,null,null,null,null,null,null,"","","","","",{"$f":"IF(A138=\"\",\"\",IF(OR(B138=\"\",C138=\"\"),ERROR.TYPE(3),IFERROR(O138/(IF(F138=120,$G$12,'LDT2,HLDT,MDPV'!$G$11)),\"\")))","v":""}]
[null,null,null,null,null,null,null,null,null,null,null,"","","","","",{"$f":"IF(A139=\"\",\"\",IF(OR(B139=\"\",C139=\"\"),ERROR.TYPE(3),IFERROR(O139/(IF(F139=120,$G$12,'LDT2,HLDT,MDPV'!$G$11)),\"\")))","v":""}]
[null,null,null,null,null,null,null,null,null,null,null,"","","","","",{"$f":"IF(A140=\"\",\"\",IF(OR(B140=\"\",C140=\"\"),ERROR.TYPE(3),IFERROR(O140/(IF(F140=120,$G$12,'LDT2,HLDT,MDPV'!$G$11)),\"\")))","v":""}]
[null,null,null,null,null,null,null,null,null,null,null,"","","","","",{"$f":"IF(A141=\"\",\"\",IF(OR(B141=\"\",C141=\"\"),ERROR.TYPE(3),IFERROR(O141/(IF(F141=120,$G$12,'LDT2,HLDT,MDPV'!$G$11)),\"\")))","v":""}]
[null,null,null,null,null,null,null,null,null,null,null,"","","","","",{"$f":"IF(A142=\"\",\"\",IF(OR(B142=\"\",C142=\"\"),ERROR.TYPE(3),IFERROR(O142/(IF(F142=120,$G$12,'LDT2,HLDT,MDPV'!$G$11)),\"\")))","v":""}]
[null,null,null,null,null,null,null,null,null,null,null,"","","","","",{"$f":"IF(A143=\"\",\"\",IF(OR(B143=\"\",C143=\"\"),ERROR.TYPE(3),IFERROR(O143/(IF(F143=120,$G$12,'LDT2,HLDT,MDPV'!$G$11)),\"\")))","v":""}]
[null,null,null,null,null,null,null,null,null,null,null,"","","","","",{"$f":"IF(A144=\"\",\"\",IF(OR(B144=\"\",C144=\"\"),ERROR.TYPE(3),IFERROR(O144/(IF(F144=120,$G$12,'LDT2,HLDT,MDPV'!$G$11)),\"\")))","v":""}]
[null,null,null,null,null,null,null,null,null,null,null,"","","","","",{"$f":"IF(A145=\"\",\"\",IF(OR(B145=\"\",C145=\"\"),ERROR.TYPE(3),IFERROR(O145/(IF(F145=120,$G$12,'LDT2,HLDT,MDPV'!$G$11)),\"\")))","v":""}]
[null,null,null,null,null,null,null,null,null,null,null,{"$f":"IF(A146=\"\",\"\",IF(B146=160,0.16,IF(B146=125,0.125,IF(B146=110,0.11,IF(B146=85,0.085,IF(B146=\"FED SULEV30\",0.03,IF(B146=70,0.07,IF(B146=50,0.05,IF(B146=30,0.03,IF(B146=20,0.02,IF(B146=0,0,\"n/a\")))))))))))","v":""},{"$f":"IF(L146=\"\",\"\",MAX(0,L146-IF(G146=\"Yes\",0.005,0))-IF(H146=\"Yes\",I146,0))","v":""},{"$f":"IF(A146=\"\",\"\",IF(OR(B146=\"\",C146=\"\"),\"FIX BIN\",J146*M146))","v":""},{"$f":"IF(A146=\"\",\"\",IF(OR(B146=\"\",C146=\"\"),\"FIX BIN\",IFERROR(J146*C146,\"\")))","v":""},{"$f":"IF(A146=\"\",\"\",IF(OR(B146=\"\",C146=\"\"),ERROR.TYPE(3),IFERROR(N146/(IF(E146=120,$G$11,$M$11)),\"\")))","v":""},{"$f":"IF(A146=\"\",\"\",IF(OR(B146=\"\",C146=\"\"),ERROR.TYPE(3),IFERROR(O146/(IF(F146=120,$G$12,'LDT2,HLDT,MDPV'!$G$11)),\"\")))","v":""}]
[null,null,null,null,null,null,null,null,null,null,null,"","","","","",{"$f":"IF(A147=\"\",\"\",IF(OR(B147=\"\",C147=\"\"),ERROR.TYPE(3),IFERROR(O147/(IF(F147=120,$G$12,'LDT2,HLDT,MDPV'!$G$11)),\"\")))","v":""}]
[null,null,null,null,null,null,null,null,null,null,null,"","","","","",{"$f":"IF(A148=\"\",\"\",IF(OR(B148=\"\",C148=\"\"),ERROR.TYPE(3),IFERROR(O148/(IF(F148=120,$G$12,'LDT2,HLDT,MDPV'!$G$11)),\"\")))","v":""}]
[null,null,null,null,null,null,null,null,null,null,null,"","","","","",{"$f":"IF(A149=\"\",\"\",IF(OR(B149=\"\",C149=\"\"),ERROR.TYPE(3),IFERROR(O149/(IF(F149=120,$G$12,'LDT2,HLDT,MDPV'!$G$11)),\"\")))","v":""}]
[null,null,null,null,null,null,null,null,null,null,null,"","","","","",{"$f":"IF(A150=\"\",\"\",IF(OR(B150=\"\",C150=\"\"),ERROR.TYPE(3),IFERROR(O150/(IF(F150=120,$G$12,'LDT2,HLDT,MDPV'!$G$11)),\"\")))","v":""}]
[null,null,null,null,null,null,null,null,null,null,null,"","","","","",{"$f":"IF(A151=\"\",\"\",IF(OR(B151=\"\",C151=\"\"),ERROR.TYPE(3),IFERROR(O151/(IF(F151=120,$G$12,'LDT2,HLDT,MDPV'!$G$11)),\"\")))","v":""}]
[null,null,null,null,null,null,null,null,null,null,null,"","","","","",{"$f":"IF(A152=\"\",\"\",IF(OR(B152=\"\",C152=\"\"),ERROR.TYPE(3),IFERROR(O152/(IF(F152=120,$G$12,'LDT2,HLDT,MDPV'!$G$11)),\"\")))","v":""}]
[null,null,null,null,null,null,null,null,null,null,null,"","","","","",{"$f":"IF(A153=\"\",\"\",IF(OR(B153=\"\",C153=\"\"),ERROR.TYPE(3),IFERROR(O153/(IF(F153=120,$G$12,'LDT2,HLDT,MDPV'!$G$11)),\"\")))","v":""}]
[null,null,null,null,null,null,null,null,null,null,null,"","","","","",{"$f":"IF(A154=\"\",\"\",IF(OR(B154=\"\",C154=\"\"),ERROR.TYPE(3),IFERROR(O154/(IF(F154=120,$G$12,'LDT2,HLDT,MDPV'!$G$11)),\"\")))","v":""}]
[null,null,null,null,null,null,null,null,null,null,null,"","","","","",{"$f":"IF(A155=\"\",\"\",IF(OR(B155=\"\",C155=\"\"),ERROR.TYPE(3),IFERROR(O155/(IF(F155=120,$G$12,'LDT2,HLDT,MDPV'!$G$11)),\"\")))","v":""}]
[null,null,null,null,null,null,null,null,null,null,null,"","","","","",{"$f":"IF(A156=\"\",\"\",IF(OR(B156=\"\",C156=\"\"),ERROR.TYPE(3),IFERROR(O156/(IF(F156=120,$G$12,'LDT2,HLDT,MDPV'!$G$11)),\"\")))","v":""}]
[null,null,null,null,null,null,null,null,null,null,null,"","","","","",{"$f":"IF(A157=\"\",\"\",IF(OR(B157=\"\",C157=\"\"),ERROR.TYPE(3),IFERROR(O157/(IF(F157=120,$G$12,'LDT2,HLDT,MDPV'!$G$11)),\"\")))","v":""}]
[null,null,null,null,null,null,null,null,null,null,null,"","","","","",{"$f":"IF(A158=\"\",\"\",IF(OR(B158=\"\",C158=\"\"),ERROR.TYPE(3),IFERROR(O158/(IF(F158=120,$G$12,'LDT2,HLDT,MDPV'!$G$11)),\"\")))","v":""}]
[null,null,null,null,null,null,null,null,null,null,null,"","","","","",{"$f":"IF(A159=\"\",\"\",IF(OR(B159=\"\",C159=\"\"),ERROR.TYPE(3),IFERROR(O159/(IF(F159=120,$G$12,'LDT2,HLDT,MDPV'!$G$11)),\"\")))","v":""}]
[null,null,null,null,null,null,null,null,null,null,null,"","","","","",{"$f":"IF(A160=\"\",\"\",IF(OR(B160=\"\",C160=\"\"),ERROR.TYPE(3),IFERROR(O160/(IF(F160=120,$G$12,'LDT2,HLDT,MDPV'!$G$11)),\"\")))","v":""}]
[null,null,null,null,null,null,null,null,null,null,null,"","","","","",{"$f":"IF(A161=\"\",\"\",IF(OR(B161=\"\",C161=\"\"),ERROR.TYPE(3),IFERROR(O161/(IF(F161=120,$G$12,'LDT2,HLDT,MDPV'!$G$11)),\"\")))","v":""}]
[null,null,null,null,null,null,null,null,null,null,null,"","","","","",{"$f":"IF(A162=\"\",\"\",IF(OR(B162=\"\",C162=\"\"),ERROR.TYPE(3),IFERROR(O162/(IF(F162=120,$G$12,'LDT2,HLDT,MDPV'!$G$11)),\"\")))","v":""}]
[null,null,null,null,null,null,null,null,null,null,null,"","","","","",{"$f":"IF(A163=\"\",\"\",IF(OR(B163=\"\",C163=\"\"),ERROR.TYPE(3),IFERROR(O163/(IF(F163=120,$G$12,'LDT2,HLDT,MDPV'!$G$11)),\"\")))","v":""}]
[null,null,null,null,null,null,null,null,null,null,null,"","","","","",{"$f":"IF(A164=\"\",\"\",IF(OR(B164=\"\",C164=\"\"),ERROR.TYPE(3),IFERROR(O164/(IF(F164=120,$G$12,'LDT2,HLDT,MDPV'!$G$11)),\"\")))","v":""}]
[null,null,null,null,null,null,null,null,null,null,null,"","","","","",{"$f":"IF(A165=\"\",\"\",IF(OR(B165=\"\",C165=\"\"),ERROR.TYPE(3),IFERROR(O165/(IF(F165=120,$G$12,'LDT2,HLDT,MDPV'!$G$11)),\"\")))","v":""}]
[null,null,null,null,null,null,null,null,null,null,null,"","","","","",{"$f":"IF(A166=\"\",\"\",IF(OR(B166=\"\",C166=\"\"),ERROR.TYPE(3),IFERROR(O166/(IF(F166=120,$G$12,'LDT2,HLDT,MDPV'!$G$11)),\"\")))","v":""}]
[null,null,null,null,null,null,null,null,null,null,null,"","","","","",{"$f":"IF(A167=\"\",\"\",IF(OR(B167=\"\",C167=\"\"),ERROR.TYPE(3),IFERROR(O167/(IF(F167=120,$G$12,'LDT2,HLDT,MDPV'!$G$11)),\"\")))","v":""}]
[null,null,null,null,null,null,null,null,null,null,null,"","","","","",{"$f":"IF(A168=\"\",\"\",IF(OR(B168=\"\",C168=\"\"),ERROR.TYPE(3),IFERROR(O168/(IF(F168=120,$G$12,'LDT2,HLDT,MDPV'!$G$11)),\"\")))","v":""}]
[null,null,null,null,null,null,null,null,null,null,null,"","","","","",{"$f":"IF(A169=\"\",\"\",IF(OR(B169=\"\",C169=\"\"),ERROR.TYPE(3),IFERROR(O169/(IF(F169=120,$G$12,'LDT2,HLDT,MDPV'!$G$11)),\"\")))","v":""}]
[null,null,null,null,null,null,null,null,null,null,null,"","","","","",{"$f":"IF(A170=\"\",\"\",IF(OR(B170=\"\",C170=\"\"),ERROR.TYPE(3),IFERROR(O170/(IF(F170=120,$G$12,'LDT2,HLDT,MDPV'!$G$11)),\"\")))","v":""}]
[null,null,null,null,null,null,null,null,null,null,null,"","","","","",{"$f":"IF(A171=\"\",\"\",IF(OR(B171=\"\",C171=\"\"),ERROR.TYPE(3),IFERROR(O171/(IF(F171=120,$G$12,'LDT2,HLDT,MDPV'!$G$11)),\"\")))","v":""}]
[null,null,null,null,null,null,null,null,null,null,null,"","","","","",{"$f":"IF(A172=\"\",\"\",IF(OR(B172=\"\",C172=\"\"),ERROR.TYPE(3),IFERROR(O172/(IF(F172=120,$G$12,'LDT2,HLDT,MDPV'!$G$11)),\"\")))","v":""}]
[null,null,null,null,null,null,null,null,null,null,null,"","","","","",{"$f":"IF(A173=\"\",\"\",IF(OR(B173=\"\",C173=\"\"),ERROR.TYPE(3),IFERROR(O173/(IF(F173=120,$G$12,'LDT2,HLDT,MDPV'!$G$11)),\"\")))","v":""}]
[null,null,null,null,null,null,null,null,null,null,null,"","","","","",{"$f":"IF(A174=\"\",\"\",IF(OR(B174=\"\",C174=\"\"),ERROR.TYPE(3),IFERROR(O174/(IF(F174=120,$G$12,'LDT2,HLDT,MDPV'!$G$11)),\"\")))","v":""}]
[null,null,null,null,null,null,null,null,null,null,null,"","","","","",{"$f":"IF(A175=\"\",\"\",IF(OR(B175=\"\",C175=\"\"),ERROR.TYPE(3),IFERROR(O175/(IF(F175=120,$G$12,'LDT2,HLDT,MDPV'!$G$11)),\"\")))","v":""}]
[null,null,null,null,null,null,null,null,null,null,null,"","","","","",{"$f":"IF(A176=\"\",\"\",IF(OR(B176=\"\",C176=\"\"),ERROR.TYPE(3),IFERROR(O176/(IF(F176=120,$G$12,'LDT2,HLDT,MDPV'!$G$11)),\"\")))","v":""}]
[null,null,null,null,null,null,null,null,null,null,null,"","","","","",{"$f":"IF(A177=\"\",\"\",IF(OR(B177=\"\",C177=\"\"),ERROR.TYPE(3),IFERROR(O177/(IF(F177=120,$G$12,'LDT2,HLDT,MDPV'!$G$11)),\"\")))","v":""}]
[null,null,null,null,null,null,null,null,null,null,null,"","","","","",{"$f":"IF(A178=\"\",\"\",IF(OR(B178=\"\",C178=\"\"),ERROR.TYPE(3),IFERROR(O178/(IF(F178=120,$G$12,'LDT2,HLDT,MDPV'!$G$11)),\"\")))","v":""}]
[null,null,null,null,null,null,null,null,null,null,null,"","","","","",{"$f":"IF(A179=\"\",\"\",IF(OR(B179=\"\",C179=\"\"),ERROR.TYPE(3),IFERROR(O179/(IF(F179=120,$G$12,'LDT2,HLDT,MDPV'!$G$11)),\"\")))","v":""}]
[null,null,null,null,null,null,null,null,null,null,null,"","","","","",{"$f":"IF(A180=\"\",\"\",IF(OR(B180=\"\",C180=\"\"),ERROR.TYPE(3),IFERROR(O180/(IF(F180=120,$G$12,'LDT2,HLDT,MDPV'!$G$11)),\"\")))","v":""}]
[null,null,null,null,null,null,null,null,null,null,null,"","","","","",{"$f":"IF(A181=\"\",\"\",IF(OR(B181=\"\",C181=\"\"),ERROR.TYPE(3),IFERROR(O181/(IF(F181=120,$G$12,'LDT2,HLDT,MDPV'!$G$11)),\"\")))","v":""}]
[null,null,null,null,null,null,null,null,null,null,null,"","","","","",{"$f":"IF(A182=\"\",\"\",IF(OR(B182=\"\",C182=\"\"),ERROR.TYPE(3),IFERROR(O182/(IF(F182=120,$G$12,'LDT2,HLDT,MDPV'!$G$11)),\"\")))","v":""}]
[null,null,null,null,null,null,null,null,null,null,null,"","","","","",{"$f":"IF(A183=\"\",\"\",IF(OR(B183=\"\",C183=\"\"),ERROR.TYPE(3),IFERROR(O183/(IF(F183=120,$G$12,'LDT2,HLDT,MDPV'!$G$11)),\"\")))","v":""}]
[null,null,null,null,null,null,null,null,null,null,null,"","","","","",{"$f":"IF(A184=\"\",\"\",IF(OR(B184=\"\",C184=\"\"),ERROR.TYPE(3),IFERROR(O184/(IF(F184=120,$G$12,'LDT2,HLDT,MDPV'!$G$11)),\"\")))","v":""}]
[null,null,null,null,null,null,null,null,null,null,null,"","","","","",{"$f":"IF(A185=\"\",\"\",IF(OR(B185=\"\",C185=\"\"),ERROR.TYPE(3),IFERROR(O185/(IF(F185=120,$G$12,'LDT2,HLDT,MDPV'!$G$11)),\"\")))","v":""}]
[null,null,null,null,null,null,null,null,null,null,null,"","","","","",{"$f":"IF(A186=\"\",\"\",IF(OR(B186=\"\",C186=\"\"),ERROR.TYPE(3),IFERROR(O186/(IF(F186=120,$G$12,'LDT2,HLDT,MDPV'!$G$11)),\"\")))","v":""}]
[null,null,null,null,null,null,null,null,null,null,null,"","","","","",{"$f":"IF(A187=\"\",\"\",IF(OR(B187=\"\",C187=\"\"),ERROR.TYPE(3),IFERROR(O187/(IF(F187=120,$G$12,'LDT2,HLDT,MDPV'!$G$11)),\"\")))","v":""}]
[null,null,null,null,null,null,null,null,null,null,null,"","","","","",{"$f":"IF(A188=\"\",\"\",IF(OR(B188=\"\",C188=\"\"),ERROR.TYPE(3),IFERROR(O188/(IF(F188=120,$G$12,'LDT2,HLDT,MDPV'!$G$11)),\"\")))","v":""}]
[null,null,null,null,null,null,null,null,null,null,null,"","","","","",{"$f":"IF(A189=\"\",\"\",IF(OR(B189=\"\",C189=\"\"),ERROR.TYPE(3),IFERROR(O189/(IF(F189=120,$G$12,'LDT2,HLDT,MDPV'!$G$11)),\"\")))","v":""}]
[null,null,null,null,null,null,null,null,null,null,null,"","","","","",{"$f":"IF(A190=\"\",\"\",IF(OR(B190=\"\",C190=\"\"),ERROR.TYPE(3),IFERROR(O190/(IF(F190=120,$G$12,'LDT2,HLDT,MDPV'!$G$11)),\"\")))","v":""}]
[null,null,null,null,null,null,null,null,null,null,null,"","","","","",{"$f":"IF(A191=\"\",\"\",IF(OR(B191=\"\",C191=\"\"),ERROR.TYPE(3),IFERROR(O191/(IF(F191=120,$G$12,'LDT2,HLDT,MDPV'!$G$11)),\"\")))","v":""}]
[null,null,null,null,null,null,null,null,null,null,null,"","","","","",{"$f":"IF(A192=\"\",\"\",IF(OR(B192=\"\",C192=\"\"),ERROR.TYPE(3),IFERROR(O192/(IF(F192=120,$G$12,'LDT2,HLDT,MDPV'!$G$11)),\"\")))","v":""}]
[null,null,null,null,null,null,null,null,null,null,null,"","","","","",{"$f":"IF(A193=\"\",\"\",IF(OR(B193=\"\",C193=\"\"),ERROR.TYPE(3),IFERROR(O193/(IF(F193=120,$G$12,'LDT2,HLDT,MDPV'!$G$11)),\"\")))","v":""}]
[null,null,null,null,null,null,null,null,null,null,null,"","","","","",{"$f":"IF(A194=\"\",\"\",IF(OR(B194=\"\",C194=\"\"),ERROR.TYPE(3),IFERROR(O194/(IF(F194=120,$G$12,'LDT2,HLDT,MDPV'!$G$11)),\"\")))","v":""}]
[null,null,null,null,null,null,null,null,null,null,null,"","","","","",{"$f":"IF(A195=\"\",\"\",IF(OR(B195=\"\",C195=\"\"),ERROR.TYPE(3),IFERROR(O195/(IF(F195=120,$G$12,'LDT2,HLDT,MDPV'!$G$11)),\"\")))","v":""}]
[null,null,null,null,null,null,null,null,null,null,null,"","","","","",{"$f":"IF(A196=\"\",\"\",IF(OR(B196=\"\",C196=\"\"),ERROR.TYPE(3),IFERROR(O196/(IF(F196=120,$G$12,'LDT2,HLDT,MDPV'!$G$11)),\"\")))","v":""}]
[null,null,null,null,null,null,null,null,null,null,null,"","","","","",{"$f":"IF(A197=\"\",\"\",IF(OR(B197=\"\",C197=\"\"),ERROR.TYPE(3),IFERROR(O197/(IF(F197=120,$G$12,'LDT2,HLDT,MDPV'!$G$11)),\"\")))","v":""}]
[null,null,null,null,null,null,null,null,null,null,null,"","","","","",{"$f":"IF(A198=\"\",\"\",IF(OR(B198=\"\",C198=\"\"),ERROR.TYPE(3),IFERROR(O198/(IF(F198=120,$G$12,'LDT2,HLDT,MDPV'!$G$11)),\"\")))","v":""}]
[null,null,null,null,null,null,null,null,null,null,null,"","","","","",{"$f":"IF(A199=\"\",\"\",IF(OR(B199=\"\",C199=\"\"),ERROR.TYPE(3),IFERROR(O199/(IF(F199=120,$G$12,'LDT2,HLDT,MDPV'!$G$11)),\"\")))","v":""}]
[null,null,null,null,null,null,null,null,null,null,null,"","","","","",{"$f":"IF(A200=\"\",\"\",IF(OR(B200=\"\",C200=\"\"),ERROR.TYPE(3),IFERROR(O200/(IF(F200=120,$G$12,'LDT2,HLDT,MDPV'!$G$11)),\"\")))","v":""}]
[null,null,null,null,null,null,null,null,null,null,null,"","","","","",{"$f":"IF(A201=\"\",\"\",IF(OR(B201=\"\",C201=\"\"),ERROR.TYPE(3),IFERROR(O201/(IF(F201=120,$G$12,'LDT2,HLDT,MDPV'!$G$11)),\"\")))","v":""}]
[null,null,null,null,null,null,null,null,null,null,null,"","","","","",{"$f":"IF(A202=\"\",\"\",IF(OR(B202=\"\",C202=\"\"),ERROR.TYPE(3),IFERROR(O202/(IF(F202=120,$G$12,'LDT2,HLDT,MDPV'!$G$11)),\"\")))","v":""}]
[null,null,null,null,null,null,null,null,null,null,null,"","","","","",{"$f":"IF(A203=\"\",\"\",IF(OR(B203=\"\",C203=\"\"),ERROR.TYPE(3),IFERROR(O203/(IF(F203=120,$G$12,'LDT2,HLDT,MDPV'!$G$11)),\"\")))","v":""}]
[null,null,null,null,null,null,null,null,null,null,null,"","","","","",{"$f":"IF(A204=\"\",\"\",IF(OR(B204=\"\",C204=\"\"),ERROR.TYPE(3),IFERROR(O204/(IF(F204=120,$G$12,'LDT2,HLDT,MDPV'!$G$11)),\"\")))","v":""}]
[null,null,null,null,null,null,null,null,null,null,null,"","","","","",{"$f":"IF(A205=\"\",\"\",IF(OR(B205=\"\",C205=\"\"),ERROR.TYPE(3),IFERROR(O205/(IF(F205=120,$G$12,'LDT2,HLDT,MDPV'!$G$11)),\"\")))","v":""}]
[null,null,null,null,null,null,null,null,null,null,null,"","","","","",{"$f":"IF(A206=\"\",\"\",IF(OR(B206=\"\",C206=\"\"),ERROR.TYPE(3),IFERROR(O206/(IF(F206=120,$G$12,'LDT2,HLDT,MDPV'!$G$11)),\"\")))","v":""}]
[null,null,null,null,null,null,null,null,null,null,null,"","","","","",{"$f":"IF(A207=\"\",\"\",IF(OR(B207=\"\",C207=\"\"),ERROR.TYPE(3),IFERROR(O207/(IF(F207=120,$G$12,'LDT2,HLDT,MDPV'!$G$11)),\"\")))","v":""}]
[null,null,null,null,null,null,null,null,null,null,null,"","","","","",{"$f":"IF(A208=\"\",\"\",IF(OR(B208=\"\",C208=\"\"),ERROR.TYPE(3),IFERROR(O208/(IF(F208=120,$G$12,'LDT2,HLDT,MDPV'!$G$11)),\"\")))","v":""}]
[null,null,null,null,null,null,null,null,null,null,null,"","","","","",{"$f":"IF(A209=\"\",\"\",IF(OR(B209=\"\",C209=\"\"),ERROR.TYPE(3),IFERROR(O209/(IF(F209=120,$G$12,'LDT2,HLDT,MDPV'!$G$11)),\"\")))","v":""}]
[null,null,null,null,null,null,null,null,null,null,null,{"$f":"IF(A210=\"\",\"\",IF(B210=160,0.16,IF(B210=125,0.125,IF(B210=110,0.11,IF(B210=85,0.085,IF(B210=\"FED SULEV30\",0.03,IF(B210=70,0.07,IF(B210=50,0.05,IF(B210=30,0.03,IF(B210=20,0.02,IF(B210=0,0,\"n/a\")))))))))))","v":""},{"$f":"IF(L210=\"\",\"\",MAX(0,L210-IF(G210=\"Yes\",0.005,0))-IF(H210=\"Yes\",I210,0))","v":""},{"$f":"IF(A210=\"\",\"\",IF(OR(B210=\"\",C210=\"\"),\"FIX BIN\",J210*M210))","v":""},{"$f":"IF(A210=\"\",\"\",IF(OR(B210=\"\",C210=\"\"),\"FIX BIN\",IFERROR(J210*C210,\"\")))","v":""},{"$f":"IF(A210=\"\",\"\",IF(OR(B210=\"\",C210=\"\"),ERROR.TYPE(3),IFERROR(N210/(IF(E210=120,$G$11,$M$11)),\"\")))","v":""},{"$f":"IF(A210=\"\",\"\",IF(OR(B210=\"\",C210=\"\"),ERROR.TYPE(3),IFERROR(O210/(IF(F210=120,$G$12,'LDT2,HLDT,MDPV'!$G$11)),\"\")))","v":""}]
[null,null,null,null,null,null,null,null,null,null,null,"","","","","",{"$f":"IF(A211=\"\",\"\",IF(OR(B211=\"\",C211=\"\"),ERROR.TYPE(3),IFERROR(O211/(IF(F211=120,$G$12,'LDT2,HLDT,MDPV'!$G$11)),\"\")))","v":""}]
[null,null,null,null,null,null,null,null,null,null,null,"","","","","",{"$f":"IF(A212=\"\",\"\",IF(OR(B212=\"\",C212=\"\"),ERROR.TYPE(3),IFERROR(O212/(IF(F212=120,$G$12,'LDT2,HLDT,MDPV'!$G$11)),\"\")))","v":""}]
[null,null,null,null,null,null,null,null,null,null,null,"","","","","",{"$f":"IF(A213=\"\",\"\",IF(OR(B213=\"\",C213=\"\"),ERROR.TYPE(3),IFERROR(O213/(IF(F213=120,$G$12,'LDT2,HLDT,MDPV'!$G$11)),\"\")))","v":""}]
[null,null,null,null,null,null,null,null,null,null,null,"","","","","",{"$f":"IF(A214=\"\",\"\",IF(OR(B214=\"\",C214=\"\"),ERROR.TYPE(3),IFERROR(O214/(IF(F214=120,$G$12,'LDT2,HLDT,MDPV'!$G$11)),\"\")))","v":""}]
[null,null,null,null,null,null,null,null,null,null,null,"","","","","",{"$f":"IF(A215=\"\",\"\",IF(OR(B215=\"\",C215=\"\"),ERROR.TYPE(3),IFERROR(O215/(IF(F215=120,$G$12,'LDT2,HLDT,MDPV'!$G$11)),\"\")))","v":""}]
[null,null,null,null,null,null,null,null,null,null,null,"","","","","",{"$f":"IF(A216=\"\",\"\",IF(OR(B216=\"\",C216=\"\"),ERROR.TYPE(3),IFERROR(O216/(IF(F216=120,$G$12,'LDT2,HLDT,MDPV'!$G$11)),\"\")))","v":""}]
[null,null,null,null,null,null,null,null,null,null,null,"","","","","",{"$f":"IF(A217=\"\",\"\",IF(OR(B217=\"\",C217=\"\"),ERROR.TYPE(3),IFERROR(O217/(IF(F217=120,$G$12,'LDT2,HLDT,MDPV'!$G$11)),\"\")))","v":""}]
[null,null,null,null,null,null,null,null,null,null,null,"","","","","",{"$f":"IF(A218=\"\",\"\",IF(OR(B218=\"\",C218=\"\"),ERROR.TYPE(3),IFERROR(O218/(IF(F218=120,$G$12,'LDT2,HLDT,MDPV'!$G$11)),\"\")))","v":""}]
[null,null,null,null,null,null,null,null,null,null,null,"","","","","",{"$f":"IF(A219=\"\",\"\",IF(OR(B219=\"\",C219=\"\"),ERROR.TYPE(3),IFERROR(O219/(IF(F219=120,$G$12,'LDT2,HLDT,MDPV'!$G$11)),\"\")))","v":""}]
[null,null,null,null,null,null,null,null,null,null,null,"","","","","",{"$f":"IF(A220=\"\",\"\",IF(OR(B220=\"\",C220=\"\"),ERROR.TYPE(3),IFERROR(O220/(IF(F220=120,$G$12,'LDT2,HLDT,MDPV'!$G$11)),\"\")))","v":""}]
[null,null,null,null,null,null,null,null,null,null,null,"","","","","",{"$f":"IF(A221=\"\",\"\",IF(OR(B221=\"\",C221=\"\"),ERROR.TYPE(3),IFERROR(O221/(IF(F221=120,$G$12,'LDT2,HLDT,MDPV'!$G$11)),\"\")))","v":""}]
[null,null,null,null,null,null,null,null,null,null,null,"","","","","",{"$f":"IF(A222=\"\",\"\",IF(OR(B222=\"\",C222=\"\"),ERROR.TYPE(3),IFERROR(O222/(IF(F222=120,$G$12,'LDT2,HLDT,MDPV'!$G$11)),\"\")))","v":""}]
[null,null,null,null,null,null,null,null,null,null,null,"","","","","",{"$f":"IF(A223=\"\",\"\",IF(OR(B223=\"\",C223=\"\"),ERROR.TYPE(3),IFERROR(O223/(IF(F223=120,$G$12,'LDT2,HLDT,MDPV'!$G$11)),\"\")))","v":""}]
[null,null,null,null,null,null,null,null,null,null,null,"","","","","",{"$f":"IF(A224=\"\",\"\",IF(OR(B224=\"\",C224=\"\"),ERROR.TYPE(3),IFERROR(O224/(IF(F224=120,$G$12,'LDT2,HLDT,MDPV'!$G$11)),\"\")))","v":""}]
[null,null,null,null,null,null,null,null,null,null,null,"","","","","",{"$f":"IF(A225=\"\",\"\",IF(OR(B225=\"\",C225=\"\"),ERROR.TYPE(3),IFERROR(O225/(IF(F225=120,$G$12,'LDT2,HLDT,MDPV'!$G$11)),\"\")))","v":""}]
[null,null,null,null,null,null,null,null,null,null,null,"","","","","",{"$f":"IF(A226=\"\",\"\",IF(OR(B226=\"\",C226=\"\"),ERROR.TYPE(3),IFERROR(O226/(IF(F226=120,$G$12,'LDT2,HLDT,MDPV'!$G$11)),\"\")))","v":""}]
[null,null,null,null,null,null,null,null,null,null,null,"","","","","",{"$f":"IF(A227=\"\",\"\",IF(OR(B227=\"\",C227=\"\"),ERROR.TYPE(3),IFERROR(O227/(IF(F227=120,$G$12,'LDT2,HLDT,MDPV'!$G$11)),\"\")))","v":""}]
[null,null,null,null,null,null,null,null,null,null,null,"","","","","",{"$f":"IF(A228=\"\",\"\",IF(OR(B228=\"\",C228=\"\"),ERROR.TYPE(3),IFERROR(O228/(IF(F228=120,$G$12,'LDT2,HLDT,MDPV'!$G$11)),\"\")))","v":""}]
[null,null,null,null,null,null,null,null,null,null,null,"","","","","",{"$f":"IF(A229=\"\",\"\",IF(OR(B229=\"\",C229=\"\"),ERROR.TYPE(3),IFERROR(O229/(IF(F229=120,$G$12,'LDT2,HLDT,MDPV'!$G$11)),\"\")))","v":""}]
[null,null,null,null,null,null,null,null,null,null,null,"","","","","",{"$f":"IF(A230=\"\",\"\",IF(OR(B230=\"\",C230=\"\"),ERROR.TYPE(3),IFERROR(O230/(IF(F230=120,$G$12,'LDT2,HLDT,MDPV'!$G$11)),\"\")))","v":""}]
[null,null,null,null,null,null,null,null,null,null,null,"","","","","",{"$f":"IF(A231=\"\",\"\",IF(OR(B231=\"\",C231=\"\"),ERROR.TYPE(3),IFERROR(O231/(IF(F231=120,$G$12,'LDT2,HLDT,MDPV'!$G$11)),\"\")))","v":""}]
[null,null,null,null,null,null,null,null,null,null,null,"","","","","",{"$f":"IF(A232=\"\",\"\",IF(OR(B232=\"\",C232=\"\"),ERROR.TYPE(3),IFERROR(O232/(IF(F232=120,$G$12,'LDT2,HLDT,MDPV'!$G$11)),\"\")))","v":""}]
[null,null,null,null,null,null,null,null,null,null,null,"","","","","",{"$f":"IF(A233=\"\",\"\",IF(OR(B233=\"\",C233=\"\"),ERROR.TYPE(3),IFERROR(O233/(IF(F233=120,$G$12,'LDT2,HLDT,MDPV'!$G$11)),\"\")))","v":""}]
[null,null,null,null,null,null,null,null,null,null,null,"","","","","",{"$f":"IF(A234=\"\",\"\",IF(OR(B234=\"\",C234=\"\"),ERROR.TYPE(3),IFERROR(O234/(IF(F234=120,$G$12,'LDT2,HLDT,MDPV'!$G$11)),\"\")))","v":""}]
[null,null,null,null,null,null,null,null,null,null,null,"","","","","",{"$f":"IF(A235=\"\",\"\",IF(OR(B235=\"\",C235=\"\"),ERROR.TYPE(3),IFERROR(O235/(IF(F235=120,$G$12,'LDT2,HLDT,MDPV'!$G$11)),\"\")))","v":""}]
[null,null,null,null,null,null,null,null,null,null,null,"","","","","",{"$f":"IF(A236=\"\",\"\",IF(OR(B236=\"\",C236=\"\"),ERROR.TYPE(3),IFERROR(O236/(IF(F236=120,$G$12,'LDT2,HLDT,MDPV'!$G$11)),\"\")))","v":""}]
[null,null,null,null,null,null,null,null,null,null,null,"","","","","",{"$f":"IF(A237=\"\",\"\",IF(OR(B237=\"\",C237=\"\"),ERROR.TYPE(3),IFERROR(O237/(IF(F237=120,$G$12,'LDT2,HLDT,MDPV'!$G$11)),\"\")))","v":""}]
[null,null,null,null,null,null,null,null,null,null,null,"","","","","",{"$f":"IF(A238=\"\",\"\",IF(OR(B238=\"\",C238=\"\"),ERROR.TYPE(3),IFERROR(O238/(IF(F238=120,$G$12,'LDT2,HLDT,MDPV'!$G$11)),\"\")))","v":""}]
[null,null,null,null,null,null,null,null,null,null,null,"","","","","",{"$f":"IF(A239=\"\",\"\",IF(OR(B239=\"\",C239=\"\"),ERROR.TYPE(3),IFERROR(O239/(IF(F239=120,$G$12,'LDT2,HLDT,MDPV'!$G$11)),\"\")))","v":""}]
[null,null,null,null,null,null,null,null,null,null,null,"","","","","",{"$f":"IF(A240=\"\",\"\",IF(OR(B240=\"\",C240=\"\"),ERROR.TYPE(3),IFERROR(O240/(IF(F240=120,$G$12,'LDT2,HLDT,MDPV'!$G$11)),\"\")))","v":""}]
[null,null,null,null,null,null,null,null,null,null,null,"","","","","",{"$f":"IF(A241=\"\",\"\",IF(OR(B241=\"\",C241=\"\"),ERROR.TYPE(3),IFERROR(O241/(IF(F241=120,$G$12,'LDT2,HLDT,MDPV'!$G$11)),\"\")))","v":""}]
[null,null,null,null,null,null,null,null,null,null,null,"","","","","",{"$f":"IF(A242=\"\",\"\",IF(OR(B242=\"\",C242=\"\"),ERROR.TYPE(3),IFERROR(O242/(IF(F242=120,$G$12,'LDT2,HLDT,MDPV'!$G$11)),\"\")))","v":""}]
[null,null,null,null,null,null,null,null,null,null,null,"","","","","",{"$f":"IF(A243=\"\",\"\",IF(OR(B243=\"\",C243=\"\"),ERROR.TYPE(3),IFERROR(O243/(IF(F243=120,$G$12,'LDT2,HLDT,MDPV'!$G$11)),\"\")))","v":""}]
[null,null,null,null,null,null,null,null,null,null,null,"","","","","",{"$f":"IF(A244=\"\",\"\",IF(OR(B244=\"\",C244=\"\"),ERROR.TYPE(3),IFERROR(O244/(IF(F244=120,$G$12,'LDT2,HLDT,MDPV'!$G$11)),\"\")))","v":""}]
[null,null,null,null,null,null,null,null,null,null,null,"","","","","",{"$f":"IF(A245=\"\",\"\",IF(OR(B245=\"\",C245=\"\"),ERROR.TYPE(3),IFERROR(O245/(IF(F245=120,$G$12,'LDT2,HLDT,MDPV'!$G$11)),\"\")))","v":""}]
[null,null,null,null,null,null,null,null,null,null,null,"","","","","",{"$f":"IF(A246=\"\",\"\",IF(OR(B246=\"\",C246=\"\"),ERROR.TYPE(3),IFERROR(O246/(IF(F246=120,$G$12,'LDT2,HLDT,MDPV'!$G$11)),\"\")))","v":""}]
[null,null,null,null,null,null,null,null,null,null,null,"","","","","",{"$f":"IF(A247=\"\",\"\",IF(OR(B247=\"\",C247=\"\"),ERROR.TYPE(3),IFERROR(O247/(IF(F247=120,$G$12,'LDT2,HLDT,MDPV'!$G$11)),\"\")))","v":""}]
[null,null,null,null,null,null,null,null,null,null,null,"","","","","",{"$f":"IF(A248=\"\",\"\",IF(OR(B248=\"\",C248=\"\"),ERROR.TYPE(3),IFERROR(O248/(IF(F248=120,$G$12,'LDT2,HLDT,MDPV'!$G$11)),\"\")))","v":""}]
[null,null,null,null,null,null,null,null,null,null,null,"","","","","",{"$f":"IF(A249=\"\",\"\",IF(OR(B249=\"\",C249=\"\"),ERROR.TYPE(3),IFERROR(O249/(IF(F249=120,$G$12,'LDT2,HLDT,MDPV'!$G$11)),\"\")))","v":""}]
[null,null,null,null,null,null,null,null,null,null,null,"","","","","",{"$f":"IF(A250=\"\",\"\",IF(OR(B250=\"\",C250=\"\"),ERROR.TYPE(3),IFERROR(O250/(IF(F250=120,$G$12,'LDT2,HLDT,MDPV'!$G$11)),\"\")))","v":""}]
[null,null,null,null,null,null,null,null,null,null,null,"","","","","",{"$f":"IF(A251=\"\",\"\",IF(OR(B251=\"\",C251=\"\"),ERROR.TYPE(3),IFERROR(O251/(IF(F251=120,$G$12,'LDT2,HLDT,MDPV'!$G$11)),\"\")))","v":""}]
[null,null,null,null,null,null,null,null,null,null,null,"","","","","",{"$f":"IF(A252=\"\",\"\",IF(OR(B252=\"\",C252=\"\"),ERROR.TYPE(3),IFERROR(O252/(IF(F252=120,$G$12,'LDT2,HLDT,MDPV'!$G$11)),\"\")))","v":""}]
[null,null,null,null,null,null,null,null,null,null,null,"","","","","",{"$f":"IF(A253=\"\",\"\",IF(OR(B253=\"\",C253=\"\"),ERROR.TYPE(3),IFERROR(O253/(IF(F253=120,$G$12,'LDT2,HLDT,MDPV'!$G$11)),\"\")))","v":""}]
[null,null,null,null,null,null,null,null,null,null,null,"","","","","",{"$f":"IF(A254=\"\",\"\",IF(OR(B254=\"\",C254=\"\"),ERROR.TYPE(3),IFERROR(O254/(IF(F254=120,$G$12,'LDT2,HLDT,MDPV'!$G$11)),\"\")))","v":""}]
[null,null,null,null,null,null,null,null,null,null,null,"","","","","",{"$f":"IF(A255=\"\",\"\",IF(OR(B255=\"\",C255=\"\"),ERROR.TYPE(3),IFERROR(O255/(IF(F255=120,$G$12,'LDT2,HLDT,MDPV'!$G$11)),\"\")))","v":""}]
[null,null,null,null,null,null,null,null,null,null,null,"","","","","",{"$f":"IF(A256=\"\",\"\",IF(OR(B256=\"\",C256=\"\"),ERROR.TYPE(3),IFERROR(O256/(IF(F256=120,$G$12,'LDT2,HLDT,MDPV'!$G$11)),\"\")))","v":""}]
[null,null,null,null,null,null,null,null,null,null,null,"","","","","",{"$f":"IF(A257=\"\",\"\",IF(OR(B257=\"\",C257=\"\"),ERROR.TYPE(3),IFERROR(O257/(IF(F257=120,$G$12,'LDT2,HLDT,MDPV'!$G$11)),\"\")))","v":""}]
[null,null,null,null,null,null,null,null,null,null,null,"","","","","",{"$f":"IF(A258=\"\",\"\",IF(OR(B258=\"\",C258=\"\"),ERROR.TYPE(3),IFERROR(O258/(IF(F258=120,$G$12,'LDT2,HLDT,MDPV'!$G$11)),\"\")))","v":""}]
[null,null,null,null,null,null,null,null,null,null,null,"","","","","",{"$f":"IF(A259=\"\",\"\",IF(OR(B259=\"\",C259=\"\"),ERROR.TYPE(3),IFERROR(O259/(IF(F259=120,$G$12,'LDT2,HLDT,MDPV'!$G$11)),\"\")))","v":""}]
[null,null,null,null,null,null,null,null,null,null,null,"","","","","",{"$f":"IF(A260=\"\",\"\",IF(OR(B260=\"\",C260=\"\"),ERROR.TYPE(3),IFERROR(O260/(IF(F260=120,$G$12,'LDT2,HLDT,MDPV'!$G$11)),\"\")))","v":""}]
[null,null,null,null,null,null,null,null,null,null,null,"","","","","",{"$f":"IF(A261=\"\",\"\",IF(OR(B261=\"\",C261=\"\"),ERROR.TYPE(3),IFERROR(O261/(IF(F261=120,$G$12,'LDT2,HLDT,MDPV'!$G$11)),\"\")))","v":""}]
[null,null,null,null,null,null,null,null,null,null,null,"","","","","",{"$f":"IF(A262=\"\",\"\",IF(OR(B262=\"\",C262=\"\"),ERROR.TYPE(3),IFERROR(O262/(IF(F262=120,$G$12,'LDT2,HLDT,MDPV'!$G$11)),\"\")))","v":""}]
[null,null,null,null,null,null,null,null,null,null,null,"","","","","",{"$f":"IF(A263=\"\",\"\",IF(OR(B263=\"\",C263=\"\"),ERROR.TYPE(3),IFERROR(O263/(IF(F263=120,$G$12,'LDT2,HLDT,MDPV'!$G$11)),\"\")))","v":""}]
[null,null,null,null,null,null,null,null,null,null,null,"","","","","",{"$f":"IF(A264=\"\",\"\",IF(OR(B264=\"\",C264=\"\"),ERROR.TYPE(3),IFERROR(O264/(IF(F264=120,$G$12,'LDT2,HLDT,MDPV'!$G$11)),\"\")))","v":""}]
[null,null,null,null,null,null,null,null,null,null,null,"","","","","",{"$f":"IF(A265=\"\",\"\",IF(OR(B265=\"\",C265=\"\"),ERROR.TYPE(3),IFERROR(O265/(IF(F265=120,$G$12,'LDT2,HLDT,MDPV'!$G$11)),\"\")))","v":""}]
[null,null,null,null,null,null,null,null,null,null,null,"","","","","",{"$f":"IF(A266=\"\",\"\",IF(OR(B266=\"\",C266=\"\"),ERROR.TYPE(3),IFERROR(O266/(IF(F266=120,$G$12,'LDT2,HLDT,MDPV'!$G$11)),\"\")))","v":""}]
[null,null,null,null,null,null,null,null,null,null,null,"","","","","",{"$f":"IF(A267=\"\",\"\",IF(OR(B267=\"\",C267=\"\"),ERROR.TYPE(3),IFERROR(O267/(IF(F267=120,$G$12,'LDT2,HLDT,MDPV'!$G$11)),\"\")))","v":""}]
[null,null,null,null,null,null,null,null,null,null,null,"","","","","",{"$f":"IF(A268=\"\",\"\",IF(OR(B268=\"\",C268=\"\"),ERROR.TYPE(3),IFERROR(O268/(IF(F268=120,$G$12,'LDT2,HLDT,MDPV'!$G$11)),\"\")))","v":""}]
[null,null,null,null,null,null,null,null,null,null,null,"","","","","",{"$f":"IF(A269=\"\",\"\",IF(OR(B269=\"\",C269=\"\"),ERROR.TYPE(3),IFERROR(O269/(IF(F269=120,$G$12,'LDT2,HLDT,MDPV'!$G$11)),\"\")))","v":""}]
[null,null,null,null,null,null,null,null,null,null,null,"","","","","",{"$f":"IF(A270=\"\",\"\",IF(OR(B270=\"\",C270=\"\"),ERROR.TYPE(3),IFERROR(O270/(IF(F270=120,$G$12,'LDT2,HLDT,MDPV'!$G$11)),\"\")))","v":""}]
[null,null,null,null,null,null,null,null,null,null,null,"","","","","",{"$f":"IF(A271=\"\",\"\",IF(OR(B271=\"\",C271=\"\"),ERROR.TYPE(3),IFERROR(O271/(IF(F271=120,$G$12,'LDT2,HLDT,MDPV'!$G$11)),\"\")))","v":""}]
[null,null,null,null,null,null,null,null,null,null,null,"","","","","",{"$f":"IF(A272=\"\",\"\",IF(OR(B272=\"\",C272=\"\"),ERROR.TYPE(3),IFERROR(O272/(IF(F272=120,$G$12,'LDT2,HLDT,MDPV'!$G$11)),\"\")))","v":""}]
[null,null,null,null,null,null,null,null,null,null,null,"","","","","",{"$f":"IF(A273=\"\",\"\",IF(OR(B273=\"\",C273=\"\"),ERROR.TYPE(3),IFERROR(O273/(IF(F273=120,$G$12,'LDT2,HLDT,MDPV'!$G$11)),\"\")))","v":""}]
[null,null,null,null,null,null,null,null,null,null,null,{"$f":"IF(A274=\"\",\"\",IF(B274=160,0.16,IF(B274=125,0.125,IF(B274=110,0.11,IF(B274=85,0.085,IF(B274=\"FED SULEV30\",0.03,IF(B274=70,0.07,IF(B274=50,0.05,IF(B274=30,0.03,IF(B274=20,0.02,IF(B274=0,0,\"n/a\")))))))))))","v":""},{"$f":"IF(L274=\"\",\"\",MAX(0,L274-IF(G274=\"Yes\",0.005,0))-IF(H274=\"Yes\",I274,0))","v":""},{"$f":"IF(A274=\"\",\"\",IF(OR(B274=\"\",C274=\"\"),\"FIX BIN\",J274*M274))","v":""},{"$f":"IF(A274=\"\",\"\",IF(OR(B274=\"\",C274=\"\"),\"FIX BIN\",IFERROR(J274*C274,\"\")))","v":""},{"$f":"IF(A274=\"\",\"\",IF(OR(B274=\"\",C274=\"\"),ERROR.TYPE(3),IFERROR(N274/(IF(E274=120,$G$11,$M$11)),\"\")))","v":""},{"$f":"IF(A274=\"\",\"\",IF(OR(B274=\"\",C274=\"\"),ERROR.TYPE(3),IFERROR(O274/(IF(F274=120,$G$12,'LDT2,HLDT,MDPV'!$G$11)),\"\")))","v":""}]
[null,null,null,null,null,null,null,null,null,null,null,"","","","","",{"$f":"IF(A275=\"\",\"\",IF(OR(B275=\"\",C275=\"\"),ERROR.TYPE(3),IFERROR(O275/(IF(F275=120,$G$12,'LDT2,HLDT,MDPV'!$G$11)),\"\")))","v":""}]
[null,null,null,null,null,null,null,null,null,null,null,"","","","","",{"$f":"IF(A276=\"\",\"\",IF(OR(B276=\"\",C276=\"\"),ERROR.TYPE(3),IFERROR(O276/(IF(F276=120,$G$12,'LDT2,HLDT,MDPV'!$G$11)),\"\")))","v":""}]
[null,null,null,null,null,null,null,null,null,null,null,"","","","","",{"$f":"IF(A277=\"\",\"\",IF(OR(B277=\"\",C277=\"\"),ERROR.TYPE(3),IFERROR(O277/(IF(F277=120,$G$12,'LDT2,HLDT,MDPV'!$G$11)),\"\")))","v":""}]
[null,null,null,null,null,null,null,null,null,null,null,"","","","","",{"$f":"IF(A278=\"\",\"\",IF(OR(B278=\"\",C278=\"\"),ERROR.TYPE(3),IFERROR(O278/(IF(F278=120,$G$12,'LDT2,HLDT,MDPV'!$G$11)),\"\")))","v":""}]
[null,null,null,null,null,null,null,null,null,null,null,"","","","","",{"$f":"IF(A279=\"\",\"\",IF(OR(B279=\"\",C279=\"\"),ERROR.TYPE(3),IFERROR(O279/(IF(F279=120,$G$12,'LDT2,HLDT,MDPV'!$G$11)),\"\")))","v":""}]
[null,null,null,null,null,null,null,null,null,null,null,"","","","","",{"$f":"IF(A280=\"\",\"\",IF(OR(B280=\"\",C280=\"\"),ERROR.TYPE(3),IFERROR(O280/(IF(F280=120,$G$12,'LDT2,HLDT,MDPV'!$G$11)),\"\")))","v":""}]
[null,null,null,null,null,null,null,null,null,null,null,"","","","","",{"$f":"IF(A281=\"\",\"\",IF(OR(B281=\"\",C281=\"\"),ERROR.TYPE(3),IFERROR(O281/(IF(F281=120,$G$12,'LDT2,HLDT,MDPV'!$G$11)),\"\")))","v":""}]
[null,null,null,null,null,null,null,null,null,null,null,"","","","","",{"$f":"IF(A282=\"\",\"\",IF(OR(B282=\"\",C282=\"\"),ERROR.TYPE(3),IFERROR(O282/(IF(F282=120,$G$12,'LDT2,HLDT,MDPV'!$G$11)),\"\")))","v":""}]
[null,null,null,null,null,null,null,null,null,null,null,"","","","","",{"$f":"IF(A283=\"\",\"\",IF(OR(B283=\"\",C283=\"\"),ERROR.TYPE(3),IFERROR(O283/(IF(F283=120,$G$12,'LDT2,HLDT,MDPV'!$G$11)),\"\")))","v":""}]
[null,null,null,null,null,null,null,null,null,null,null,"","","","","",{"$f":"IF(A284=\"\",\"\",IF(OR(B284=\"\",C284=\"\"),ERROR.TYPE(3),IFERROR(O284/(IF(F284=120,$G$12,'LDT2,HLDT,MDPV'!$G$11)),\"\")))","v":""}]
[null,null,null,null,null,null,null,null,null,null,null,"","","","","",{"$f":"IF(A285=\"\",\"\",IF(OR(B285=\"\",C285=\"\"),ERROR.TYPE(3),IFERROR(O285/(IF(F285=120,$G$12,'LDT2,HLDT,MDPV'!$G$11)),\"\")))","v":""}]
[null,null,null,null,null,null,null,null,null,null,null,"","","","","",{"$f":"IF(A286=\"\",\"\",IF(OR(B286=\"\",C286=\"\"),ERROR.TYPE(3),IFERROR(O286/(IF(F286=120,$G$12,'LDT2,HLDT,MDPV'!$G$11)),\"\")))","v":""}]
[null,null,null,null,null,null,null,null,null,null,null,"","","","","",{"$f":"IF(A287=\"\",\"\",IF(OR(B287=\"\",C287=\"\"),ERROR.TYPE(3),IFERROR(O287/(IF(F287=120,$G$12,'LDT2,HLDT,MDPV'!$G$11)),\"\")))","v":""}]
[null,null,null,null,null,null,null,null,null,null,null,"","","","","",{"$f":"IF(A288=\"\",\"\",IF(OR(B288=\"\",C288=\"\"),ERROR.TYPE(3),IFERROR(O288/(IF(F288=120,$G$12,'LDT2,HLDT,MDPV'!$G$11)),\"\")))","v":""}]
[null,null,null,null,null,null,null,null,null,null,null,"","","","","",{"$f":"IF(A289=\"\",\"\",IF(OR(B289=\"\",C289=\"\"),ERROR.TYPE(3),IFERROR(O289/(IF(F289=120,$G$12,'LDT2,HLDT,MDPV'!$G$11)),\"\")))","v":""}]
[null,null,null,null,null,null,null,null,null,null,null,"","","","","",{"$f":"IF(A290=\"\",\"\",IF(OR(B290=\"\",C290=\"\"),ERROR.TYPE(3),IFERROR(O290/(IF(F290=120,$G$12,'LDT2,HLDT,MDPV'!$G$11)),\"\")))","v":""}]
[null,null,null,null,null,null,null,null,null,null,null,"","","","","",{"$f":"IF(A291=\"\",\"\",IF(OR(B291=\"\",C291=\"\"),ERROR.TYPE(3),IFERROR(O291/(IF(F291=120,$G$12,'LDT2,HLDT,MDPV'!$G$11)),\"\")))","v":""}]
[null,null,null,null,null,null,null,null,null,null,null,"","","","","",{"$f":"IF(A292=\"\",\"\",IF(OR(B292=\"\",C292=\"\"),ERROR.TYPE(3),IFERROR(O292/(IF(F292=120,$G$12,'LDT2,HLDT,MDPV'!$G$11)),\"\")))","v":""}]
[null,null,null,null,null,null,null,null,null,null,null,"","","","","",{"$f":"IF(A293=\"\",\"\",IF(OR(B293=\"\",C293=\"\"),ERROR.TYPE(3),IFERROR(O293/(IF(F293=120,$G$12,'LDT2,HLDT,MDPV'!$G$11)),\"\")))","v":""}]
[null,null,null,null,null,null,null,null,null,null,null,"","","","","",{"$f":"IF(A294=\"\",\"\",IF(OR(B294=\"\",C294=\"\"),ERROR.TYPE(3),IFERROR(O294/(IF(F294=120,$G$12,'LDT2,HLDT,MDPV'!$G$11)),\"\")))","v":""}]
[null,null,null,null,null,null,null,null,null,null,null,"","","","","",{"$f":"IF(A295=\"\",\"\",IF(OR(B295=\"\",C295=\"\"),ERROR.TYPE(3),IFERROR(O295/(IF(F295=120,$G$12,'LDT2,HLDT,MDPV'!$G$11)),\"\")))","v":""}]
[null,null,null,null,null,null,null,null,null,null,null,"","","","","",{"$f":"IF(A296=\"\",\"\",IF(OR(B296=\"\",C296=\"\"),ERROR.TYPE(3),IFERROR(O296/(IF(F296=120,$G$12,'LDT2,HLDT,MDPV'!$G$11)),\"\")))","v":""}]
[null,null,null,null,null,null,null,null,null,null,null,"","","","","",{"$f":"IF(A297=\"\",\"\",IF(OR(B297=\"\",C297=\"\"),ERROR.TYPE(3),IFERROR(O297/(IF(F297=120,$G$12,'LDT2,HLDT,MDPV'!$G$11)),\"\")))","v":""}]
[null,null,null,null,null,null,null,null,null,null,null,"","","","","",{"$f":"IF(A298=\"\",\"\",IF(OR(B298=\"\",C298=\"\"),ERROR.TYPE(3),IFERROR(O298/(IF(F298=120,$G$12,'LDT2,HLDT,MDPV'!$G$11)),\"\")))","v":""}]
[null,null,null,null,null,null,null,null,null,null,null,"","","","","",{"$f":"IF(A299=\"\",\"\",IF(OR(B299=\"\",C299=\"\"),ERROR.TYPE(3),IFERROR(O299/(IF(F299=120,$G$12,'LDT2,HLDT,MDPV'!$G$11)),\"\")))","v":""}]
[null,null,null,null,null,null,null,null,null,null,null,"","","","","",{"$f":"IF(A300=\"\",\"\",IF(OR(B300=\"\",C300=\"\"),ERROR.TYPE(3),IFERROR(O300/(IF(F300=120,$G$12,'LDT2,HLDT,MDPV'!$G$11)),\"\")))","v":""}]
[null,null,null,null,null,null,null,null,null,null,null,"","","","","",{"$f":"IF(A301=\"\",\"\",IF(OR(B301=\"\",C301=\"\"),ERROR.TYPE(3),IFERROR(O301/(IF(F301=120,$G$12,'LDT2,HLDT,MDPV'!$G$11)),\"\")))","v":""}]
[null,null,null,null,null,null,null,null,null,null,null,"","","","","",{"$f":"IF(A302=\"\",\"\",IF(OR(B302=\"\",C302=\"\"),ERROR.TYPE(3),IFERROR(O302/(IF(F302=120,$G$12,'LDT2,HLDT,MDPV'!$G$11)),\"\")))","v":""}]
[null,null,null,null,null,null,null,null,null,null,null,"","","","","",{"$f":"IF(A303=\"\",\"\",IF(OR(B303=\"\",C303=\"\"),ERROR.TYPE(3),IFERROR(O303/(IF(F303=120,$G$12,'LDT2,HLDT,MDPV'!$G$11)),\"\")))","v":""}]
[null,null,null,null,null,null,null,null,null,null,null,"","","","","",{"$f":"IF(A304=\"\",\"\",IF(OR(B304=\"\",C304=\"\"),ERROR.TYPE(3),IFERROR(O304/(IF(F304=120,$G$12,'LDT2,HLDT,MDPV'!$G$11)),\"\")))","v":""}]
[null,null,null,null,null,null,null,null,null,null,null,"","","","","",{"$f":"IF(A305=\"\",\"\",IF(OR(B305=\"\",C305=\"\"),ERROR.TYPE(3),IFERROR(O305/(IF(F305=120,$G$12,'LDT2,HLDT,MDPV'!$G$11)),\"\")))","v":""}]
[null,null,null,null,null,null,null,null,null,null,null,"","","","","",{"$f":"IF(A306=\"\",\"\",IF(OR(B306=\"\",C306=\"\"),ERROR.TYPE(3),IFERROR(O306/(IF(F306=120,$G$12,'LDT2,HLDT,MDPV'!$G$11)),\"\")))","v":""}]
[null,null,null,null,null,null,null,null,null,null,null,"","","","","",{"$f":"IF(A307=\"\",\"\",IF(OR(B307=\"\",C307=\"\"),ERROR.TYPE(3),IFERROR(O307/(IF(F307=120,$G$12,'LDT2,HLDT,MDPV'!$G$11)),\"\")))","v":""}]
[null,null,null,null,null,null,null,null,null,null,null,"","","","","",{"$f":"IF(A308=\"\",\"\",IF(OR(B308=\"\",C308=\"\"),ERROR.TYPE(3),IFERROR(O308/(IF(F308=120,$G$12,'LDT2,HLDT,MDPV'!$G$11)),\"\")))","v":""}]
[null,null,null,null,null,null,null,null,null,null,null,"","","","","",{"$f":"IF(A309=\"\",\"\",IF(OR(B309=\"\",C309=\"\"),ERROR.TYPE(3),IFERROR(O309/(IF(F309=120,$G$12,'LDT2,HLDT,MDPV'!$G$11)),\"\")))","v":""}]
[null,null,null,null,null,null,null,null,null,null,null,"","","","","",{"$f":"IF(A310=\"\",\"\",IF(OR(B310=\"\",C310=\"\"),ERROR.TYPE(3),IFERROR(O310/(IF(F310=120,$G$12,'LDT2,HLDT,MDPV'!$G$11)),\"\")))","v":""}]
[null,null,null,null,null,null,null,null,null,null,null,"","","","","",{"$f":"IF(A311=\"\",\"\",IF(OR(B311=\"\",C311=\"\"),ERROR.TYPE(3),IFERROR(O311/(IF(F311=120,$G$12,'LDT2,HLDT,MDPV'!$G$11)),\"\")))","v":""}]
[null,null,null,null,null,null,null,null,null,null,null,"","","","","",{"$f":"IF(A312=\"\",\"\",IF(OR(B312=\"\",C312=\"\"),ERROR.TYPE(3),IFERROR(O312/(IF(F312=120,$G$12,'LDT2,HLDT,MDPV'!$G$11)),\"\")))","v":""}]
[null,null,null,null,null,null,null,null,null,null,null,"","","","","",{"$f":"IF(A313=\"\",\"\",IF(OR(B313=\"\",C313=\"\"),ERROR.TYPE(3),IFERROR(O313/(IF(F313=120,$G$12,'LDT2,HLDT,MDPV'!$G$11)),\"\")))","v":""}]
[null,null,null,null,null,null,null,null,null,null,null,"","","","","",{"$f":"IF(A314=\"\",\"\",IF(OR(B314=\"\",C314=\"\"),ERROR.TYPE(3),IFERROR(O314/(IF(F314=120,$G$12,'LDT2,HLDT,MDPV'!$G$11)),\"\")))","v":""}]
[null,null,null,null,null,null,null,null,null,null,null,"","","","","",{"$f":"IF(A315=\"\",\"\",IF(OR(B315=\"\",C315=\"\"),ERROR.TYPE(3),IFERROR(O315/(IF(F315=120,$G$12,'LDT2,HLDT,MDPV'!$G$11)),\"\")))","v":""}]
[null,null,null,null,null,null,null,null,null,null,null,"","","","","",{"$f":"IF(A316=\"\",\"\",IF(OR(B316=\"\",C316=\"\"),ERROR.TYPE(3),IFERROR(O316/(IF(F316=120,$G$12,'LDT2,HLDT,MDPV'!$G$11)),\"\")))","v":""}]
[null,null,null,null,null,null,null,null,null,null,null,"","","","","",{"$f":"IF(A317=\"\",\"\",IF(OR(B317=\"\",C317=\"\"),ERROR.TYPE(3),IFERROR(O317/(IF(F317=120,$G$12,'LDT2,HLDT,MDPV'!$G$11)),\"\")))","v":""}]
[null,null,null,null,null,null,null,null,null,null,null,"","","","","",{"$f":"IF(A318=\"\",\"\",IF(OR(B318=\"\",C318=\"\"),ERROR.TYPE(3),IFERROR(O318/(IF(F318=120,$G$12,'LDT2,HLDT,MDPV'!$G$11)),\"\")))","v":""}]
[null,null,null,null,null,null,null,null,null,null,null,"","","","","",{"$f":"IF(A319=\"\",\"\",IF(OR(B319=\"\",C319=\"\"),ERROR.TYPE(3),IFERROR(O319/(IF(F319=120,$G$12,'LDT2,HLDT,MDPV'!$G$11)),\"\")))","v":""}]
[null,null,null,null,null,null,null,null,null,null,null,"","","","","",{"$f":"IF(A320=\"\",\"\",IF(OR(B320=\"\",C320=\"\"),ERROR.TYPE(3),IFERROR(O320/(IF(F320=120,$G$12,'LDT2,HLDT,MDPV'!$G$11)),\"\")))","v":""}]
[null,null,null,null,null,null,null,null,null,null,null,"","","","","",{"$f":"IF(A321=\"\",\"\",IF(OR(B321=\"\",C321=\"\"),ERROR.TYPE(3),IFERROR(O321/(IF(F321=120,$G$12,'LDT2,HLDT,MDPV'!$G$11)),\"\")))","v":""}]
[null,null,null,null,null,null,null,null,null,null,null,"","","","","",{"$f":"IF(A322=\"\",\"\",IF(OR(B322=\"\",C322=\"\"),ERROR.TYPE(3),IFERROR(O322/(IF(F322=120,$G$12,'LDT2,HLDT,MDPV'!$G$11)),\"\")))","v":""}]
[null,null,null,null,null,null,null,null,null,null,null,"","","","","",{"$f":"IF(A323=\"\",\"\",IF(OR(B323=\"\",C323=\"\"),ERROR.TYPE(3),IFERROR(O323/(IF(F323=120,$G$12,'LDT2,HLDT,MDPV'!$G$11)),\"\")))","v":""}]
[null,null,null,null,null,null,null,null,null,null,null,"","","","","",{"$f":"IF(A324=\"\",\"\",IF(OR(B324=\"\",C324=\"\"),ERROR.TYPE(3),IFERROR(O324/(IF(F324=120,$G$12,'LDT2,HLDT,MDPV'!$G$11)),\"\")))","v":""}]
[null,null,null,null,null,null,null,null,null,null,null,"","","","","",{"$f":"IF(A325=\"\",\"\",IF(OR(B325=\"\",C325=\"\"),ERROR.TYPE(3),IFERROR(O325/(IF(F325=120,$G$12,'LDT2,HLDT,MDPV'!$G$11)),\"\")))","v":""}]
[null,null,null,null,null,null,null,null,null,null,null,"","","","","",{"$f":"IF(A326=\"\",\"\",IF(OR(B326=\"\",C326=\"\"),ERROR.TYPE(3),IFERROR(O326/(IF(F326=120,$G$12,'LDT2,HLDT,MDPV'!$G$11)),\"\")))","v":""}]
[null,null,null,null,null,null,null,null,null,null,null,"","","","","",{"$f":"IF(A327=\"\",\"\",IF(OR(B327=\"\",C327=\"\"),ERROR.TYPE(3),IFERROR(O327/(IF(F327=120,$G$12,'LDT2,HLDT,MDPV'!$G$11)),\"\")))","v":""}]
[null,null,null,null,null,null,null,null,null,null,null,"","","","","",{"$f":"IF(A328=\"\",\"\",IF(OR(B328=\"\",C328=\"\"),ERROR.TYPE(3),IFERROR(O328/(IF(F328=120,$G$12,'LDT2,HLDT,MDPV'!$G$11)),\"\")))","v":""}]
[null,null,null,null,null,null,null,null,null,null,null,"","","","","",{"$f":"IF(A329=\"\",\"\",IF(OR(B329=\"\",C329=\"\"),ERROR.TYPE(3),IFERROR(O329/(IF(F329=120,$G$12,'LDT2,HLDT,MDPV'!$G$11)),\"\")))","v":""}]
[null,null,null,null,null,null,null,null,null,null,null,"","","","","",{"$f":"IF(A330=\"\",\"\",IF(OR(B330=\"\",C330=\"\"),ERROR.TYPE(3),IFERROR(O330/(IF(F330=120,$G$12,'LDT2,HLDT,MDPV'!$G$11)),\"\")))","v":""}]
[null,null,null,null,null,null,null,null,null,null,null,"","","","","",{"$f":"IF(A331=\"\",\"\",IF(OR(B331=\"\",C331=\"\"),ERROR.TYPE(3),IFERROR(O331/(IF(F331=120,$G$12,'LDT2,HLDT,MDPV'!$G$11)),\"\")))","v":""}]
[null,null,null,null,null,null,null,null,null,null,null,"","","","","",{"$f":"IF(A332=\"\",\"\",IF(OR(B332=\"\",C332=\"\"),ERROR.TYPE(3),IFERROR(O332/(IF(F332=120,$G$12,'LDT2,HLDT,MDPV'!$G$11)),\"\")))","v":""}]
[null,null,null,null,null,null,null,null,null,null,null,"","","","","",{"$f":"IF(A333=\"\",\"\",IF(OR(B333=\"\",C333=\"\"),ERROR.TYPE(3),IFERROR(O333/(IF(F333=120,$G$12,'LDT2,HLDT,MDPV'!$G$11)),\"\")))","v":""}]
[null,null,null,null,null,null,null,null,null,null,null,"","","","","",{"$f":"IF(A334=\"\",\"\",IF(OR(B334=\"\",C334=\"\"),ERROR.TYPE(3),IFERROR(O334/(IF(F334=120,$G$12,'LDT2,HLDT,MDPV'!$G$11)),\"\")))","v":""}]
[null,null,null,null,null,null,null,null,null,null,null,"","","","","",{"$f":"IF(A335=\"\",\"\",IF(OR(B335=\"\",C335=\"\"),ERROR.TYPE(3),IFERROR(O335/(IF(F335=120,$G$12,'LDT2,HLDT,MDPV'!$G$11)),\"\")))","v":""}]
[null,null,null,null,null,null,null,null,null,null,null,"","","","","",{"$f":"IF(A336=\"\",\"\",IF(OR(B336=\"\",C336=\"\"),ERROR.TYPE(3),IFERROR(O336/(IF(F336=120,$G$12,'LDT2,HLDT,MDPV'!$G$11)),\"\")))","v":""}]
[null,null,null,null,null,null,null,null,null,null,null,"","","","","",{"$f":"IF(A337=\"\",\"\",IF(OR(B337=\"\",C337=\"\"),ERROR.TYPE(3),IFERROR(O337/(IF(F337=120,$G$12,'LDT2,HLDT,MDPV'!$G$11)),\"\")))","v":""}]
[null,null,null,null,null,null,null,null,null,null,null,{"$f":"IF(A338=\"\",\"\",IF(B338=160,0.16,IF(B338=125,0.125,IF(B338=110,0.11,IF(B338=85,0.085,IF(B338=\"FED SULEV30\",0.03,IF(B338=70,0.07,IF(B338=50,0.05,IF(B338=30,0.03,IF(B338=20,0.02,IF(B338=0,0,\"n/a\")))))))))))","v":""},{"$f":"IF(L338=\"\",\"\",MAX(0,L338-IF(G338=\"Yes\",0.005,0))-IF(H338=\"Yes\",I338,0))","v":""},{"$f":"IF(A338=\"\",\"\",IF(OR(B338=\"\",C338=\"\"),\"FIX BIN\",J338*M338))","v":""},{"$f":"IF(A338=\"\",\"\",IF(OR(B338=\"\",C338=\"\"),\"FIX BIN\",IFERROR(J338*C338,\"\")))","v":""},{"$f":"IF(A338=\"\",\"\",IF(OR(B338=\"\",C338=\"\"),ERROR.TYPE(3),IFERROR(N338/(IF(E338=120,$G$11,$M$11)),\"\")))","v":""},{"$f":"IF(A338=\"\",\"\",IF(OR(B338=\"\",C338=\"\"),ERROR.TYPE(3),IFERROR(O338/(IF(F338=120,$G$12,'LDT2,HLDT,MDPV'!$G$11)),\"\")))","v":""}]
[null,null,null,null,null,null,null,null,null,null,null,"","","","","",{"$f":"IF(A339=\"\",\"\",IF(OR(B339=\"\",C339=\"\"),ERROR.TYPE(3),IFERROR(O339/(IF(F339=120,$G$12,'LDT2,HLDT,MDPV'!$G$11)),\"\")))","v":""}]
[null,null,null,null,null,null,null,null,null,null,null,"","","","","",{"$f":"IF(A340=\"\",\"\",IF(OR(B340=\"\",C340=\"\"),ERROR.TYPE(3),IFERROR(O340/(IF(F340=120,$G$12,'LDT2,HLDT,MDPV'!$G$11)),\"\")))","v":""}]
[null,null,null,null,null,null,null,null,null,null,null,"","","","","",{"$f":"IF(A341=\"\",\"\",IF(OR(B341=\"\",C341=\"\"),ERROR.TYPE(3),IFERROR(O341/(IF(F341=120,$G$12,'LDT2,HLDT,MDPV'!$G$11)),\"\")))","v":""}]
[null,null,null,null,null,null,null,null,null,null,null,"","","","","",{"$f":"IF(A342=\"\",\"\",IF(OR(B342=\"\",C342=\"\"),ERROR.TYPE(3),IFERROR(O342/(IF(F342=120,$G$12,'LDT2,HLDT,MDPV'!$G$11)),\"\")))","v":""}]
[null,null,null,null,null,null,null,null,null,null,null,"","","","","",{"$f":"IF(A343=\"\",\"\",IF(OR(B343=\"\",C343=\"\"),ERROR.TYPE(3),IFERROR(O343/(IF(F343=120,$G$12,'LDT2,HLDT,MDPV'!$G$11)),\"\")))","v":""}]
[null,null,null,null,null,null,null,null,null,null,null,"","","","","",{"$f":"IF(A344=\"\",\"\",IF(OR(B344=\"\",C344=\"\"),ERROR.TYPE(3),IFERROR(O344/(IF(F344=120,$G$12,'LDT2,HLDT,MDPV'!$G$11)),\"\")))","v":""}]
[null,null,null,null,null,null,null,null,null,null,null,"","","","","",{"$f":"IF(A345=\"\",\"\",IF(OR(B345=\"\",C345=\"\"),ERROR.TYPE(3),IFERROR(O345/(IF(F345=120,$G$12,'LDT2,HLDT,MDPV'!$G$11)),\"\")))","v":""}]
[null,null,null,null,null,null,null,null,null,null,null,"","","","","",{"$f":"IF(A346=\"\",\"\",IF(OR(B346=\"\",C346=\"\"),ERROR.TYPE(3),IFERROR(O346/(IF(F346=120,$G$12,'LDT2,HLDT,MDPV'!$G$11)),\"\")))","v":""}]
[null,null,null,null,null,null,null,null,null,null,null,"","","","","",{"$f":"IF(A347=\"\",\"\",IF(OR(B347=\"\",C347=\"\"),ERROR.TYPE(3),IFERROR(O347/(IF(F347=120,$G$12,'LDT2,HLDT,MDPV'!$G$11)),\"\")))","v":""}]
[null,null,null,null,null,null,null,null,null,null,null,"","","","","",{"$f":"IF(A348=\"\",\"\",IF(OR(B348=\"\",C348=\"\"),ERROR.TYPE(3),IFERROR(O348/(IF(F348=120,$G$12,'LDT2,HLDT,MDPV'!$G$11)),\"\")))","v":""}]
[null,null,null,null,null,null,null,null,null,null,null,"","","","","",{"$f":"IF(A349=\"\",\"\",IF(OR(B349=\"\",C349=\"\"),ERROR.TYPE(3),IFERROR(O349/(IF(F349=120,$G$12,'LDT2,HLDT,MDPV'!$G$11)),\"\")))","v":""}]
[null,null,null,null,null,null,null,null,null,null,null,"","","","","",{"$f":"IF(A350=\"\",\"\",IF(OR(B350=\"\",C350=\"\"),ERROR.TYPE(3),IFERROR(O350/(IF(F350=120,$G$12,'LDT2,HLDT,MDPV'!$G$11)),\"\")))","v":""}]
[null,null,null,null,null,null,null,null,null,null,null,"","","","","",{"$f":"IF(A351=\"\",\"\",IF(OR(B351=\"\",C351=\"\"),ERROR.TYPE(3),IFERROR(O351/(IF(F351=120,$G$12,'LDT2,HLDT,MDPV'!$G$11)),\"\")))","v":""}]
[null,null,null,null,null,null,null,null,null,null,null,"","","","","",{"$f":"IF(A352=\"\",\"\",IF(OR(B352=\"\",C352=\"\"),ERROR.TYPE(3),IFERROR(O352/(IF(F352=120,$G$12,'LDT2,HLDT,MDPV'!$G$11)),\"\")))","v":""}]
[null,null,null,null,null,null,null,null,null,null,null,"","","","","",{"$f":"IF(A353=\"\",\"\",IF(OR(B353=\"\",C353=\"\"),ERROR.TYPE(3),IFERROR(O353/(IF(F353=120,$G$12,'LDT2,HLDT,MDPV'!$G$11)),\"\")))","v":""}]
[null,null,null,null,null,null,null,null,null,null,null,"","","","","",{"$f":"IF(A354=\"\",\"\",IF(OR(B354=\"\",C354=\"\"),ERROR.TYPE(3),IFERROR(O354/(IF(F354=120,$G$12,'LDT2,HLDT,MDPV'!$G$11)),\"\")))","v":""}]
[null,null,null,null,null,null,null,null,null,null,null,"","","","","",{"$f":"IF(A355=\"\",\"\",IF(OR(B355=\"\",C355=\"\"),ERROR.TYPE(3),IFERROR(O355/(IF(F355=120,$G$12,'LDT2,HLDT,MDPV'!$G$11)),\"\")))","v":""}]
[null,null,null,null,null,null,null,null,null,null,null,"","","","","",{"$f":"IF(A356=\"\",\"\",IF(OR(B356=\"\",C356=\"\"),ERROR.TYPE(3),IFERROR(O356/(IF(F356=120,$G$12,'LDT2,HLDT,MDPV'!$G$11)),\"\")))","v":""}]
[null,null,null,null,null,null,null,null,null,null,null,"","","","","",{"$f":"IF(A357=\"\",\"\",IF(OR(B357=\"\",C357=\"\"),ERROR.TYPE(3),IFERROR(O357/(IF(F357=120,$G$12,'LDT2,HLDT,MDPV'!$G$11)),\"\")))","v":""}]
[null,null,null,null,null,null,null,null,null,null,null,"","","","","",{"$f":"IF(A358=\"\",\"\",IF(OR(B358=\"\",C358=\"\"),ERROR.TYPE(3),IFERROR(O358/(IF(F358=120,$G$12,'LDT2,HLDT,MDPV'!$G$11)),\"\")))","v":""}]
[null,null,null,null,null,null,null,null,null,null,null,"","","","","",{"$f":"IF(A359=\"\",\"\",IF(OR(B359=\"\",C359=\"\"),ERROR.TYPE(3),IFERROR(O359/(IF(F359=120,$G$12,'LDT2,HLDT,MDPV'!$G$11)),\"\")))","v":""}]
[null,null,null,null,null,null,null,null,null,null,null,"","","","","",{"$f":"IF(A360=\"\",\"\",IF(OR(B360=\"\",C360=\"\"),ERROR.TYPE(3),IFERROR(O360/(IF(F360=120,$G$12,'LDT2,HLDT,MDPV'!$G$11)),\"\")))","v":""}]
[null,null,null,null,null,null,null,null,null,null,null,"","","","","",{"$f":"IF(A361=\"\",\"\",IF(OR(B361=\"\",C361=\"\"),ERROR.TYPE(3),IFERROR(O361/(IF(F361=120,$G$12,'LDT2,HLDT,MDPV'!$G$11)),\"\")))","v":""}]
[null,null,null,null,null,null,null,null,null,null,null,"","","","","",{"$f":"IF(A362=\"\",\"\",IF(OR(B362=\"\",C362=\"\"),ERROR.TYPE(3),IFERROR(O362/(IF(F362=120,$G$12,'LDT2,HLDT,MDPV'!$G$11)),\"\")))","v":""}]
[null,null,null,null,null,null,null,null,null,null,null,"","","","","",{"$f":"IF(A363=\"\",\"\",IF(OR(B363=\"\",C363=\"\"),ERROR.TYPE(3),IFERROR(O363/(IF(F363=120,$G$12,'LDT2,HLDT,MDPV'!$G$11)),\"\")))","v":""}]
[null,null,null,null,null,null,null,null,null,null,null,"","","","","",{"$f":"IF(A364=\"\",\"\",IF(OR(B364=\"\",C364=\"\"),ERROR.TYPE(3),IFERROR(O364/(IF(F364=120,$G$12,'LDT2,HLDT,MDPV'!$G$11)),\"\")))","v":""}]
[null,null,null,null,null,null,null,null,null,null,null,"","","","","",{"$f":"IF(A365=\"\",\"\",IF(OR(B365=\"\",C365=\"\"),ERROR.TYPE(3),IFERROR(O365/(IF(F365=120,$G$12,'LDT2,HLDT,MDPV'!$G$11)),\"\")))","v":""}]
[null,null,null,null,null,null,null,null,null,null,null,"","","","","",{"$f":"IF(A366=\"\",\"\",IF(OR(B366=\"\",C366=\"\"),ERROR.TYPE(3),IFERROR(O366/(IF(F366=120,$G$12,'LDT2,HLDT,MDPV'!$G$11)),\"\")))","v":""}]
[null,null,null,null,null,null,null,null,null,null,null,"","","","","",{"$f":"IF(A367=\"\",\"\",IF(OR(B367=\"\",C367=\"\"),ERROR.TYPE(3),IFERROR(O367/(IF(F367=120,$G$12,'LDT2,HLDT,MDPV'!$G$11)),\"\")))","v":""}]
[null,null,null,null,null,null,null,null,null,null,null,"","","","","",{"$f":"IF(A368=\"\",\"\",IF(OR(B368=\"\",C368=\"\"),ERROR.TYPE(3),IFERROR(O368/(IF(F368=120,$G$12,'LDT2,HLDT,MDPV'!$G$11)),\"\")))","v":""}]
[null,null,null,null,null,null,null,null,null,null,null,"","","","","",{"$f":"IF(A369=\"\",\"\",IF(OR(B369=\"\",C369=\"\"),ERROR.TYPE(3),IFERROR(O369/(IF(F369=120,$G$12,'LDT2,HLDT,MDPV'!$G$11)),\"\")))","v":""}]
[null,null,null,null,null,null,null,null,null,null,null,"","","","","",{"$f":"IF(A370=\"\",\"\",IF(OR(B370=\"\",C370=\"\"),ERROR.TYPE(3),IFERROR(O370/(IF(F370=120,$G$12,'LDT2,HLDT,MDPV'!$G$11)),\"\")))","v":""}]
[null,null,null,null,null,null,null,null,null,null,null,"","","","","",{"$f":"IF(A371=\"\",\"\",IF(OR(B371=\"\",C371=\"\"),ERROR.TYPE(3),IFERROR(O371/(IF(F371=120,$G$12,'LDT2,HLDT,MDPV'!$G$11)),\"\")))","v":""}]
[null,null,null,null,null,null,null,null,null,null,null,"","","","","",{"$f":"IF(A372=\"\",\"\",IF(OR(B372=\"\",C372=\"\"),ERROR.TYPE(3),IFERROR(O372/(IF(F372=120,$G$12,'LDT2,HLDT,MDPV'!$G$11)),\"\")))","v":""}]
[null,null,null,null,null,null,null,null,null,null,null,"","","","","",{"$f":"IF(A373=\"\",\"\",IF(OR(B373=\"\",C373=\"\"),ERROR.TYPE(3),IFERROR(O373/(IF(F373=120,$G$12,'LDT2,HLDT,MDPV'!$G$11)),\"\")))","v":""}]
[null,null,null,null,null,null,null,null,null,null,null,"","","","","",{"$f":"IF(A374=\"\",\"\",IF(OR(B374=\"\",C374=\"\"),ERROR.TYPE(3),IFERROR(O374/(IF(F374=120,$G$12,'LDT2,HLDT,MDPV'!$G$11)),\"\")))","v":""}]
[null,null,null,null,null,null,null,null,null,null,null,"","","","","",{"$f":"IF(A375=\"\",\"\",IF(OR(B375=\"\",C375=\"\"),ERROR.TYPE(3),IFERROR(O375/(IF(F375=120,$G$12,'LDT2,HLDT,MDPV'!$G$11)),\"\")))","v":""}]
[null,null,null,null,null,null,null,null,null,null,null,"","","","","",{"$f":"IF(A376=\"\",\"\",IF(OR(B376=\"\",C376=\"\"),ERROR.TYPE(3),IFERROR(O376/(IF(F376=120,$G$12,'LDT2,HLDT,MDPV'!$G$11)),\"\")))","v":""}]
[null,null,null,null,null,null,null,null,null,null,null,"","","","","",{"$f":"IF(A377=\"\",\"\",IF(OR(B377=\"\",C377=\"\"),ERROR.TYPE(3),IFERROR(O377/(IF(F377=120,$G$12,'LDT2,HLDT,MDPV'!$G$11)),\"\")))","v":""}]
[null,null,null,null,null,null,null,null,null,null,null,"","","","","",{"$f":"IF(A378=\"\",\"\",IF(OR(B378=\"\",C378=\"\"),ERROR.TYPE(3),IFERROR(O378/(IF(F378=120,$G$12,'LDT2,HLDT,MDPV'!$G$11)),\"\")))","v":""}]
[null,null,null,null,null,null,null,null,null,null,null,"","","","","",{"$f":"IF(A379=\"\",\"\",IF(OR(B379=\"\",C379=\"\"),ERROR.TYPE(3),IFERROR(O379/(IF(F379=120,$G$12,'LDT2,HLDT,MDPV'!$G$11)),\"\")))","v":""}]
[null,null,null,null,null,null,null,null,null,null,null,"","","","","",{"$f":"IF(A380=\"\",\"\",IF(OR(B380=\"\",C380=\"\"),ERROR.TYPE(3),IFERROR(O380/(IF(F380=120,$G$12,'LDT2,HLDT,MDPV'!$G$11)),\"\")))","v":""}]
[null,null,null,null,null,null,null,null,null,null,null,"","","","","",{"$f":"IF(A381=\"\",\"\",IF(OR(B381=\"\",C381=\"\"),ERROR.TYPE(3),IFERROR(O381/(IF(F381=120,$G$12,'LDT2,HLDT,MDPV'!$G$11)),\"\")))","v":""}]
[null,null,null,null,null,null,null,null,null,null,null,"","","","","",{"$f":"IF(A382=\"\",\"\",IF(OR(B382=\"\",C382=\"\"),ERROR.TYPE(3),IFERROR(O382/(IF(F382=120,$G$12,'LDT2,HLDT,MDPV'!$G$11)),\"\")))","v":""}]
[null,null,null,null,null,null,null,null,null,null,null,"","","","","",{"$f":"IF(A383=\"\",\"\",IF(OR(B383=\"\",C383=\"\"),ERROR.TYPE(3),IFERROR(O383/(IF(F383=120,$G$12,'LDT2,HLDT,MDPV'!$G$11)),\"\")))","v":""}]
[null,null,null,null,null,null,null,null,null,null,null,"","","","","",{"$f":"IF(A384=\"\",\"\",IF(OR(B384=\"\",C384=\"\"),ERROR.TYPE(3),IFERROR(O384/(IF(F384=120,$G$12,'LDT2,HLDT,MDPV'!$G$11)),\"\")))","v":""}]
[null,null,null,null,null,null,null,null,null,null,null,"","","","","",{"$f":"IF(A385=\"\",\"\",IF(OR(B385=\"\",C385=\"\"),ERROR.TYPE(3),IFERROR(O385/(IF(F385=120,$G$12,'LDT2,HLDT,MDPV'!$G$11)),\"\")))","v":""}]
[null,null,null,null,null,null,null,null,null,null,null,"","","","","",{"$f":"IF(A386=\"\",\"\",IF(OR(B386=\"\",C386=\"\"),ERROR.TYPE(3),IFERROR(O386/(IF(F386=120,$G$12,'LDT2,HLDT,MDPV'!$G$11)),\"\")))","v":""}]
[null,null,null,null,null,null,null,null,null,null,null,"","","","","",{"$f":"IF(A387=\"\",\"\",IF(OR(B387=\"\",C387=\"\"),ERROR.TYPE(3),IFERROR(O387/(IF(F387=120,$G$12,'LDT2,HLDT,MDPV'!$G$11)),\"\")))","v":""}]
[null,null,null,null,null,null,null,null,null,null,null,"","","","","",{"$f":"IF(A388=\"\",\"\",IF(OR(B388=\"\",C388=\"\"),ERROR.TYPE(3),IFERROR(O388/(IF(F388=120,$G$12,'LDT2,HLDT,MDPV'!$G$11)),\"\")))","v":""}]
[null,null,null,null,null,null,null,null,null,null,null,"","","","","",{"$f":"IF(A389=\"\",\"\",IF(OR(B389=\"\",C389=\"\"),ERROR.TYPE(3),IFERROR(O389/(IF(F389=120,$G$12,'LDT2,HLDT,MDPV'!$G$11)),\"\")))","v":""}]
[null,null,null,null,null,null,null,null,null,null,null,"","","","","",{"$f":"IF(A390=\"\",\"\",IF(OR(B390=\"\",C390=\"\"),ERROR.TYPE(3),IFERROR(O390/(IF(F390=120,$G$12,'LDT2,HLDT,MDPV'!$G$11)),\"\")))","v":""}]
[null,null,null,null,null,null,null,null,null,null,null,"","","","","",{"$f":"IF(A391=\"\",\"\",IF(OR(B391=\"\",C391=\"\"),ERROR.TYPE(3),IFERROR(O391/(IF(F391=120,$G$12,'LDT2,HLDT,MDPV'!$G$11)),\"\")))","v":""}]
[null,null,null,null,null,null,null,null,null,null,null,"","","","","",{"$f":"IF(A392=\"\",\"\",IF(OR(B392=\"\",C392=\"\"),ERROR.TYPE(3),IFERROR(O392/(IF(F392=120,$G$12,'LDT2,HLDT,MDPV'!$G$11)),\"\")))","v":""}]
[null,null,null,null,null,null,null,null,null,null,null,"","","","","",{"$f":"IF(A393=\"\",\"\",IF(OR(B393=\"\",C393=\"\"),ERROR.TYPE(3),IFERROR(O393/(IF(F393=120,$G$12,'LDT2,HLDT,MDPV'!$G$11)),\"\")))","v":""}]
[null,null,null,null,null,null,null,null,null,null,null,"","","","","",{"$f":"IF(A394=\"\",\"\",IF(OR(B394=\"\",C394=\"\"),ERROR.TYPE(3),IFERROR(O394/(IF(F394=120,$G$12,'LDT2,HLDT,MDPV'!$G$11)),\"\")))","v":""}]
[null,null,null,null,null,null,null,null,null,null,null,"","","","","",{"$f":"IF(A395=\"\",\"\",IF(OR(B395=\"\",C395=\"\"),ERROR.TYPE(3),IFERROR(O395/(IF(F395=120,$G$12,'LDT2,HLDT,MDPV'!$G$11)),\"\")))","v":""}]
[null,null,null,null,null,null,null,null,null,null,null,"","","","","",{"$f":"IF(A396=\"\",\"\",IF(OR(B396=\"\",C396=\"\"),ERROR.TYPE(3),IFERROR(O396/(IF(F396=120,$G$12,'LDT2,HLDT,MDPV'!$G$11)),\"\")))","v":""}]
[null,null,null,null,null,null,null,null,null,null,null,"","","","","",{"$f":"IF(A397=\"\",\"\",IF(OR(B397=\"\",C397=\"\"),ERROR.TYPE(3),IFERROR(O397/(IF(F397=120,$G$12,'LDT2,HLDT,MDPV'!$G$11)),\"\")))","v":""}]
[null,null,null,null,null,null,null,null,null,null,null,"","","","","",{"$f":"IF(A398=\"\",\"\",IF(OR(B398=\"\",C398=\"\"),ERROR.TYPE(3),IFERROR(O398/(IF(F398=120,$G$12,'LDT2,HLDT,MDPV'!$G$11)),\"\")))","v":""}]
[null,null,null,null,null,null,null,null,null,null,null,"","","","","",{"$f":"IF(A399=\"\",\"\",IF(OR(B399=\"\",C399=\"\"),ERROR.TYPE(3),IFERROR(O399/(IF(F399=120,$G$12,'LDT2,HLDT,MDPV'!$G$11)),\"\")))","v":""}]
[null,null,null,null,null,null,null,null,null,null,null,"","","","","",{"$f":"IF(A400=\"\",\"\",IF(OR(B400=\"\",C400=\"\"),ERROR.TYPE(3),IFERROR(O400/(IF(F400=120,$G$12,'LDT2,HLDT,MDPV'!$G$11)),\"\")))","v":""}]
[null,null,null,null,null,null,null,null,null,null,null,"","","","","",{"$f":"IF(A401=\"\",\"\",IF(OR(B401=\"\",C401=\"\"),ERROR.TYPE(3),IFERROR(O401/(IF(F401=120,$G$12,'LDT2,HLDT,MDPV'!$G$11)),\"\")))","v":""}]
[null,null,null,null,null,null,null,null,null,null,null,{"$f":"IF(A402=\"\",\"\",IF(B402=160,0.16,IF(B402=125,0.125,IF(B402=110,0.11,IF(B402=85,0.085,IF(B402=\"FED SULEV30\",0.03,IF(B402=70,0.07,IF(B402=50,0.05,IF(B402=30,0.03,IF(B402=20,0.02,IF(B402=0,0,\"n/a\")))))))))))","v":""},{"$f":"IF(L402=\"\",\"\",MAX(0,L402-IF(G402=\"Yes\",0.005,0))-IF(H402=\"Yes\",I402,0))","v":""},{"$f":"IF(A402=\"\",\"\",IF(OR(B402=\"\",C402=\"\"),\"FIX BIN\",J402*M402))","v":""},{"$f":"IF(A402=\"\",\"\",IF(OR(B402=\"\",C402=\"\"),\"FIX BIN\",IFERROR(J402*C402,\"\")))","v":""},{"$f":"IF(A402=\"\",\"\",IF(OR(B402=\"\",C402=\"\"),ERROR.TYPE(3),IFERROR(N402/(IF(E402=120,$G$11,$M$11)),\"\")))","v":""},{"$f":"IF(A402=\"\",\"\",IF(OR(B402=\"\",C402=\"\"),ERROR.TYPE(3),IFERROR(O402/(IF(F402=120,$G$12,'LDT2,HLDT,MDPV'!$G$11)),\"\")))","v":""}]
[null,null,null,null,null,null,null,null,null,null,null,"","","","","",{"$f":"IF(A403=\"\",\"\",IF(OR(B403=\"\",C403=\"\"),ERROR.TYPE(3),IFERROR(O403/(IF(F403=120,$G$12,'LDT2,HLDT,MDPV'!$G$11)),\"\")))","v":""}]
[null,null,null,null,null,null,null,null,null,null,null,"","","","","",{"$f":"IF(A404=\"\",\"\",IF(OR(B404=\"\",C404=\"\"),ERROR.TYPE(3),IFERROR(O404/(IF(F404=120,$G$12,'LDT2,HLDT,MDPV'!$G$11)),\"\")))","v":""}]
[null,null,null,null,null,null,null,null,null,null,null,"","","","","",{"$f":"IF(A405=\"\",\"\",IF(OR(B405=\"\",C405=\"\"),ERROR.TYPE(3),IFERROR(O405/(IF(F405=120,$G$12,'LDT2,HLDT,MDPV'!$G$11)),\"\")))","v":""}]
[null,null,null,null,null,null,null,null,null,null,null,"","","","","",{"$f":"IF(A406=\"\",\"\",IF(OR(B406=\"\",C406=\"\"),ERROR.TYPE(3),IFERROR(O406/(IF(F406=120,$G$12,'LDT2,HLDT,MDPV'!$G$11)),\"\")))","v":""}]
[null,null,null,null,null,null,null,null,null,null,null,"","","","","",{"$f":"IF(A407=\"\",\"\",IF(OR(B407=\"\",C407=\"\"),ERROR.TYPE(3),IFERROR(O407/(IF(F407=120,$G$12,'LDT2,HLDT,MDPV'!$G$11)),\"\")))","v":""}]
[null,null,null,null,null,null,null,null,null,null,null,"","","","","",{"$f":"IF(A408=\"\",\"\",IF(OR(B408=\"\",C408=\"\"),ERROR.TYPE(3),IFERROR(O408/(IF(F408=120,$G$12,'LDT2,HLDT,MDPV'!$G$11)),\"\")))","v":""}]
[null,null,null,null,null,null,null,null,null,null,null,"","","","","",{"$f":"IF(A409=\"\",\"\",IF(OR(B409=\"\",C409=\"\"),ERROR.TYPE(3),IFERROR(O409/(IF(F409=120,$G$12,'LDT2,HLDT,MDPV'!$G$11)),\"\")))","v":""}]
[null,null,null,null,null,null,null,null,null,null,null,"","","","","",{"$f":"IF(A410=\"\",\"\",IF(OR(B410=\"\",C410=\"\"),ERROR.TYPE(3),IFERROR(O410/(IF(F410=120,$G$12,'LDT2,HLDT,MDPV'!$G$11)),\"\")))","v":""}]
[null,null,null,null,null,null,null,null,null,null,null,"","","","","",{"$f":"IF(A411=\"\",\"\",IF(OR(B411=\"\",C411=\"\"),ERROR.TYPE(3),IFERROR(O411/(IF(F411=120,$G$12,'LDT2,HLDT,MDPV'!$G$11)),\"\")))","v":""}]
[null,null,null,null,null,null,null,null,null,null,null,"","","","","",{"$f":"IF(A412=\"\",\"\",IF(OR(B412=\"\",C412=\"\"),ERROR.TYPE(3),IFERROR(O412/(IF(F412=120,$G$12,'LDT2,HLDT,MDPV'!$G$11)),\"\")))","v":""}]
[null,null,null,null,null,null,null,null,null,null,null,"","","","","",{"$f":"IF(A413=\"\",\"\",IF(OR(B413=\"\",C413=\"\"),ERROR.TYPE(3),IFERROR(O413/(IF(F413=120,$G$12,'LDT2,HLDT,MDPV'!$G$11)),\"\")))","v":""}]
[null,null,null,null,null,null,null,null,null,null,null,"","","","","",{"$f":"IF(A414=\"\",\"\",IF(OR(B414=\"\",C414=\"\"),ERROR.TYPE(3),IFERROR(O414/(IF(F414=120,$G$12,'LDT2,HLDT,MDPV'!$G$11)),\"\")))","v":""}]
[null,null,null,null,null,null,null,null,null,null,null,"","","","","",{"$f":"IF(A415=\"\",\"\",IF(OR(B415=\"\",C415=\"\"),ERROR.TYPE(3),IFERROR(O415/(IF(F415=120,$G$12,'LDT2,HLDT,MDPV'!$G$11)),\"\")))","v":""}]
[null,null,null,null,null,null,null,null,null,null,null,"","","","","",{"$f":"IF(A416=\"\",\"\",IF(OR(B416=\"\",C416=\"\"),ERROR.TYPE(3),IFERROR(O416/(IF(F416=120,$G$12,'LDT2,HLDT,MDPV'!$G$11)),\"\")))","v":""}]
[null,null,null,null,null,null,null,null,null,null,null,"","","","","",{"$f":"IF(A417=\"\",\"\",IF(OR(B417=\"\",C417=\"\"),ERROR.TYPE(3),IFERROR(O417/(IF(F417=120,$G$12,'LDT2,HLDT,MDPV'!$G$11)),\"\")))","v":""}]
[null,null,null,null,null,null,null,null,null,null,null,"","","","","",{"$f":"IF(A418=\"\",\"\",IF(OR(B418=\"\",C418=\"\"),ERROR.TYPE(3),IFERROR(O418/(IF(F418=120,$G$12,'LDT2,HLDT,MDPV'!$G$11)),\"\")))","v":""}]
[null,null,null,null,null,null,null,null,null,null,null,"","","","","",{"$f":"IF(A419=\"\",\"\",IF(OR(B419=\"\",C419=\"\"),ERROR.TYPE(3),IFERROR(O419/(IF(F419=120,$G$12,'LDT2,HLDT,MDPV'!$G$11)),\"\")))","v":""}]
[null,null,null,null,null,null,null,null,null,null,null,"","","","","",{"$f":"IF(A420=\"\",\"\",IF(OR(B420=\"\",C420=\"\"),ERROR.TYPE(3),IFERROR(O420/(IF(F420=120,$G$12,'LDT2,HLDT,MDPV'!$G$11)),\"\")))","v":""}]
[null,null,null,null,null,null,null,null,null,null,null,"","","","","",{"$f":"IF(A421=\"\",\"\",IF(OR(B421=\"\",C421=\"\"),ERROR.TYPE(3),IFERROR(O421/(IF(F421=120,$G$12,'LDT2,HLDT,MDPV'!$G$11)),\"\")))","v":""}]
[null,null,null,null,null,null,null,null,null,null,null,"","","","","",{"$f":"IF(A422=\"\",\"\",IF(OR(B422=\"\",C422=\"\"),ERROR.TYPE(3),IFERROR(O422/(IF(F422=120,$G$12,'LDT2,HLDT,MDPV'!$G$11)),\"\")))","v":""}]
[null,null,null,null,null,null,null,null,null,null,null,"","","","","",{"$f":"IF(A423=\"\",\"\",IF(OR(B423=\"\",C423=\"\"),ERROR.TYPE(3),IFERROR(O423/(IF(F423=120,$G$12,'LDT2,HLDT,MDPV'!$G$11)),\"\")))","v":""}]
[null,null,null,null,null,null,null,null,null,null,null,"","","","","",{"$f":"IF(A424=\"\",\"\",IF(OR(B424=\"\",C424=\"\"),ERROR.TYPE(3),IFERROR(O424/(IF(F424=120,$G$12,'LDT2,HLDT,MDPV'!$G$11)),\"\")))","v":""}]
[null,null,null,null,null,null,null,null,null,null,null,"","","","","",{"$f":"IF(A425=\"\",\"\",IF(OR(B425=\"\",C425=\"\"),ERROR.TYPE(3),IFERROR(O425/(IF(F425=120,$G$12,'LDT2,HLDT,MDPV'!$G$11)),\"\")))","v":""}]
[null,null,null,null,null,null,null,null,null,null,null,"","","","","",{"$f":"IF(A426=\"\",\"\",IF(OR(B426=\"\",C426=\"\"),ERROR.TYPE(3),IFERROR(O426/(IF(F426=120,$G$12,'LDT2,HLDT,MDPV'!$G$11)),\"\")))","v":""}]
[null,null,null,null,null,null,null,null,null,null,null,"","","","","",{"$f":"IF(A427=\"\",\"\",IF(OR(B427=\"\",C427=\"\"),ERROR.TYPE(3),IFERROR(O427/(IF(F427=120,$G$12,'LDT2,HLDT,MDPV'!$G$11)),\"\")))","v":""}]
[null,null,null,null,null,null,null,null,null,null,null,"","","","","",{"$f":"IF(A428=\"\",\"\",IF(OR(B428=\"\",C428=\"\"),ERROR.TYPE(3),IFERROR(O428/(IF(F428=120,$G$12,'LDT2,HLDT,MDPV'!$G$11)),\"\")))","v":""}]
[null,null,null,null,null,null,null,null,null,null,null,"","","","","",{"$f":"IF(A429=\"\",\"\",IF(OR(B429=\"\",C429=\"\"),ERROR.TYPE(3),IFERROR(O429/(IF(F429=120,$G$12,'LDT2,HLDT,MDPV'!$G$11)),\"\")))","v":""}]
[null,null,null,null,null,null,null,null,null,null,null,"","","","","",{"$f":"IF(A430=\"\",\"\",IF(OR(B430=\"\",C430=\"\"),ERROR.TYPE(3),IFERROR(O430/(IF(F430=120,$G$12,'LDT2,HLDT,MDPV'!$G$11)),\"\")))","v":""}]
[null,null,null,null,null,null,null,null,null,null,null,"","","","","",{"$f":"IF(A431=\"\",\"\",IF(OR(B431=\"\",C431=\"\"),ERROR.TYPE(3),IFERROR(O431/(IF(F431=120,$G$12,'LDT2,HLDT,MDPV'!$G$11)),\"\")))","v":""}]
[null,null,null,null,null,null,null,null,null,null,null,"","","","","",{"$f":"IF(A432=\"\",\"\",IF(OR(B432=\"\",C432=\"\"),ERROR.TYPE(3),IFERROR(O432/(IF(F432=120,$G$12,'LDT2,HLDT,MDPV'!$G$11)),\"\")))","v":""}]
[null,null,null,null,null,null,null,null,null,null,null,"","","","","",{"$f":"IF(A433=\"\",\"\",IF(OR(B433=\"\",C433=\"\"),ERROR.TYPE(3),IFERROR(O433/(IF(F433=120,$G$12,'LDT2,HLDT,MDPV'!$G$11)),\"\")))","v":""}]
[null,null,null,null,null,null,null,null,null,null,null,"","","","","",{"$f":"IF(A434=\"\",\"\",IF(OR(B434=\"\",C434=\"\"),ERROR.TYPE(3),IFERROR(O434/(IF(F434=120,$G$12,'LDT2,HLDT,MDPV'!$G$11)),\"\")))","v":""}]
[null,null,null,null,null,null,null,null,null,null,null,"","","","","",{"$f":"IF(A435=\"\",\"\",IF(OR(B435=\"\",C435=\"\"),ERROR.TYPE(3),IFERROR(O435/(IF(F435=120,$G$12,'LDT2,HLDT,MDPV'!$G$11)),\"\")))","v":""}]
[null,null,null,null,null,null,null,null,null,null,null,"","","","","",{"$f":"IF(A436=\"\",\"\",IF(OR(B436=\"\",C436=\"\"),ERROR.TYPE(3),IFERROR(O436/(IF(F436=120,$G$12,'LDT2,HLDT,MDPV'!$G$11)),\"\")))","v":""}]
[null,null,null,null,null,null,null,null,null,null,null,"","","","","",{"$f":"IF(A437=\"\",\"\",IF(OR(B437=\"\",C437=\"\"),ERROR.TYPE(3),IFERROR(O437/(IF(F437=120,$G$12,'LDT2,HLDT,MDPV'!$G$11)),\"\")))","v":""}]
[null,null,null,null,null,null,null,null,null,null,null,"","","","","",{"$f":"IF(A438=\"\",\"\",IF(OR(B438=\"\",C438=\"\"),ERROR.TYPE(3),IFERROR(O438/(IF(F438=120,$G$12,'LDT2,HLDT,MDPV'!$G$11)),\"\")))","v":""}]
[null,null,null,null,null,null,null,null,null,null,null,"","","","","",{"$f":"IF(A439=\"\",\"\",IF(OR(B439=\"\",C439=\"\"),ERROR.TYPE(3),IFERROR(O439/(IF(F439=120,$G$12,'LDT2,HLDT,MDPV'!$G$11)),\"\")))","v":""}]
[null,null,null,null,null,null,null,null,null,null,null,"","","","","",{"$f":"IF(A440=\"\",\"\",IF(OR(B440=\"\",C440=\"\"),ERROR.TYPE(3),IFERROR(O440/(IF(F440=120,$G$12,'LDT2,HLDT,MDPV'!$G$11)),\"\")))","v":""}]
[null,null,null,null,null,null,null,null,null,null,null,"","","","","",{"$f":"IF(A441=\"\",\"\",IF(OR(B441=\"\",C441=\"\"),ERROR.TYPE(3),IFERROR(O441/(IF(F441=120,$G$12,'LDT2,HLDT,MDPV'!$G$11)),\"\")))","v":""}]
[null,null,null,null,null,null,null,null,null,null,null,"","","","","",{"$f":"IF(A442=\"\",\"\",IF(OR(B442=\"\",C442=\"\"),ERROR.TYPE(3),IFERROR(O442/(IF(F442=120,$G$12,'LDT2,HLDT,MDPV'!$G$11)),\"\")))","v":""}]
[null,null,null,null,null,null,null,null,null,null,null,"","","","","",{"$f":"IF(A443=\"\",\"\",IF(OR(B443=\"\",C443=\"\"),ERROR.TYPE(3),IFERROR(O443/(IF(F443=120,$G$12,'LDT2,HLDT,MDPV'!$G$11)),\"\")))","v":""}]
[null,null,null,null,null,null,null,null,null,null,null,"","","","","",{"$f":"IF(A444=\"\",\"\",IF(OR(B444=\"\",C444=\"\"),ERROR.TYPE(3),IFERROR(O444/(IF(F444=120,$G$12,'LDT2,HLDT,MDPV'!$G$11)),\"\")))","v":""}]
[null,null,null,null,null,null,null,null,null,null,null,"","","","","",{"$f":"IF(A445=\"\",\"\",IF(OR(B445=\"\",C445=\"\"),ERROR.TYPE(3),IFERROR(O445/(IF(F445=120,$G$12,'LDT2,HLDT,MDPV'!$G$11)),\"\")))","v":""}]
[null,null,null,null,null,null,null,null,null,null,null,"","","","","",{"$f":"IF(A446=\"\",\"\",IF(OR(B446=\"\",C446=\"\"),ERROR.TYPE(3),IFERROR(O446/(IF(F446=120,$G$12,'LDT2,HLDT,MDPV'!$G$11)),\"\")))","v":""}]
[null,null,null,null,null,null,null,null,null,null,null,"","","","","",{"$f":"IF(A447=\"\",\"\",IF(OR(B447=\"\",C447=\"\"),ERROR.TYPE(3),IFERROR(O447/(IF(F447=120,$G$12,'LDT2,HLDT,MDPV'!$G$11)),\"\")))","v":""}]
[null,null,null,null,null,null,null,null,null,null,null,"","","","","",{"$f":"IF(A448=\"\",\"\",IF(OR(B448=\"\",C448=\"\"),ERROR.TYPE(3),IFERROR(O448/(IF(F448=120,$G$12,'LDT2,HLDT,MDPV'!$G$11)),\"\")))","v":""}]
[null,null,null,null,null,null,null,null,null,null,null,"","","","","",{"$f":"IF(A449=\"\",\"\",IF(OR(B449=\"\",C449=\"\"),ERROR.TYPE(3),IFERROR(O449/(IF(F449=120,$G$12,'LDT2,HLDT,MDPV'!$G$11)),\"\")))","v":""}]
[null,null,null,null,null,null,null,null,null,null,null,"","","","","",{"$f":"IF(A450=\"\",\"\",IF(OR(B450=\"\",C450=\"\"),ERROR.TYPE(3),IFERROR(O450/(IF(F450=120,$G$12,'LDT2,HLDT,MDPV'!$G$11)),\"\")))","v":""}]
[null,null,null,null,null,null,null,null,null,null,null,"","","","","",{"$f":"IF(A451=\"\",\"\",IF(OR(B451=\"\",C451=\"\"),ERROR.TYPE(3),IFERROR(O451/(IF(F451=120,$G$12,'LDT2,HLDT,MDPV'!$G$11)),\"\")))","v":""}]
[null,null,null,null,null,null,null,null,null,null,null,"","","","","",{"$f":"IF(A452=\"\",\"\",IF(OR(B452=\"\",C452=\"\"),ERROR.TYPE(3),IFERROR(O452/(IF(F452=120,$G$12,'LDT2,HLDT,MDPV'!$G$11)),\"\")))","v":""}]
[null,null,null,null,null,null,null,null,null,null,null,"","","","","",{"$f":"IF(A453=\"\",\"\",IF(OR(B453=\"\",C453=\"\"),ERROR.TYPE(3),IFERROR(O453/(IF(F453=120,$G$12,'LDT2,HLDT,MDPV'!$G$11)),\"\")))","v":""}]
[null,null,null,null,null,null,null,null,null,null,null,"","","","","",{"$f":"IF(A454=\"\",\"\",IF(OR(B454=\"\",C454=\"\"),ERROR.TYPE(3),IFERROR(O454/(IF(F454=120,$G$12,'LDT2,HLDT,MDPV'!$G$11)),\"\")))","v":""}]
[null,null,null,null,null,null,null,null,null,null,null,"","","","","",{"$f":"IF(A455=\"\",\"\",IF(OR(B455=\"\",C455=\"\"),ERROR.TYPE(3),IFERROR(O455/(IF(F455=120,$G$12,'LDT2,HLDT,MDPV'!$G$11)),\"\")))","v":""}]
[null,null,null,null,null,null,null,null,null,null,null,"","","","","",{"$f":"IF(A456=\"\",\"\",IF(OR(B456=\"\",C456=\"\"),ERROR.TYPE(3),IFERROR(O456/(IF(F456=120,$G$12,'LDT2,HLDT,MDPV'!$G$11)),\"\")))","v":""}]
[null,null,null,null,null,null,null,null,null,null,null,"","","","","",{"$f":"IF(A457=\"\",\"\",IF(OR(B457=\"\",C457=\"\"),ERROR.TYPE(3),IFERROR(O457/(IF(F457=120,$G$12,'LDT2,HLDT,MDPV'!$G$11)),\"\")))","v":""}]
[null,null,null,null,null,null,null,null,null,null,null,"","","","","",{"$f":"IF(A458=\"\",\"\",IF(OR(B458=\"\",C458=\"\"),ERROR.TYPE(3),IFERROR(O458/(IF(F458=120,$G$12,'LDT2,HLDT,MDPV'!$G$11)),\"\")))","v":""}]
[null,null,null,null,null,null,null,null,null,null,null,"","","","","",{"$f":"IF(A459=\"\",\"\",IF(OR(B459=\"\",C459=\"\"),ERROR.TYPE(3),IFERROR(O459/(IF(F459=120,$G$12,'LDT2,HLDT,MDPV'!$G$11)),\"\")))","v":""}]
[null,null,null,null,null,null,null,null,null,null,null,"","","","","",{"$f":"IF(A460=\"\",\"\",IF(OR(B460=\"\",C460=\"\"),ERROR.TYPE(3),IFERROR(O460/(IF(F460=120,$G$12,'LDT2,HLDT,MDPV'!$G$11)),\"\")))","v":""}]
[null,null,null,null,null,null,null,null,null,null,null,"","","","","",{"$f":"IF(A461=\"\",\"\",IF(OR(B461=\"\",C461=\"\"),ERROR.TYPE(3),IFERROR(O461/(IF(F461=120,$G$12,'LDT2,HLDT,MDPV'!$G$11)),\"\")))","v":""}]
[null,null,null,null,null,null,null,null,null,null,null,"","","","","",{"$f":"IF(A462=\"\",\"\",IF(OR(B462=\"\",C462=\"\"),ERROR.TYPE(3),IFERROR(O462/(IF(F462=120,$G$12,'LDT2,HLDT,MDPV'!$G$11)),\"\")))","v":""}]
[null,null,null,null,null,null,null,null,null,null,null,"","","","","",{"$f":"IF(A463=\"\",\"\",IF(OR(B463=\"\",C463=\"\"),ERROR.TYPE(3),IFERROR(O463/(IF(F463=120,$G$12,'LDT2,HLDT,MDPV'!$G$11)),\"\")))","v":""}]
[null,null,null,null,null,null,null,null,null,null,null,"","","","","",{"$f":"IF(A464=\"\",\"\",IF(OR(B464=\"\",C464=\"\"),ERROR.TYPE(3),IFERROR(O464/(IF(F464=120,$G$12,'LDT2,HLDT,MDPV'!$G$11)),\"\")))","v":""}]
[null,null,null,null,null,null,null,null,null,null,null,"","","","","",{"$f":"IF(A465=\"\",\"\",IF(OR(B465=\"\",C465=\"\"),ERROR.TYPE(3),IFERROR(O465/(IF(F465=120,$G$12,'LDT2,HLDT,MDPV'!$G$11)),\"\")))","v":""}]
[null,null,null,null,null,null,null,null,null,null,null,{"$f":"IF(A466=\"\",\"\",IF(B466=160,0.16,IF(B466=125,0.125,IF(B466=110,0.11,IF(B466=85,0.085,IF(B466=\"FED SULEV30\",0.03,IF(B466=70,0.07,IF(B466=50,0.05,IF(B466=30,0.03,IF(B466=20,0.02,IF(B466=0,0,\"n/a\")))))))))))","v":""},{"$f":"IF(L466=\"\",\"\",MAX(0,L466-IF(G466=\"Yes\",0.005,0))-IF(H466=\"Yes\",I466,0))","v":""},{"$f":"IF(A466=\"\",\"\",IF(OR(B466=\"\",C466=\"\"),\"FIX BIN\",J466*M466))","v":""},{"$f":"IF(A466=\"\",\"\",IF(OR(B466=\"\",C466=\"\"),\"FIX BIN\",IFERROR(J466*C466,\"\")))","v":""},{"$f":"IF(A466=\"\",\"\",IF(OR(B466=\"\",C466=\"\"),ERROR.TYPE(3),IFERROR(N466/(IF(E466=120,$G$11,$M$11)),\"\")))","v":""},{"$f":"IF(A466=\"\",\"\",IF(OR(B466=\"\",C466=\"\"),ERROR.TYPE(3),IFERROR(O466/(IF(F466=120,$G$12,'LDT2,HLDT,MDPV'!$G$11)),\"\")))","v":""}]
[null,null,null,null,null,null,null,null,null,null,null,"","","","","",{"$f":"IF(A467=\"\",\"\",IF(OR(B467=\"\",C467=\"\"),ERROR.TYPE(3),IFERROR(O467/(IF(F467=120,$G$12,'LDT2,HLDT,MDPV'!$G$11)),\"\")))","v":""}]
[null,null,null,null,null,null,null,null,null,null,null,"","","","","",{"$f":"IF(A468=\"\",\"\",IF(OR(B468=\"\",C468=\"\"),ERROR.TYPE(3),IFERROR(O468/(IF(F468=120,$G$12,'LDT2,HLDT,MDPV'!$G$11)),\"\")))","v":""}]
[null,null,null,null,null,null,null,null,null,null,null,"","","","","",{"$f":"IF(A469=\"\",\"\",IF(OR(B469=\"\",C469=\"\"),ERROR.TYPE(3),IFERROR(O469/(IF(F469=120,$G$12,'LDT2,HLDT,MDPV'!$G$11)),\"\")))","v":""}]
[null,null,null,null,null,null,null,null,null,null,null,"","","","","",{"$f":"IF(A470=\"\",\"\",IF(OR(B470=\"\",C470=\"\"),ERROR.TYPE(3),IFERROR(O470/(IF(F470=120,$G$12,'LDT2,HLDT,MDPV'!$G$11)),\"\")))","v":""}]
[null,null,null,null,null,null,null,null,null,null,null,"","","","","",{"$f":"IF(A471=\"\",\"\",IF(OR(B471=\"\",C471=\"\"),ERROR.TYPE(3),IFERROR(O471/(IF(F471=120,$G$12,'LDT2,HLDT,MDPV'!$G$11)),\"\")))","v":""}]
[null,null,null,null,null,null,null,null,null,null,null,"","","","","",{"$f":"IF(A472=\"\",\"\",IF(OR(B472=\"\",C472=\"\"),ERROR.TYPE(3),IFERROR(O472/(IF(F472=120,$G$12,'LDT2,HLDT,MDPV'!$G$11)),\"\")))","v":""}]
[null,null,null,null,null,null,null,null,null,null,null,"","","","","",{"$f":"IF(A473=\"\",\"\",IF(OR(B473=\"\",C473=\"\"),ERROR.TYPE(3),IFERROR(O473/(IF(F473=120,$G$12,'LDT2,HLDT,MDPV'!$G$11)),\"\")))","v":""}]
[null,null,null,null,null,null,null,null,null,null,null,"","","","","",{"$f":"IF(A474=\"\",\"\",IF(OR(B474=\"\",C474=\"\"),ERROR.TYPE(3),IFERROR(O474/(IF(F474=120,$G$12,'LDT2,HLDT,MDPV'!$G$11)),\"\")))","v":""}]
[null,null,null,null,null,null,null,null,null,null,null,"","","","","",{"$f":"IF(A475=\"\",\"\",IF(OR(B475=\"\",C475=\"\"),ERROR.TYPE(3),IFERROR(O475/(IF(F475=120,$G$12,'LDT2,HLDT,MDPV'!$G$11)),\"\")))","v":""}]
[null,null,null,null,null,null,null,null,null,null,null,"","","","","",{"$f":"IF(A476=\"\",\"\",IF(OR(B476=\"\",C476=\"\"),ERROR.TYPE(3),IFERROR(O476/(IF(F476=120,$G$12,'LDT2,HLDT,MDPV'!$G$11)),\"\")))","v":""}]
[null,null,null,null,null,null,null,null,null,null,null,"","","","","",{"$f":"IF(A477=\"\",\"\",IF(OR(B477=\"\",C477=\"\"),ERROR.TYPE(3),IFERROR(O477/(IF(F477=120,$G$12,'LDT2,HLDT,MDPV'!$G$11)),\"\")))","v":""}]
[null,null,null,null,null,null,null,null,null,null,null,"","","","","",{"$f":"IF(A478=\"\",\"\",IF(OR(B478=\"\",C478=\"\"),ERROR.TYPE(3),IFERROR(O478/(IF(F478=120,$G$12,'LDT2,HLDT,MDPV'!$G$11)),\"\")))","v":""}]
[null,null,null,null,null,null,null,null,null,null,null,"","","","","",{"$f":"IF(A479=\"\",\"\",IF(OR(B479=\"\",C479=\"\"),ERROR.TYPE(3),IFERROR(O479/(IF(F479=120,$G$12,'LDT2,HLDT,MDPV'!$G$11)),\"\")))","v":""}]
[null,null,null,null,null,null,null,null,null,null,null,"","","","","",{"$f":"IF(A480=\"\",\"\",IF(OR(B480=\"\",C480=\"\"),ERROR.TYPE(3),IFERROR(O480/(IF(F480=120,$G$12,'LDT2,HLDT,MDPV'!$G$11)),\"\")))","v":""}]
[null,null,null,null,null,null,null,null,null,null,null,"","","","","",{"$f":"IF(A481=\"\",\"\",IF(OR(B481=\"\",C481=\"\"),ERROR.TYPE(3),IFERROR(O481/(IF(F481=120,$G$12,'LDT2,HLDT,MDPV'!$G$11)),\"\")))","v":""}]
[null,null,null,null,null,null,null,null,null,null,null,"","","","","",{"$f":"IF(A482=\"\",\"\",IF(OR(B482=\"\",C482=\"\"),ERROR.TYPE(3),IFERROR(O482/(IF(F482=120,$G$12,'LDT2,HLDT,MDPV'!$G$11)),\"\")))","v":""}]
[null,null,null,null,null,null,null,null,null,null,null,"","","","","",{"$f":"IF(A483=\"\",\"\",IF(OR(B483=\"\",C483=\"\"),ERROR.TYPE(3),IFERROR(O483/(IF(F483=120,$G$12,'LDT2,HLDT,MDPV'!$G$11)),\"\")))","v":""}]
[null,null,null,null,null,null,null,null,null,null,null,"","","","","",{"$f":"IF(A484=\"\",\"\",IF(OR(B484=\"\",C484=\"\"),ERROR.TYPE(3),IFERROR(O484/(IF(F484=120,$G$12,'LDT2,HLDT,MDPV'!$G$11)),\"\")))","v":""}]
[null,null,null,null,null,null,null,null,null,null,null,"","","","","",{"$f":"IF(A485=\"\",\"\",IF(OR(B485=\"\",C485=\"\"),ERROR.TYPE(3),IFERROR(O485/(IF(F485=120,$G$12,'LDT2,HLDT,MDPV'!$G$11)),\"\")))","v":""}]
[null,null,null,null,null,null,null,null,null,null,null,"","","","","",{"$f":"IF(A486=\"\",\"\",IF(OR(B486=\"\",C486=\"\"),ERROR.TYPE(3),IFERROR(O486/(IF(F486=120,$G$12,'LDT2,HLDT,MDPV'!$G$11)),\"\")))","v":""}]
[null,null,null,null,null,null,null,null,null,null,null,"","","","","",{"$f":"IF(A487=\"\",\"\",IF(OR(B487=\"\",C487=\"\"),ERROR.TYPE(3),IFERROR(O487/(IF(F487=120,$G$12,'LDT2,HLDT,MDPV'!$G$11)),\"\")))","v":""}]

{"sheet":"LDT2,HLDT,MDPV","index":1,"n_rows":486,"n_cols":17,"rows_kept":486,"cut":false,"hidden":false,"merged":[[6,5,6,9],[1,11,1,15],[0,0,0,16],[1,0,1,9],[14,1,15,1],[14,0,15,0],[14,15,15,15],[14,16,15,16],[10,0,11,1],[10,2,11,2],[12,0,12,1],[14,10,15,10],[3,0,3,16],[4,0,4,16],[6,14,6,16]]}
["Example Template - Federal Tier 3 Banking & Trading LDT2/HLDT/MDPV Vehicle Table  for One Model Year"]
["Manufacturer: ___________________________",null,null,null,null,null,null,null,null,null,null,"Date:_____________________"]
[]
["Purpose and Scope of this Guidance Document          "]
["        This document was prepared by EPA's Office of Transportation and Air Quality (OTAQ).  It is one of several intended to aid regulated parties in reporting Tier 3 and Cold NMHC Averaging, Banking and Trading (AB&T) information and calculating AB&T fleet average credits for light-duty vehicles and certain heavy-duty class 2b and 3 vehicles, ref. 40 CFR 86.1862-04(c).  It contains EPA's recommended format for manufacturers to report to EPA their end-of-year Tier 3 AB&T calculations, credits and other information with respect to the implementation of the AB&T provisions of the EPA Tier 3 final rule (79 FR 23414, April 28, 2014) as amended (80 FR 9078, February 19, 2015; 80 FR 26463, May 8, 2015);  ref. 40 CFR Parts 85, 86, 600, 1065, 1066.  Use of this document is purely optional.\n       This document does not in any way alter or waive the requirements in EPA regulations.  Although the calculations and formulas provided in this document are intended to assist manufacturers in the implementation of EPA regulations, this document does not establish or change the legal rights or obligations of manufacturers or others in complying with EPA regulations, including 40 CFR 86.1862-04(c). If an error or other discrepancy is found in this document, including the calculation formulas, please contact your EPA certification team member or Dave Good at (734) 214-4450 or by email at good.david@epa.gov.  The regulations take precedence."]
[]
[null,null,null,null,null,"150K Averaging Set",null,null,null,null,null,null,null,null,"OMB Control Number 2060-0104\nExpires 3-31-2020"]
[null,null,null,null,null,"Emission Standard","Total Production","Fleet average compliance","Fleet average standard","Credits or Debits"]
["Instructions",null,null,null,null,null,null,"g/mi","g/mi","g/mi"]
[null,null,null,null,null,"FTP (NMOG+NOx)",{"$f":"SUMIF(E17:E486,\"150\",J17:J486)","v":70403},{"$f":"astm(SUMIF(E17:E486,\"150\",P17:P486),3)","v":0.12},{"$f":"IF(C13=\"Yes\",IF(C11<2022,0.125,0.051),IF(C11=2015,0.119,IF(C11=2016,0.11,IF(C11=2017,0.101,IF(C11=2018,0.092,IF(C11=2019,0.083,IF(C11=2020,0.074,IF(C11=2021,0.065,IF(C11=2022,0.056,IF(C11=2023,0.047,IF(C11=2024,0.038,IF(C11>=2025,0.03,\"n/a\"))))))))))))","v":0.10100000000000001},{"$f":"IF(C13=\"Yes\",IF(C11<2022,0,astm(((I10-H10)*$G$10),0)),astm(((I10-H10)*$G$10),0))","v":-1338}]
["Select Model Year:",null,2017,null,null,"SFTP  (NMOG+NOx)",{"$f":"IF(C11-'LDV,LDT1'!C12<>0, \"MY ERROR\", SUMIF(F17:F486,\"150\",J17:J486)+SUMIF('LDV,LDT1'!F18:'LDV,LDT1'!F487,\"150\",'LDV,LDT1'!J18:'LDV,LDT1'!J487))","v":264243},{"$f":"astm(SUMIF(F17:F486,150,Q17:Q486)+SUMIF('LDV,LDT1'!F18:'LDV,LDT1'!F487,150,'LDV,LDT1'!Q18:'LDV,LDT1'!Q487),3)","v":{"$error":"#NAME?"}},{"$f":"IF(C11=2015,0.14,IF(C11=2016,0.11,IF(C11=2017,0.103,IF(C11=2018,0.097,IF(C11=2019,0.09,IF(C11=2020,0.083,IF(C11=2021,0.077,IF(C11=2022,0.07,IF(C11=2023,0.063,IF(C11=2024,0.057,IF(C11>=2025,0.05,\"n/a\")))))))))))","v":0.10299999999999999},{"$f":"IF(C11-'LDV,LDT1'!C12<>0,\"ERROR--Model year doesn't match model year used on LDV,LDT1 spreadsheet\",astm(((I11-H11)*G$11),0))","v":{"$error":"#NAME?"}}]
[]
["Small Volume under 86.1811-17(h)(1)?",null,"No"]
[]
["Test Group","Bin\n(NMOG + NOx)","SFTP\nNMOG + NOx standard","Test Group Useful Life Miles","FTP\nUseful Life of Averaging Set","SFTP\nUseful Life of Averaging Set","150K Warranty per §86.1811-17(b)(4)(ii)","50-State Direct Ozone Reduction (DOR) \n(LEV III regs)","If yes to DOR, CARB Approved Level","Production\n(50-State)","Comments","FTP\nNMOG + NOx standard\n\n[Column B Bin x 0.001]","Actual FTP NMOG + NOx Standard Level\n[Derived from columns \nG, H, I, L]","FTP\nProduction\nx Bin\n\n[Columns \nJ x M]","SFTP\nProduction\nx Bin\n\n[Columns \nJ x C]","FTP Intermediate calulation","SFTP Intermediate calulation"]
[null,null,"g/mi","x1000 Mi","x1000 Miles","x1000 Miles","Y or N","Y or N","g/mi","# of Units",null,"g/mi","g/mi","g/mi","g/mi"]
["A",160,0.06,120,150,150,"Yes","Yes",4.0000000000000001E-3,50000,"LDT2 only; [Formatted comments field cells to \"wrap text\" as shown in the example comments for this cell.]",{"$f":"IF(A17=\"\",\"\",IF(B17=160,0.16,IF(B17=125,0.125,IF(B17=110,0.11,IF(B17=85,0.085,IF(B17=\"FED SULEV30\",0.03,IF(B17=70,0.07,IF(B17=50,0.05,IF(B17=30,0.03,IF(B17=20,0.02,IF(B17=0,0,\"n/a\")))))))))))","v":0.16},{"$f":"IF(L17=\"\",\"\",MAX(0,L17-IF(G17=\"Yes\",0.005,0))-IF(H17=\"Yes\",I17,0))","v":0.151},{"$f":"IF(A17=\"\",\"\",IF(OR(B17=\"\",C17=\"\"),\"FIX BIN\",J17*M17))","v":7550},{"$f":"IF(A17=\"\",\"\",IF(OR(B17=\"\",C17=\"\"),\"FIX BIN\",IFERROR(J17*C17,\"\")))","v":3000},{"$f":"IF(A17=\"\",\"\",IF(OR(B17=\"\",C17=\"\"),ERROR.TYPE(3),IFERROR(N17/$G$10,\"\")))","v":0.10723974830618013},{"$f":"IF(A17=\"\",\"\",IF(OR(B17=\"\",C17=\"\"),ERROR.TYPE(3),IFERROR(O17/$G$11,\"\")))","v":1.1353186271727161E-2}]
["B",50,7.0000000000000007E-2,150,150,150,"No","No",null,15403,"LDT2 only",0.05,0.05,770.15000000000009,1078.21,1.0939164524239025E-2,4.080372990012981E-3]
["C",30,7.0000000000000007E-2,150,150,150,"Yes","No",null,5000,"LDT2 only",0.03,2.4999999999999998E-2,124.99999999999999,350.00000000000006,1.7754925216254987E-3,1.3245383983681689E-3]
[null,null,null,null,null,null,null,null,null,null,null,"","","","","",""]
[null,null,null,null,null,null,null,null,null,null,null,"","","","","",""]
[null,null,null,null,null,null,null,null,null,null,null,"","","","","",""]
[null,null,null,null,null,null,null,null,null,null,null,"","","","","",""]
[null,null,null,null,null,null,null,null,null,null,null,"","","","","",""]
[null,null,null,null,null,null,null,null,null,null,null,"","","","","",""]
[null,null,null,null,null,null,null,null,null,null,null,"","","","","",""]
[null,null,null,null,null,null,null,null,null,null,null,"","","","","",""]
[null,null,null,null,null,null,null,null,null,null,null,"","","","","",""]
[null,null,null,null,null,null,null,null,null,null,null,"","","","","",""]
[null,null,null,null,null,null,null,null,null,null,null,"","","","","",""]
[null,null,null,null,null,null,null,null,null,null,null,"","","","","",""]
[null,null,null,null,null,null,null,null,null,null,null,"","","","","",""]
[null,null,null,null,null,null,null,null,null,null,null,"","","","","",""]
[null,null,null,null,null,null,null,null,null,null,null,"","","","","",""]
[null,null,null,null,null,null,null,null,null,null,null,"","","","","",""]
[null,null,null,null,null,null,null,null,null,null,null,"","","","","",""]
[null,null,null,null,null,null,null,null,null,null,null,"","","","","",""]
[null,null,null,null,null,null,null,null,null,null,null,"","","","","",""]
[null,null,null,null,null,null,null,null,null,null,null,"","","","","",""]
[null,null,null,null,null,null,null,null,null,null,null,"","","","","",""]
[null,null,null,null,null,null,null,null,null,null,null,"","","","","",""]
[null,null,null,null,null,null,null,null,null,null,null,"","","","","",""]
[null,null,null,null,null,null,null,null,null,null,null,"","","","","",""]
[null,null,null,null,null,null,null,null,null,null,null,"","","","","",""]
[null,null,null,null,null,null,null,null,null,null,null,"","","","","",""]
[null,null,null,null,null,null,null,null,null,null,null,"","","","","",""]
[null,null,null,null,null,null,null,null,null,null,null,"","","","","",""]
[null,null,null,null,null,null,null,null,null,null,null,"","","","","",""]
[null,null,null,null,null,null,null,null,null,null,null,"","","","","",""]
[null,null,null,null,null,null,null,null,null,null,null,"","","","","",""]
[null,null,null,null,null,null,null,null,null,null,null,"","","","","",""]
[null,null,null,null,null,null,null,null,null,null,null,"","","","","",""]
[null,null,null,null,null,null,null,null,null,null,null,"","","","","",""]
[null,null,null,null,null,null,null,null,null,null,null,"","","","","",""]
[null,null,null,null,null,null,null,null,null,null,null,"","","","","",""]
[null,null,null,null,null,null,null,null,null,null,null,"","","","","",""]
[null,null,null,null,null,null,null,null,null,null,null,"","","","","",""]
[null,null,null,null,null,null,null,null,null,null,null,"","","","","",""]
[null,null,null,null,null,null,null,null,null,null,null,"","","","","",""]
[null,null,null,null,null,null,null,null,null,null,null,"","","","","",""]
[null,null,null,null,null,null,null,null,null,null,null,"","","","","",""]
[null,null,null,null,null,null,null,null,null,null,null,"","","","","",""]
[null,null,null,null,null,null,null,null,null,null,null,"","","","","",""]
[null,null,null,null,null,null,null,null,null,null,null,"","","","","",""]
[null,null,null,null,null,null,null,null,null,null,null,"","","","","",""]
[null,null,null,null,null,null,null,null,null,null,null,"","","","","",""]
[null,null,null,null,null,null,null,null,null,null,null,"","","","","",""]
[null,null,null,null,null,null,null,null,null,null,null,"","","","","",""]
[null,null,null,null,null,null,null,null,null,null,null,"","","","","",""]
[null,null,null,null,null,null,null,null,null,null,null,"","","","","",""]
[null,null,null,null,null,null,null,null,null,null,null,"","","","","",""]
[null,null,null,null,null,null,null,null,null,null,null,"","","","","",""]
[null,null,null,null,null,null,null,null,null,null,null,"","","","","",""]
[null,null,null,null,null,null,null,null,null,null,null,"","","","","",""]
[null,null,null,null,null,null,null,null,null,null,null,"","","","","",""]
[null,null,null,null,null,null,null,null,null,null,null,"","","","","",""]
[null,null,null,null,null,null,null,null,null,null,null,"","","","","",""]
[null,null,null,null,null,null,null,null,null,null,null,"","","","","",""]
[null,null,null,null,null,null,null,null,null,null,null,"","","","","",""]
[null,null,null,null,null,null,null,null,null,null,null,"","","","","",""]
[null,null,null,null,null,null,null,null,null,null,null,{"$f":"IF(A81=\"\",\"\",IF(B81=160,0.16,IF(B81=125,0.125,IF(B81=110,0.11,IF(B81=85,0.085,IF(B81=\"FED SULEV30\",0.03,IF(B81=70,0.07,IF(B81=50,0.05,IF(B81=30,0.03,IF(B81=20,0.02,IF(B81=0,0,\"n/a\")))))))))))","v":""},{"$f":"IF(L81=\"\",\"\",MAX(0,L81-IF(G81=\"Yes\",0.005,0))-IF(H81=\"Yes\",I81,0))","v":""},{"$f":"IF(A81=\"\",\"\",IF(OR(B81=\"\",C81=\"\"),\"FIX BIN\",J81*M81))","v":""},{"$f":"IF(A81=\"\",\"\",IF(OR(B81=\"\",C81=\"\"),\"FIX BIN\",IFERROR(J81*C81,\"\")))","v":""},{"$f":"IF(A81=\"\",\"\",IF(OR(B81=\"\",C81=\"\"),ERROR.TYPE(3),IFERROR(N81/$G$10,\"\")))","v":""},{"$f":"IF(A81=\"\",\"\",IF(OR(B81=\"\",C81=\"\"),ERROR.TYPE(3),IFERROR(O81/$G$11,\"\")))","v":""}]
[null,null,null,null,null,null,null,null,null,null,null,"","","","","",""]
[null,null,null,null,null,null,null,null,null,null,null,"","","","","",""]
[null,null,null,null,null,null,null,null,null,null,null,"","","","","",""]
[null,null,null,null,null,null,null,null,null,null,null,"","","","","",""]
[null,null,null,null,null,null,null,null,null,null,null,"","","","","",""]
[null,null,null,null,null,null,null,null,null,null,null,"","","","","",""]
[null,null,null,null,null,null,null,null,null,null,null,"","","","","",""]
[null,null,null,null,null,null,null,null,null,null,null,"","","","","",""]
[null,null,null,null,null,null,null,null,null,null,null,"","","","","",""]
[null,null,null,null,null,null,null,null,null,null,null,"","","","","",""]
[null,null,null,null,null,null,null,null,null,null,null,"","","","","",""]
[null,null,null,null,null,null,null,null,null,null,null,"","","","","",""]
[null,null,null,null,null,null,null,null,null,null,null,"","","","","",""]
[null,null,null,null,null,null,null,null,null,null,null,"","","","","",""]
[null,null,null,null,null,null,null,null,null,null,null,"","","","","",""]
[null,null,null,null,null,null,null,null,null,null,null,"","","","","",""]
[null,null,null,null,null,null,null,null,null,null,null,"","","","","",""]
[null,null,null,null,null,null,null,null,null,null,null,"","","","","",""]
[null,null,null,null,null,null,null,null,null,null,null,"","","","","",""]
[null,null,null,null,null,null,null,null,null,null,null,"","","","","",""]
[null,null,null,null,null,null,null,null,null,null,null,"","","","","",""]
[null,null,null,null,null,null,null,null,null,null,null,"","","","","",""]
[null,null,null,null,null,null,null,null,null,null,null,"","","","","",""]
[null,null,null,null,null,null,null,null,null,null,null,"","","","","",""]
[null,null,null,null,null,null,null,null,null,null,null,"","","","","",""]
[null,null,null,null,null,null,null,null,null,null,null,"","","","","",""]
[null,null,null,null,null,null,null,null,null,null,null,"","","","","",""]
[null,null,null,null,null,null,null,null,null,null,null,"","","","","",""]
[null,null,null,null,null,null,null,null,null,null,null,"","","","","",""]
[null,null,null,null,null,null,null,null,null,null,null,"","","","","",""]
[null,null,null,null,null,null,null,null,null,null,null,"","","","","",""]
[null,null,null,null,null,null,null,null,null,null,null,"","","","","",""]
[null,null,null,null,null,null,null,null,null,null,null,"","","","","",""]
[null,null,null,null,null,null,null,null,null,null,null,"","","","","",""]
[null,null,null,null,null,null,null,null,null,null,null,"","","","","",""]
[null,null,null,null,null,null,null,null,null,null,null,"","","","","",""]
[null,null,null,null,null,null,null,null,null,null,null,"","","","","",""]
[null,null,null,null,null,null,null,null,null,null,null,"","","","","",""]
[null,null,null,null,null,null,null,null,null,null,null,"","","","","",""]
[null,null,null,null,null,null,null,null,null,null,null,"","","","","",""]
[null,null,null,null,null,null,null,null,null,null,null,"","","","","",""]
[null,null,null,null,null,null,null,null,null,null,null,"","","","","",""]
[null,null,null,null,null,null,null,null,null,null,null,"","","","","",""]
[null,null,null,null,null,null,null,null,null,null,null,"","","","","",""]
[null,null,null,null,null,null,null,null,null,null,null,"","","","","",""]
[null,null,null,null,null,null,null,null,null,null,null,"","","","","",""]
[null,null,null,null,null,null,null,null,null,null,null,"","","","","",""]
[null,null,null,null,null,null,null,null,null,null,null,"","","","","",""]
[null,null,null,null,null,null,null,null,null,null,null,"","","","","",""]
[null,null,null,null,null,null,null,null,null,null,null,"","","","","",""]
[null,null,null,null,null,null,null,null,null,null,null,"","","","","",""]
[null,null,null,null,null,null,null,null,null,null,null,"","","","","",""]
[null,null,null,null,null,null,null,null,null,null,null,"","","","","",""]
[null,null,null,null,null,null,null,null,null,null,null,"","","","","",""]
[null,null,null,null,null,null,null,null,null,null,null,"","","","","",""]
[null,null,null,null,null,null,null,null,null,null,null,"","","","","",""]
[null,null,null,null,null,null,null,null,null,null,null,"","","","","",""]
[null,null,null,null,null,null,null,null,null,null,null,"","","","","",""]
[null,null,null,null,null,null,null,null,null,null,null,"","","","","",""]
[null,null,null,null,null,null,null,null,null,null,null,"","","","","",""]
[null,null,null,null,null,null,null,null,null,null,null,"","","","","",""]
[null,null,null,null,null,null,null,null,null,null,null,"","","","","",""]
[null,null,null,null,null,null,null,null,null,null,null,"","","","","",""]
[null,null,null,null,null,null,null,null,null,null,null,{"$f":"IF(A145=\"\",\"\",IF(B145=160,0.16,IF(B145=125,0.125,IF(B145=110,0.11,IF(B145=85,0.085,IF(B145=\"FED SULEV30\",0.03,IF(B145=70,0.07,IF(B145=50,0.05,IF(B145=30,0.03,IF(B145=20,0.02,IF(B145=0,0,\"n/a\")))))))))))","v":""},{"$f":"IF(L145=\"\",\"\",MAX(0,L145-IF(G145=\"Yes\",0.005,0))-IF(H145=\"Yes\",I145,0))","v":""},{"$f":"IF(A145=\"\",\"\",IF(OR(B145=\"\",C145=\"\"),\"FIX BIN\",J145*M145))","v":""},{"$f":"IF(A145=\"\",\"\",IF(OR(B145=\"\",C145=\"\"),\"FIX BIN\",IFERROR(J145*C145,\"\")))","v":""},{"$f":"IF(A145=\"\",\"\",IF(OR(B145=\"\",C145=\"\"),ERROR.TYPE(3),IFERROR(N145/$G$10,\"\")))","v":""},{"$f":"IF(A145=\"\",\"\",IF(OR(B145=\"\",C145=\"\"),ERROR.TYPE(3),IFERROR(O145/$G$11,\"\")))","v":""}]
[null,null,null,null,null,null,null,null,null,null,null,"","","","","",""]
[null,null,null,null,null,null,null,null,null,null,null,"","","","","",""]
[null,null,null,null,null,null,null,null,null,null,null,"","","","","",""]
[null,null,null,null,null,null,null,null,null,null,null,"","","","","",""]
[null,null,null,null,null,null,null,null,null,null,null,"","","","","",""]
[null,null,null,null,null,null,null,null,null,null,null,"","","","","",""]
[null,null,null,null,null,null,null,null,null,null,null,"","","","","",""]
[null,null,null,null,null,null,null,null,null,null,null,"","","","","",""]
[null,null,null,null,null,null,null,null,null,null,null,"","","","","",""]
[null,null,null,null,null,null,null,null,null,null,null,"","","","","",""]
[null,null,null,null,null,null,null,null,null,null,null,"","","","","",""]
[null,null,null,null,null,null,null,null,null,null,null,"","","","","",""]
[null,null,null,null,null,null,null,null,null,null,null,"","","","","",""]
[null,null,null,null,null,null,null,null,null,null,null,"","","","","",""]
[null,null,null,null,null,null,null,null,null,null,null,"","","","","",""]
[null,null,null,null,null,null,null,null,null,null,null,"","","","","",""]
[null,null,null,null,null,null,null,null,null,null,null,"","","","","",""]
[null,null,null,null,null,null,null,null,null,null,null,"","","","","",""]
[null,null,null,null,null,null,null,null,null,null,null,"","","","","",""]
[null,null,null,null,null,null,null,null,null,null,null,"","","","","",""]
[null,null,null,null,null,null,null,null,null,null,null,"","","","","",""]
[null,null,null,null,null,null,null,null,null,null,null,"","","","","",""]
[null,null,null,null,null,null,null,null,null,null,null,"","","","","",""]
[null,null,null,null,null,null,null,null,null,null,null,"","","","","",""]
[null,null,null,null,null,null,null,null,null,null,null,"","","","","",""]
[null,null,null,null,null,null,null,null,null,null,null,"","","","","",""]
[null,null,null,null,null,null,null,null,null,null,null,"","","","","",""]
[null,null,null,null,null,null,null,null,null,null,null,"","","","","",""]
[null,null,null,null,null,null,null,null,null,null,null,"","","","","",""]
[null,null,null,null,null,null,null,null,null,null,null,"","","","","",""]
[null,null,null,null,null,null,null,null,null,null,null,"","","","","",""]
[null,null,null,null,null,null,null,null,null,null,null,"","","","","",""]
[null,null,null,null,null,null,null,null,null,null,null,"","","","","",""]
[null,null,null,null,null,null,null,null,null,null,null,"","","","","",""]
[null,null,null,null,null,null,null,null,null,null,null,"","","","","",""]
[null,null,null,null,null,null,null,null,null,null,null,"","","","","",""]
[null,null,null,null,null,null,null,null,null,null,null,"","","","","",""]
[null,null,null,null,null,null,null,null,null,null,null,"","","","","",""]
[null,null,null,null,null,null,null,null,null,null,null,"","","","","",""]
[null,null,null,null,null,null,null,null,null,null,null,"","","","","",""]
[null,null,null,null,null,null,null,null,null,null,null,"","","","","",""]
[null,null,null,null,null,null,null,null,null,null,null,"","","","","",""]
[null,null,null,null,null,null,null,null,null,null,null,"","","","","",""]
[null,null,null,null,null,null,null,null,null,null,null,"","","","","",""]
[null,null,null,null,null,null,null,null,null,null,null,"","","","","",""]
[null,null,null,null,null,null,null,null,null,null,null,"","","","","",""]
[null,null,null,null,null,null,null,null,null,null,null,"","","","","",""]
[null,null,null,null,null,null,null,null,null,null,null,"","","","","",""]
[null,null,null,null,null,null,null,null,null,null,null,"","","","","",""]
[null,null,null,null,null,null,null,null,null,null,null,"","","","","",""]
[null,null,null,null,null,null,null,null,null,null,null,"","","","","",""]
[null,null,null,null,null,null,null,null,null,null,null,"","","","","",""]
[null,null,null,null,null,null,null,null,null,null,null,"","","","","",""]
[null,null,null,null,null,null,null,null,null,null,null,"","","","","",""]
[null,null,null,null,null,null,null,null,null,null,null,"","","","","",""]
[null,null,null,null,null,null,null,null,null,null,null,"","","","","",""]
[null,null,null,null,null,null,null,null,null,null,null,"","","","","",""]
[null,null,null,null,null,null,null,null,null,null,null,"","","","","",""]
[null,null,null,null,null,null,null,null,null,null,null,"","","","","",""]
[null,null,null,null,null,null,null,null,null,null,null,"","","","","",""]
[null,null,null,null,null,null,null,null,null,null,null,"","","","","",""]
[null,null,null,null,null,null,null,null,null,null,null,"","","","","",""]
[null,null,null,null,null,null,null,null,null,null,null,"","","","","",""]
[null,null,null,null,null,null,null,null,null,null,null,{"$f":"IF(A209=\"\",\"\",IF(B209=160,0.16,IF(B209=125,0.125,IF(B209=110,0.11,IF(B209=85,0.085,IF(B209=\"FED SULEV30\",0.03,IF(B209=70,0.07,IF(B209=50,0.05,IF(B209=30,0.03,IF(B209=20,0.02,IF(B209=0,0,\"n/a\")))))))))))","v":""},{"$f":"IF(L209=\"\",\"\",MAX(0,L209-IF(G209=\"Yes\",0.005,0))-IF(H209=\"Yes\",I209,0))","v":""},{"$f":"IF(A209=\"\",\"\",IF(OR(B209=\"\",C209=\"\"),\"FIX BIN\",J209*M209))","v":""},{"$f":"IF(A209=\"\",\"\",IF(OR(B209=\"\",C209=\"\"),\"FIX BIN\",IFERROR(J209*C209,\"\")))","v":""},{"$f":"IF(A209=\"\",\"\",IF(OR(B209=\"\",C209=\"\"),ERROR.TYPE(3),IFERROR(N209/$G$10,\"\")))","v":""},{"$f":"IF(A209=\"\",\"\",IF(OR(B209=\"\",C209=\"\"),ERROR.TYPE(3),IFERROR(O209/$G$11,\"\")))","v":""}]
[null,null,null,null,null,null,null,null,null,null,null,"","","","","",""]
[null,null,null,null,null,null,null,null,null,null,null,"","","","","",""]
[null,null,null,null,null,null,null,null,null,null,null,"","","","","",""]
[null,null,null,null,null,null,null,null,null,null,null,"","","","","",""]
[null,null,null,null,null,null,null,null,null,null,null,"","","","","",""]
[null,null,null,null,null,null,null,null,null,null,null,"","","","","",""]
[null,null,null,null,null,null,null,null,null,null,null,"","","","","",""]
[null,null,null,null,null,null,null,null,null,null,null,"","","","","",""]
[null,null,null,null,null,null,null,null,null,null,null,"","","","","",""]
[null,null,null,null,null,null,null,null,null,null,null,"","","","","",""]
[null,null,null,null,null,null,null,null,null,null,null,"","","","","",""]
[null,null,null,null,null,null,null,null,null,null,null,"","","","","",""]
[null,null,null,null,null,null,null,null,null,null,null,"","","","","",""]
[null,null,null,null,null,null,null,null,null,null,null,"","","","","",""]
[null,null,null,null,null,null,null,null,null,null,null,"","","","","",""]
[null,null,null,null,null,null,null,null,null,null,null,"","","","","",""]
[null,null,null,null,null,null,null,null,null,null,null,"","","","","",""]
[null,null,null,null,null,null,null,null,null,null,null,"","","","","",""]
[null,null,null,null,null,null,null,null,null,null,null,"","","","","",""]
[null,null,null,null,null,null,null,null,null,null,null,"","","","","",""]
[null,null,null,null,null,null,null,null,null,null,null,"","","","","",""]
[null,null,null,null,null,null,null,null,null,null,null,"","","","","",""]
[null,null,null,null,null,null,null,null,null,null,null,"","","","","",""]
[null,null,null,null,null,null,null,null,null,null,null,"","","","","",""]
[null,null,null,null,null,null,null,null,null,null,null,"","","","","",""]
[null,null,null,null,null,null,null,null,null,null,null,"","","","","",""]
[null,null,null,null,null,null,null,null,null,null,null,"","","","","",""]
[null,null,null,null,null,null,null,null,null,null,null,"","","","","",""]
[null,null,null,null,null,null,null,null,null,null,null,"","","","","",""]
[null,null,null,null,null,null,null,null,null,null,null,"","","","","",""]
[null,null,null,null,null,null,null,null,null,null,null,"","","","","",""]
[null,null,null,null,null,null,null,null,null,null,null,"","","","","",""]
[null,null,null,null,null,null,null,null,null,null,null,"","","","","",""]
[null,null,null,null,null,null,null,null,null,null,null,"","","","","",""]
[null,null,null,null,null,null,null,null,null,null,null,"","","","","",""]
[null,null,null,null,null,null,null,null,null,null,null,"","","","","",""]
[null,null,null,null,null,null,null,null,null,null,null,"","","","","",""]
[null,null,null,null,null,null,null,null,null,null,null,"","","","","",""]
[null,null,null,null,null,null,null,null,null,null,null,"","","","","",""]
[null,null,null,null,null,null,null,null,null,null,null,"","","","","",""]
[null,null,null,null,null,null,null,null,null,null,null,"","","","","",""]
[null,null,null,null,null,null,null,null,null,null,null,"","","","","",""]
[null,null,null,null,null,null,null,null,null,null,null,"","","","","",""]
[null,null,null,null,null,null,null,null,null,null,null,"","","","","",""]
[null,null,null,null,null,null,null,null,null,null,null,"","","","","",""]
[null,null,null,null,null,null,null,null,null,null,null,"","","","","",""]
[null,null,null,null,null,null,null,null,null,null,null,"","","","","",""]
[null,null,null,null,null,null,null,null,null,null,null,"","","","","",""]
[null,null,null,null,null,null,null,null,null,null,null,"","","","","",""]
[null,null,null,null,null,null,null,null,null,null,null,"","","","","",""]
[null,null,null,null,null,null,null,null,null,null,null,"","","","","",""]
[null,null,null,null,null,null,null,null,null,null,null,"","","","","",""]
[null,null,null,null,null,null,null,null,null,null,null,"","","","","",""]
[null,null,null,null,null,null,null,null,null,null,null,"","","","","",""]
[null,null,null,null,null,null,null,null,null,null,null,"","","","","",""]
[null,null,null,null,null,null,null,null,null,null,null,"","","","","",""]
[null,null,null,null,null,null,null,null,null,null,null,"","","","","",""]
[null,null,null,null,null,null,null,null,null,null,null,"","","","","",""]
[null,null,null,null,null,null,null,null,null,null,null,"","","","","",""]
[null,null,null,null,null,null,null,null,null,null,null,"","","","","",""]
[null,null,null,null,null,null,null,null,null,null,null,"","","","","",""]
[null,null,null,null,null,null,null,null,null,null,null,"","","","","",""]
[null,null,null,null,null,null,null,null,null,null,null,"","","","","",""]
[null,null,null,null,null,null,null,null,null,null,null,{"$f":"IF(A273=\"\",\"\",IF(B273=160,0.16,IF(B273=125,0.125,IF(B273=110,0.11,IF(B273=85,0.085,IF(B273=\"FED SULEV30\",0.03,IF(B273=70,0.07,IF(B273=50,0.05,IF(B273=30,0.03,IF(B273=20,0.02,IF(B273=0,0,\"n/a\")))))))))))","v":""},{"$f":"IF(L273=\"\",\"\",MAX(0,L273-IF(G273=\"Yes\",0.005,0))-IF(H273=\"Yes\",I273,0))","v":""},{"$f":"IF(A273=\"\",\"\",IF(OR(B273=\"\",C273=\"\"),\"FIX BIN\",J273*M273))","v":""},{"$f":"IF(A273=\"\",\"\",IF(OR(B273=\"\",C273=\"\"),\"FIX BIN\",IFERROR(J273*C273,\"\")))","v":""},{"$f":"IF(A273=\"\",\"\",IF(OR(B273=\"\",C273=\"\"),ERROR.TYPE(3),IFERROR(N273/$G$10,\"\")))","v":""},{"$f":"IF(A273=\"\",\"\",IF(OR(B273=\"\",C273=\"\"),ERROR.TYPE(3),IFERROR(O273/$G$11,\"\")))","v":""}]
[null,null,null,null,null,null,null,null,null,null,null,"","","","","",""]
[null,null,null,null,null,null,null,null,null,null,null,"","","","","",""]
[null,null,null,null,null,null,null,null,null,null,null,"","","","","",""]
[null,null,null,null,null,null,null,null,null,null,null,"","","","","",""]
[null,null,null,null,null,null,null,null,null,null,null,"","","","","",""]
[null,null,null,null,null,null,null,null,null,null,null,"","","","","",""]
[null,null,null,null,null,null,null,null,null,null,null,"","","","","",""]
[null,null,null,null,null,null,null,null,null,null,null,"","","","","",""]
[null,null,null,null,null,null,null,null,null,null,null,"","","","","",""]
[null,null,null,null,null,null,null,null,null,null,null,"","","","","",""]
[null,null,null,null,null,null,null,null,null,null,null,"","","","","",""]
[null,null,null,null,null,null,null,null,null,null,null,"","","","","",""]
[null,null,null,null,null,null,null,null,null,null,null,"","","","","",""]
[null,null,null,null,null,null,null,null,null,null,null,"","","","","",""]
[null,null,null,null,null,null,null,null,null,null,null,"","","","","",""]
[null,null,null,null,null,null,null,null,null,null,null,"","","","","",""]
[null,null,null,null,null,null,null,null,null,null,null,"","","","","",""]
[null,null,null,null,null,null,null,null,null,null,null,"","","","","",""]
[null,null,null,null,null,null,null,null,null,null,null,"","","","","",""]
[null,null,null,null,null,null,null,null,null,null,null,"","","","","",""]
[null,null,null,null,null,null,null,null,null,null,null,"","","","","",""]
[null,null,null,null,null,null,null,null,null,null,null,"","","","","",""]
[null,null,null,null,null,null,null,null,null,null,null,"","","","","",""]
[null,null,null,null,null,null,null,null,null,null,null,"","","","","",""]
[null,null,null,null,null,null,null,null,null,null,null,"","","","","",""]
[null,null,null,null,null,null,null,null,null,null,null,"","","","","",""]
[null,null,null,null,null,null,null,null,null,null,null,"","","","","",""]
[null,null,null,null,null,null,null,null,null,null,null,"","","","","",""]
[null,null,null,null,null,null,null,null,null,null,null,"","","","","",""]
[null,null,null,null,null,null,null,null,null,null,null,"","","","","",""]
[null,null,null,null,null,null,null,null,null,null,null,"","","","","",""]
[null,null,null,null,null,null,null,null,null,null,null,"","","","","",""]
[null,null,null,null,null,null,null,null,null,null,null,"","","","","",""]
[null,null,null,null,null,null,null,null,null,null,null,"","","","","",""]
[null,null,null,null,null,null,null,null,null,null,null,"","","","","",""]
[null,null,null,null,null,null,null,null,null,null,null,"","","","","",""]
[null,null,null,null,null,null,null,null,null,null,null,"","","","","",""]
[null,null,null,null,null,null,null,null,null,null,null,"","","","","",""]
[null,null,null,null,null,null,null,null,null,null,null,"","","","","",""]
[null,null,null,null,null,null,null,null,null,null,null,"","","","","",""]
[null,null,null,null,null,null,null,null,null,null,null,"","","","","",""]
[null,null,null,null,null,null,null,null,null,null,null,"","","","","",""]
[null,null,null,null,null,null,null,null,null,null,null,"","","","","",""]
[null,null,null,null,null,null,null,null,null,null,null,"","","","","",""]
[null,null,null,null,null,null,null,null,null,null,null,"","","","","",""]
[null,null,null,null,null,null,null,null,null,null,null,"","","","","",""]
[null,null,null,null,null,null,null,null,null,null,null,"","","","","",""]
[null,null,null,null,null,null,null,null,null,null,null,"","","","","",""]
[null,null,null,null,null,null,null,null,null,null,null,"","","","","",""]
[null,null,null,null,null,null,null,null,null,null,null,"","","","","",""]
[null,null,null,null,null,null,null,null,null,null,null,"","","","","",""]
[null,null,null,null,null,null,null,null,null,null,null,"","","","","",""]
[null,null,null,null,null,null,null,null,null,null,null,"","","","","",""]
[null,null,null,null,null,null,null,null,null,null,null,"","","","","",""]
[null,null,null,null,null,null,null,null,null,null,null,"","","","","",""]
[null,null,null,null,null,null,null,null,null,null,null,"","","","","",""]
[null,null,null,null,null,null,null,null,null,null,null,"","","","","",""]
[null,null,null,null,null,null,null,null,null,null,null,"","","","","",""]
[null,null,null,null,null,null,null,null,null,null,null,"","","","","",""]
[null,null,null,null,null,null,null,null,null,null,null,"","","","","",""]
[null,null,null,null,null,null,null,null,null,null,null,"","","","","",""]
[null,null,null,null,null,null,null,null,null,null,null,"","","","","",""]
[null,null,null,null,null,null,null,null,null,null,null,"","","","","",""]
[null,null,null,null,null,null,null,null,null,null,null,{"$f":"IF(A337=\"\",\"\",IF(B337=160,0.16,IF(B337=125,0.125,IF(B337=110,0.11,IF(B337=85,0.085,IF(B337=\"FED SULEV30\",0.03,IF(B337=70,0.07,IF(B337=50,0.05,IF(B337=30,0.03,IF(B337=20,0.02,IF(B337=0,0,\"n/a\")))))))))))","v":""},{"$f":"IF(L337=\"\",\"\",MAX(0,L337-IF(G337=\"Yes\",0.005,0))-IF(H337=\"Yes\",I337,0))","v":""},{"$f":"IF(A337=\"\",\"\",IF(OR(B337=\"\",C337=\"\"),\"FIX BIN\",J337*M337))","v":""},{"$f":"IF(A337=\"\",\"\",IF(OR(B337=\"\",C337=\"\"),\"FIX BIN\",IFERROR(J337*C337,\"\")))","v":""},{"$f":"IF(A337=\"\",\"\",IF(OR(B337=\"\",C337=\"\"),ERROR.TYPE(3),IFERROR(N337/$G$10,\"\")))","v":""},{"$f":"IF(A337=\"\",\"\",IF(OR(B337=\"\",C337=\"\"),ERROR.TYPE(3),IFERROR(O337/$G$11,\"\")))","v":""}]
[null,null,null,null,null,null,null,null,null,null,null,"","","","","",""]
[null,null,null,null,null,null,null,null,null,null,null,"","","","","",""]
[null,null,null,null,null,null,null,null,null,null,null,"","","","","",""]
[null,null,null,null,null,null,null,null,null,null,null,"","","","","",""]
[null,null,null,null,null,null,null,null,null,null,null,"","","","","",""]
[null,null,null,null,null,null,null,null,null,null,null,"","","","","",""]
[null,null,null,null,null,null,null,null,null,null,null,"","","","","",""]
[null,null,null,null,null,null,null,null,null,null,null,"","","","","",""]
[null,null,null,null,null,null,null,null,null,null,null,"","","","","",""]
[null,null,null,null,null,null,null,null,null,null,null,"","","","","",""]
[null,null,null,null,null,null,null,null,null,null,null,"","","","","",""]
[null,null,null,null,null,null,null,null,null,null,null,"","","","","",""]
[null,null,null,null,null,null,null,null,null,null,null,"","","","","",""]
[null,null,null,null,null,null,null,null,null,null,null,"","","","","",""]
[null,null,null,null,null,null,null,null,null,null,null,"","","","","",""]
[null,null,null,null,null,null,null,null,null,null,null,"","","","","",""]
[null,null,null,null,null,null,null,null,null,null,null,"","","","","",""]
[null,null,null,null,null,null,null,null,null,null,null,"","","","","",""]
[null,null,null,null,null,null,null,null,null,null,null,"","","","","",""]
[null,null,null,null,null,null,null,null,null,null,null,"","","","","",""]
[null,null,null,null,null,null,null,null,null,null,null,"","","","","",""]
[null,null,null,null,null,null,null,null,null,null,null,"","","","","",""]
[null,null,null,null,null,null,null,null,null,null,null,"","","","","",""]
[null,null,null,null,null,null,null,null,null,null,null,"","","","","",""]
[null,null,null,null,null,null,null,null,null,null,null,"","","","","",""]
[null,null,null,null,null,null,null,null,null,null,null,"","","","","",""]
[null,null,null,null,null,null,null,null,null,null,null,"","","","","",""]
[null,null,null,null,null,null,null,null,null,null,null,"","","","","",""]
[null,null,null,null,null,null,null,null,null,null,null,"","","","","",""]
[null,null,null,null,null,null,null,null,null,null,null,"","","","","",""]
[null,null,null,null,null,null,null,null,null,null,null,"","","","","",""]
[null,null,null,null,null,null,null,null,null,null,null,"","","","","",""]
[null,null,null,null,null,null,null,null,null,null,null,"","","","","",""]
[null,null,null,null,null,null,null,null,null,null,null,"","","","","",""]
[null,null,null,null,null,null,null,null,null,null,null,"","","","","",""]
[null,null,null,null,null,null,null,null,null,null,null,"","","","","",""]
[null,null,null,null,null,null,null,null,null,null,null,"","","","","",""]
[null,null,null,null,null,null,null,null,null,null,null,"","","","","",""]
[null,null,null,null,null,null,null,null,null,null,null,"","","","","",""]
[null,null,null,null,null,null,null,null,null,null,null,"","","","","",""]
[null,null,null,null,null,null,null,null,null,null,null,"","","","","",""]
[null,null,null,null,null,null,null,null,null,null,null,"","","","","",""]
[null,null,null,null,null,null,null,null,null,null,null,"","","","","",""]
[null,null,null,null,null,null,null,null,null,null,null,"","","","","",""]
[null,null,null,null,null,null,null,null,null,null,null,"","","","","",""]
[null,null,null,null,null,null,null,null,null,null,null,"","","","","",""]
[null,null,null,null,null,null,null,null,null,null,null,"","","","","",""]
[null,null,null,null,null,null,null,null,null,null,null,"","","","","",""]
[null,null,null,null,null,null,null,null,null,null,null,"","","","","",""]
[null,null,null,null,null,null,null,null,null,null,null,"","","","","",""]
[null,null,null,null,null,null,null,null,null,null,null,"","","","","",""]
[null,null,null,null,null,null,null,null,null,null,null,"","","","","",""]
[null,null,null,null,null,null,null,null,null,null,null,"","","","","",""]
[null,null,null,null,null,null,null,null,null,null,null,"","","","","",""]
[null,null,null,null,null,null,null,null,null,null,null,"","","","","",""]
[null,null,null,null,null,null,null,null,null,null,null,"","","","","",""]
[null,null,null,null,null,null,null,null,null,null,null,"","","","","",""]
[null,null,null,null,null,null,null,null,null,null,null,"","","","","",""]
[null,null,null,null,null,null,null,null,null,null,null,"","","","","",""]
[null,null,null,null,null,null,null,null,null,null,null,"","","","","",""]
[null,null,null,null,null,null,null,null,null,null,null,"","","","","",""]
[null,null,null,null,null,null,null,null,null,null,null,"","","","","",""]
[null,null,null,null,null,null,null,null,null,null,null,"","","","","",""]
[null,null,null,null,null,null,null,null,null,null,null,{"$f":"IF(A401=\"\",\"\",IF(B401=160,0.16,IF(B401=125,0.125,IF(B401=110,0.11,IF(B401=85,0.085,IF(B401=\"FED SULEV30\",0.03,IF(B401=70,0.07,IF(B401=50,0.05,IF(B401=30,0.03,IF(B401=20,0.02,IF(B401=0,0,\"n/a\")))))))))))","v":""},{"$f":"IF(L401=\"\",\"\",MAX(0,L401-IF(G401=\"Yes\",0.005,0))-IF(H401=\"Yes\",I401,0))","v":""},{"$f":"IF(A401=\"\",\"\",IF(OR(B401=\"\",C401=\"\"),\"FIX BIN\",J401*M401))","v":""},{"$f":"IF(A401=\"\",\"\",IF(OR(B401=\"\",C401=\"\"),\"FIX BIN\",IFERROR(J401*C401,\"\")))","v":""},{"$f":"IF(A401=\"\",\"\",IF(OR(B401=\"\",C401=\"\"),ERROR.TYPE(3),IFERROR(N401/$G$10,\"\")))","v":""},{"$f":"IF(A401=\"\",\"\",IF(OR(B401=\"\",C401=\"\"),ERROR.TYPE(3),IFERROR(O401/$G$11,\"\")))","v":""}]
[null,null,null,null,null,null,null,null,null,null,null,"","","","","",""]
[null,null,null,null,null,null,null,null,null,null,null,"","","","","",""]
[null,null,null,null,null,null,null,null,null,null,null,"","","","","",""]
[null,null,null,null,null,null,null,null,null,null,null,"","","","","",""]
[null,null,null,null,null,null,null,null,null,null,null,"","","","","",""]
[null,null,null,null,null,null,null,null,null,null,null,"","","","","",""]
[null,null,null,null,null,null,null,null,null,null,null,"","","","","",""]
[null,null,null,null,null,null,null,null,null,null,null,"","","","","",""]
[null,null,null,null,null,null,null,null,null,null,null,"","","","","",""]
[null,null,null,null,null,null,null,null,null,null,null,"","","","","",""]
[null,null,null,null,null,null,null,null,null,null,null,"","","","","",""]
[null,null,null,null,null,null,null,null,null,null,null,"","","","","",""]
[null,null,null,null,null,null,null,null,null,null,null,"","","","","",""]
[null,null,null,null,null,null,null,null,null,null,null,"","","","","",""]
[null,null,null,null,null,null,null,null,null,null,null,"","","","","",""]
[null,null,null,null,null,null,null,null,null,null,null,"","","","","",""]
[null,null,null,null,null,null,null,null,null,null,null,"","","","","",""]
[null,null,null,null,null,null,null,null,null,null,null,"","","","","",""]
[null,null,null,null,null,null,null,null,null,null,null,"","","","","",""]
[null,null,null,null,null,null,null,null,null,null,null,"","","","","",""]
[null,null,null,null,null,null,null,null,null,null,null,"","","","","",""]
[null,null,null,null,null,null,null,null,null,null,null,"","","","","",""]
[null,null,null,null,null,null,null,null,null,null,null,"","","","","",""]
[null,null,null,null,null,null,null,null,null,null,null,"","","","","",""]
[null,null,null,null,null,null,null,null,null,null,null,"","","","","",""]
[null,null,null,null,null,null,null,null,null,null,null,"","","","","",""]
[null,null,null,null,null,null,null,null,null,null,null,"","","","","",""]
[null,null,null,null,null,null,null,null,null,null,null,"","","","","",""]
[null,null,null,null,null,null,null,null,null,null,null,"","","","","",""]
[null,null,null,null,null,null,null,null,null,null,null,"","","","","",""]
[null,null,null,null,null,null,null,null,null,null,null,"","","","","",""]
[null,null,null,null,null,null,null,null,null,null,null,"","","","","",""]
[null,null,null,null,null,null,null,null,null,null,null,"","","","","",""]
[null,null,null,null,null,null,null,null,null,null,null,"","","","","",""]
[null,null,null,null,null,null,null,null,null,null,null,"","","","","",""]
[null,null,null,null,null,null,null,null,null,null,null,"","","","","",""]
[null,null,null,null,null,null,null,null,null,null,null,"","","","","",""]
[null,null,null,null,null,null,null,null,null,null,null,"","","","","",""]
[null,null,null,null,null,null,null,null,null,null,null,"","","","","",""]
[null,null,null,null,null,null,null,null,null,null,null,"","","","","",""]
[null,null,null,null,null,null,null,null,null,null,null,"","","","","",""]
[null,null,null,null,null,null,null,null,null,null,null,"","","","","",""]
[null,null,null,null,null,null,null,null,null,null,null,"","","","","",""]
[null,null,null,null,null,null,null,null,null,null,null,"","","","","",""]
[null,null,null,null,null,null,null,null,null,null,null,"","","","","",""]
[null,null,null,null,null,null,null,null,null,null,null,"","","","","",""]
[null,null,null,null,null,null,null,null,null,null,null,"","","","","",""]
[null,null,null,null,null,null,null,null,null,null,null,"","","","","",""]
[null,null,null,null,null,null,null,null,null,null,null,"","","","","",""]
[null,null,null,null,null,null,null,null,null,null,null,"","","","","",""]
[null,null,null,null,null,null,null,null,null,null,null,"","","","","",""]
[null,null,null,null,null,null,null,null,null,null,null,"","","","","",""]
[null,null,null,null,null,null,null,null,null,null,null,"","","","","",""]
[null,null,null,null,null,null,null,null,null,null,null,"","","","","",""]
[null,null,null,null,null,null,null,null,null,null,null,"","","","","",""]
[null,null,null,null,null,null,null,null,null,null,null,"","","","","",""]
[null,null,null,null,null,null,null,null,null,null,null,"","","","","",""]
[null,null,null,null,null,null,null,null,null,null,null,"","","","","",""]
[null,null,null,null,null,null,null,null,null,null,null,"","","","","",""]
[null,null,null,null,null,null,null,null,null,null,null,"","","","","",""]
[null,null,null,null,null,null,null,null,null,null,null,"","","","","",""]
[null,null,null,null,null,null,null,null,null,null,null,"","","","","",""]
[null,null,null,null,null,null,null,null,null,null,null,"","","","","",""]
[null,null,null,null,null,null,null,null,null,null,null,{"$f":"IF(A465=\"\",\"\",IF(B465=160,0.16,IF(B465=125,0.125,IF(B465=110,0.11,IF(B465=85,0.085,IF(B465=\"FED SULEV30\",0.03,IF(B465=70,0.07,IF(B465=50,0.05,IF(B465=30,0.03,IF(B465=20,0.02,IF(B465=0,0,\"n/a\")))))))))))","v":""},{"$f":"IF(L465=\"\",\"\",MAX(0,L465-IF(G465=\"Yes\",0.005,0))-IF(H465=\"Yes\",I465,0))","v":""},{"$f":"IF(A465=\"\",\"\",IF(OR(B465=\"\",C465=\"\"),\"FIX BIN\",J465*M465))","v":""},{"$f":"IF(A465=\"\",\"\",IF(OR(B465=\"\",C465=\"\"),\"FIX BIN\",IFERROR(J465*C465,\"\")))","v":""},{"$f":"IF(A465=\"\",\"\",IF(OR(B465=\"\",C465=\"\"),ERROR.TYPE(3),IFERROR(N465/$G$10,\"\")))","v":""},{"$f":"IF(A465=\"\",\"\",IF(OR(B465=\"\",C465=\"\"),ERROR.TYPE(3),IFERROR(O465/$G$11,\"\")))","v":""}]
[null,null,null,null,null,null,null,null,null,null,null,"","","","","",""]
[null,null,null,null,null,null,null,null,null,null,null,"","","","","",""]
[null,null,null,null,null,null,null,null,null,null,null,"","","","","",""]
[null,null,null,null,null,null,null,null,null,null,null,"","","","","",""]
[null,null,null,null,null,null,null,null,null,null,null,"","","","","",""]
[null,null,null,null,null,null,null,null,null,null,null,"","","","","",""]
[null,null,null,null,null,null,null,null,null,null,null,"","","","","",""]
[null,null,null,null,null,null,null,null,null,null,null,"","","","","",""]
[null,null,null,null,null,null,null,null,null,null,null,"","","","","",""]
[null,null,null,null,null,null,null,null,null,null,null,"","","","","",""]
[null,null,null,null,null,null,null,null,null,null,null,"","","","","",""]
[null,null,null,null,null,null,null,null,null,null,null,"","","","","",""]
[null,null,null,null,null,null,null,null,null,null,null,"","","","","",""]
[null,null,null,null,null,null,null,null,null,null,null,"","","","","",""]
[null,null,null,null,null,null,null,null,null,null,null,"","","","","",""]
[null,null,null,null,null,null,null,null,null,null,null,"","","","","",""]
[null,null,null,null,null,null,null,null,null,null,null,"","","","","",""]
[null,null,null,null,null,null,null,null,null,null,null,"","","","","",""]
[null,null,null,null,null,null,null,null,null,null,null,"","","","","",""]
[null,null,null,null,null,null,null,null,null,null,null,"","","","","",""]
[null,null,null,null,null,null,null,null,null,null,null,"","","","","",""]

{"sheet":"FTP 120k NMOG+NOX Summary","index":2,"n_rows":53,"n_cols":11,"rows_kept":53,"cut":false,"hidden":false,"merged":[[1,7,1,10],[0,0,0,10],[22,0,23,0],[7,0,7,2],[8,0,8,2],[9,0,9,2],[22,1,23,1],[22,2,23,2],[21,10,23,10],[21,6,22,6],[1,0,1,6],[21,9,23,9],[3,0,3,10],[4,0,4,10],[10,1,10,2],[6,1,6,2],[34,2,34,5],[26,3,26,5],[21,3,21,5],[21,8,23,8],[52,2,52,5],[40,3,40,5],[45,3,45,5],[50,3,50,5],[30,3,30,5],[32,3,32,5],[21,7,23,7],[28,3,28,5],[37,3,37,5],[8,3,8,4],[9,3,9,4],[10,3,10,4],[7,6,7,9],[8,6,8,8],[9,6,9,8],[10,6,10,8]]}
["Example Template - Banking & Trading 120K Summary Table- FTP NMOG+NOX"]
["Manufacturer: _______________",null,null,null,null,null,null,"Date:_______________"]
[]
["Purpose and Scope of this Guidance Document          "]
["       This document was prepared by EPA's Office of Transportation and Air Quality (OTAQ).  It is one of several intended to aid regulated parties in reporting Tier 3 and Cold NMHC Averaging, Banking and Trading (AB&T) information and calculating AB&T fleet average credits for light-duty vehicles and certain heavy-duty class 2b and 3 vehicles, ref. 40 CFR 86.1862-04(c).  It contains EPA's recommended format for manufacturers to report to EPA their end-of-year Tier 3 AB&T calculations, credits and other information with respect to the implementation of the AB&T provisions of the EPA Tier 3 final rule (79 FR 23414, April 28, 2014) as amended (80 FR 9078, February 19, 2015; 80 FR 26463, May 8, 2015);  ref. 40 CFR Parts 85, 86, 600, 1065, 1066.  Use of this document is purely optional.\n       This document does not in any way alter or waive the requirements in EPA regulations.  Although the calculations and formulas provided in this document are intended to assist manufacturers in the implementation of EPA regulations, this document does not establish or change the legal rights or obligations of manufacturers or others in complying with EPA regulations, including 40 CFR 86.1862-04(c). If an error or other discrepancy is found in this document, including the calculation formulas, please contact your EPA certification team member or Dave Good at (734) 214-4450 or by email at good.david@epa.gov.  The regulations take precedence."]
[]
[null,"Instructions",null,null,null,null,null,null,null,null,"OMB Control Number 2060-0104"]
["Select Model Year: ",null,null,2017,null,null,"Enter \"X\" to indicate method used to calculate 2015-2017 Early Credits:",null,null,null,"Expires 3-31-2020"]
["Select Type of Report: ",null,null,"Final Model Year Report",null,null,"Method \n(Check only one)",null,null,"J. Check one, \nif applicable:"]
["Select Program: ",null,null,"120k Useful Life",null,null,"§86.1811-17(b)(10) & (b)(11)(ix)\n(e.g. EPA Early Credit Calculator on web)"]
[null,"Small Volume?",null,"No",null,null,"§86.1811-17(b)(11)(ix) & §86.1861;\n(Compare Bin to §86.1811-17(b)(11) Stds)",null,null,"X",{"$f":"IF(AND(J10=\"X\", J11=\"X\"), \"ERROR in Cells J10 and J11---Can't use both methods of generating early credits, ref. §86.1817-11(b)(11)(ix)\", \"\")","v":""}]
[]
[]
[null,null,null,"If using the §86.1811-17(b)(10) & (b)(11)(ix) method, enter the results from the EPA Early Credit Calculator on web here:"]
[null,null,null,null,"End of Model Year 2017 credit banks (Early Tier 3 and true Tier 3 credits)"]
[]
[null,null,null,null,null,null,"Fleet Credit or (Debits)"]
[null,null,null,null,null,null,"Model Year","MY15e","MY16e","MY17e and MY17"]
[null,null,null,null,null,null,"Capped / Settled Early Tier 3 bank",485,485,"Not Applicable"]
[null,null,null,null,null,null,"Tier 3 bank",null,null,500]
[]
[null,null,null,"Fleet Average Compliance Level",null,null,"G.  Credit (Debit) \n[Calc from J10, J11, D,E,F]","Date Credits/ Debits were earned","Date Credits will expire","Last Date When Credits can be Traded","Comments"]
["A.  Date of Transaction ","B.  Model Year","C. Category","D. Applicable FTP Standards","E.   \nMfr  FTP Compliance Level","F. Production Volume "]
[null,null,null,"gram/mi","gram/mi","units","gram/mi"]
[]
["2015 Early Credits:"]
["2018-05-01",2015,"LDV/LDT/MDPV","Not Applicable",null,null,{"$f":" IF(AND(J10=\"X\", J11=\"X\"), \"ERROR\",IF(J10=\"X\", H19, 0))","v":0},"2015-12-31",{"$f":"DATE(YEAR(H27)+5,MONTH(H27),DAY(H27))","v":"2020-12-31"},"2020-12-31","2015 Early FTP Credits from attached EPA Early Credits AB&T work sheet; ref. https://www.epa.gov/regulations-emissions-vehicles-and-engines/final-rule-control-air-pollution-motor-vehicles-tier-3#additional-resources "]
["2016-05-01",2015,"LDV/LDT1",0.1,0.02,23090,{"$f":"IF(AND(J10=\"X\", J11=\"X\"), \"ERROR\",IF(J11<>\"X\",0,astm((astm(D28,3)-(astm(E28,3)))*F28,0)))","v":1847},"2015-12-31",{"$f":"DATE(YEAR(H28)+8,MONTH(H28),DAY(H28))","v":"2023-12-31"},"2020-12-31","2015 Early Tier 3 FTP Credits earned per 40 CFR 86.1811-17(b)(11); see 2015 LDV/LDT1 spreadsheet.  Note that test groups certified to Bin 70 or lower were certified to a 150,000 mile useful life; ref. 86.1811-17-(b)(11)(vii)."]
[null,null,null,"Total 2015 Early Credits Remaining:",null,null,{"$f":"SUM(G27:G28)","v":1847}]
["2016 Early Credits:"]
["2018-05-01",2016,"LDV/LDT/MDPV","Not Applicable",null,null,{"$f":"IF(AND(J10=\"X\", J11=\"X\"), \"ERROR\",IF(J10=\"X\", I19, 0))","v":0},"2016-12-31",{"$f":"DATE(YEAR(H31)+5,MONTH(H31),DAY(H31))","v":"2021-12-31"},"2021-12-31","2016 Early FTP Credits from attached EPA Early Credits AB&T work sheet; ref. https://www.epa.gov/regulations-emissions-vehicles-and-engines/final-rule-control-air-pollution-motor-vehicles-tier-3#additional-resources "]
["2017-05-01",2016,"LDV/LDT1",9.2999999999999999E-2,0.02,51101,{"$f":"IF(AND(J10=\"X\", J11=\"X\"), \"ERROR\",IF(J11<>\"X\",0,astm((astm(D32,3)-(astm(E32,3)))*F32,0)))","v":3730},"2016-12-31",{"$f":"DATE(YEAR(H32)+8,MONTH(H32),DAY(H32))","v":"2024-12-31"},"2021-12-31","2016 Early Tier 3 FTP Credits earned per 40 CFR 86.1811-17(b)(11); see 2015 LDV/LDT1 spreadsheet. Note that test groups certified to Bin 70 or lower were certified to a 150,000 mile useful life; ref. 86.1811-17-(b)(11)(vii)."]
[null,null,null,"Total 2016 Early Credits Remaining:",null,null,{"$f":"SUM(G31:G32)","v":3730}]
[]
[null,null,"Total 2015-2016 Early Credits Remaining:",null,null,null,{"$f":"G29+G33","v":5577}]
[]
["2017 Credits:"]
["2018-05-01",2017,"LDV/LDT/MDPV","Not Applicable",null,null,{"$f":"IF(AND(J10=\"X\", J11=\"X\"), \"ERROR\",IF(J10=\"X\",J20, 0))","v":0},"2017-12-31",{"$f":"  IF(H38=\"\", \"\", IF(    AND(    (H38)>DATE(2017,12,30), (H38)< DATE(2025,1,1)    ),     (MIN(DATE(YEAR(H38)+8,MONTH(H38),DAY(H38)), \"12/31/2030\")),     DATE(YEAR(H38)+5,MONTH(H38),DAY(H38))))","v":"2025-12-31"},{"$f":"DATE(YEAR(H38)+5,MONTH(I38),DAY(I38))","v":"2022-12-31"},"2017 Tier 3 FTP Credits from attached EPA Early Credits AB&T work sheet; ref. https://www.epa.gov/regulations-emissions-vehicles-and-engines/final-rule-control-air-pollution-motor-vehicles-tier-3#additional-resources "]
["2018-05-01",2017,"LDV/LDT1",{"$f":"'LDV,LDT1'!I11","v":7.2999999999999995E-2},{"$f":"'LDV,LDT1'!H11","v":9.9000000000000005E-2},{"$f":"'LDV,LDT1'!G11","v":250000},{"$f":"IF(AND(J10=\"X\", J11=\"X\"), \"ERROR\",IF(J10=\"X\",0,astm((astm(D39,3)-(astm(E39,3)))*F39,0)))","v":-6500},"2017-12-31",{"$f":"DATE(YEAR(H39)+8,MONTH(H39),DAY(H39))","v":"2025-12-31"},"2021-12-31"]
["2018-02-06",2017,"Transfer","-","-","-",10000,"2017-12-31","-","-","Purchased 10,000  2017 120K FTP credits from Manufacture B.  (Credits were earned on 12/31/2017.) "]
[null,null,null,"Total 2017 Credits Remaining:",null,null,{"$f":"SUM(G38:G40)","v":3500}]
[]
["2018 Credits: "]
["2019-05-01",2018,"LDV/LDT1",null,null,null,{"$f":"astm((astm(D44,3)-(astm(E44,3)))*F44,0)","v":0}]
[null,2018,"Transfer","-","-","-",null,null,"-","-"]
[null,null,null,"Total 2018 Credits Remaining:",null,null,{"$f":"SUM(G44:G45)","v":0}]
[]
["2019 Credits: "]
["2020-05-01",2019,"LDV/LDT1",null,null,null,{"$f":"astm((astm(D49,3)-(astm(E49,3)))*F49,0)","v":0}]
[null,2019,"Transfer","-","-","-",null,null,"-","-"]
[null,null,null,"Total 2019 Credits Remaining:",null,null,{"$f":"SUM(G49:G50)","v":0}]
[]
[null,null,"Grand Total 2015-2019 Credits Remaining:",null,null,null,{"$f":"G35+G41+G46+G51","v":9077}]

{"sheet":"FTP 150k NMOG+NOX Summary","index":3,"n_rows":65,"n_cols":11,"rows_kept":65,"cut":false,"hidden":false,"merged":[[0,0,0,10],[21,7,23,7],[22,2,23,2],[9,0,9,2],[21,8,23,8],[21,10,23,10],[7,0,7,2],[1,0,1,8],[21,3,21,5],[21,6,22,6],[8,0,8,2],[4,0,4,10],[6,1,6,2],[3,0,3,10],[10,1,10,2],[8,3,8,4],[41,3,41,5],[38,3,38,5],[36,3,36,5],[32,3,32,5],[22,0,23,0],[22,1,23,1],[30,3,30,5],[26,3,26,5],[64,2,64,5],[62,3,62,5],[56,3,56,5],[50,3,50,5],[43,2,43,5],[46,3,46,5],[16,0,17,2],[21,9,23,9],[9,3,9,4],[10,3,10,4],[7,6,7,9],[8,6,8,8],[9,6,9,8],[10,6,10,8]]}
["Example Template - Banking & Trading 150K Summary Table- FTP NMOG+NOX"]
["Manufacturer: _______________________",null,null,null,null,null,null,null,null,null,"Date:_______________"]
[]
["Purpose and Scope of this Guidance Document          "]
["        This document was prepared by EPA's Office of Transportation and Air Quality (OTAQ).  It is one of several intended to aid regulated parties in reporting Tier 3 and Cold NMHC Averaging, Banking and Trading (AB&T) information and calculating AB&T fleet average credits for light-duty vehicles and certain heavy-duty class 2b and 3 vehicles, ref. 40 CFR 86.1862-04(c).  It contains EPA's recommended format for manufacturers to report to EPA their end-of-year Tier 3 AB&T calculations, credits and other information with respect to the implementation of the AB&T provisions of the EPA Tier 3 final rule (79 FR 23414, April 28, 2014) as amended (80 FR 9078, February 19, 2015; 80 FR 26463, May 8, 2015);  ref. 40 CFR Parts 85, 86, 600, 1065, 1066.  Use of this document is purely optional.\n       This document does not in any way alter or waive the requirements in EPA regulations.  Although the calculations and formulas provided in this document are intended to assist manufacturers in the implementation of EPA regulations, this document does not establish or change the legal rights or obligations of manufacturers or others in complying with EPA regulations, including 40 CFR 86.1862-04(c). If an error or other discrepancy is found in this document, including the calculation formulas, please contact your EPA certification team member or Dave Good at (734) 214-4450 or by email at good.david@epa.gov.  The regulations take precedence."]
[]
[null,"Instructions",null,null,null,null,null,null,null,null,"OMB Control Number 2060-0104"]
["Select Model Year: ",null,null,2017,null,null,"Enter \"X\" to indicate method used to calculate 2015-2017 Early Credits:",null,null,null,"Expires 3-31-2020"]
["Select Type of Report: ",null,null,"Final Model Year Report",null,null,"Method \n(Check only one)",null,null,"J. Check one, if applicable:"]
["Select Program: ",null,null,"150k Useful Life",null,null,"§86.1811-17(b)(10) & (b)(11)(ix)\n(e.g. EPA Early Credit Calculator on web)",null,null,"X"]
[null,"Small Volume?",null,"No",null,null,"§86.1811-17(b)(11)(ix) & §86.1861;\n(Compare Bin to §86.1811-17(b)(11) Stds)",null,null,null,{"$f":"IF(AND(J10=\"X\", J11=\"X\"), \"ERROR in Cells J10 and J11---Can't use both methods of generating early credits, ref. §86.1817-11(b)(11)(ix)\", \"\")","v":""}]
[]
[]
[null,null,null,"If using the §86.1811-17(b)(10) & (b)(11)(ix) method, enter the results from the EPA Early Credit Calculator on web here:"]
[null,null,null,null,"End of Model Year 2017 credit banks (Early Tier 3 and true Tier 3 credits)"]
[]
[null,null,null,null,null,null,"Fleet Credit or (Debits)"]
[null,null,null,null,null,null,"Model Year","MY15e","MY16e","MY17e and MY17"]
[null,null,null,null,null,null,"Capped / Settled Early Tier 3 bank",372,651,93]
[null,null,null,null,null,null,"Tier 3 bank",null,null,100]
[]
[null,null,null,"Fleet Average Compliance Level",null,null,"G.  Credit (Debit) \n[Calc from J10, J11, D,E,F]","Date Credits/ Debits were earned","Date Credits will expire","Last Date When Credits can be Traded","Comments"]
["A.  Date of Transaction","B.  Model Year","C. Category","D. Applicable FTP Standards","E.   \nMfr  FTP Compliance Level","F. Production Volume "]
[null,null,null,"gram/mi","gram/mi","units","gram/mi"]
[]
["2015 Early Credits:"]
["2018-05-01",2015,"LDV/LDT/MDPV","Not Applicable",null,null,{"$f":" IF(AND(J10=\"X\", J11=\"X\"), \"ERROR\",IF(J10=\"X\", H19, 0))","v":372},"2015-12-31",{"$f":"DATE(YEAR(H27)+5,MONTH(H27),DAY(H27))","v":"2020-12-31"},{"$f":"DATE(YEAR(H27)+5,MONTH(I27),DAY(I27))","v":"2020-12-31"},"2015 Early FTP Credits from attached EPA Early Credits AB&T work sheet; ref. https://www.epa.gov/regulations-emissions-vehicles-and-engines/final-rule-control-air-pollution-motor-vehicles-tier-3#additional-resources "]
["2016-05-01",2015,"LDV/LDT1",0.1,0.02,10002,{"$f":"IF(AND(J10=\"X\", J11=\"X\"), \"ERROR\",IF(J11<>\"X\",0,astm((astm(D28,3)-(astm(E28,3)))*F28,0)))","v":0},"2015-12-31",{"$f":"DATE(YEAR(H28)+8,MONTH(H28),DAY(H28))","v":"2023-12-31"},{"$f":"DATE(YEAR(H28)+5,MONTH(I28),DAY(I28))","v":"2020-12-31"},"2015 Early Tier 3 FTP Credits earned per 40 CFR 86.1811-17(b)(11); see 2015 LDV/LDT1 spreadsheet. "]
["2016-05-01",2015,"LDT2/HLDT/MDPV",0.11899999999999999,0.05,1000,{"$f":"IF(AND(J10=\"X\", J11=\"X\"), \"ERROR\",IF(J11<>\"X\",0,astm((astm(D29,3)-(astm(E29,3)))*F29,0)))","v":0},"2015-12-31","2023-12-31",{"$f":"DATE(YEAR(H29)+5,MONTH(I29),DAY(I29))","v":"2020-12-31"},"2015 Early Tier 3 FTP Credits earned per 40 CFR 86.1811-17(b)(11); see 2015 LDT2/HLDT/MDPV spreadsheet. "]
[null,2015,"Transfer","-","-","-",null,"-","-","-"]
[null,null,null,"Total 2015 Early Credits Remaining:",null,null,{"$f":"SUM(G27:G30)","v":372}]
["2016 Early Credits:"]
["2018-05-01",2016,"LDV/LDT/MDPV","Not Applicable",null,null,{"$f":"IF(AND(J10=\"X\", J11=\"X\"), \"ERROR\",IF(J10=\"X\", I19, 0))","v":651},"2016-12-31",{"$f":"DATE(YEAR(H33)+5,MONTH(H33),DAY(H33))","v":"2021-12-31"},{"$f":"DATE(YEAR(H33)+5,MONTH(I33),DAY(I33))","v":"2021-12-31"},"2016 Early Credits from attached EPA Early Credits AB&T work sheet; ref. https://www.epa.gov/regulations-emissions-vehicles-and-engines/final-rule-control-air-pollution-motor-vehicles-tier-3#additional-resources "]
["2017-05-01",2016,"LDV/LDT1",9.2999999999999999E-2,0.02,21784,{"$f":"IF(AND(J10=\"X\", J11=\"X\"), \"ERROR\",IF(J11<>\"X\",0,astm((astm(D34,3)-(astm(E34,3)))*F34,0)))","v":0},"2016-12-31",{"$f":"DATE(YEAR(H34)+8,MONTH(H34),DAY(H34))","v":"2024-12-31"},{"$f":"DATE(YEAR(H34)+5,MONTH(I34),DAY(I34))","v":"2021-12-31"},"2016 Early Tier 3 FTP Credits earned per 40 CFR 86.1811-17(b)(11); see 2016 LDV/LDT1 spreadsheet. "]
["2017-05-01",2016,"LDT2/HLDT/MDPV",0.11,0.05,1000,{"$f":"IF(AND(J10=\"X\", J11=\"X\"), \"ERROR\",IF(J11<>\"X\",0,astm((astm(D35,3)-(astm(E35,3)))*F35,0)))","v":0},"2016-12-31",{"$f":"DATE(YEAR(H35)+8,MONTH(H35),DAY(H35))","v":"2024-12-31"},{"$f":"DATE(YEAR(H35)+5,MONTH(I35),DAY(I35))","v":"2021-12-31"},"2016 Early Tier 3 FTP Credits earned per 40 CFR 86.1811-17(b)(11); see 2016 LDT2/HLDT/MDPV spreadsheet. "]
[null,2016,"Transfer","-","-","-",null,"-","-","-"]
[null,null,null,"Total 2016 Early Credits Remaining:",null,null,{"$f":"SUM(G33:G36)","v":651}]
["2017 Early Credits:"]
["2018-05-01",2017,"LDV/LDT/MDPV","Not Applicable",null,null,{"$f":"IF(AND(J10=\"X\", J11=\"X\"), \"ERROR\",IF(J10=\"X\", J19, 0))","v":93},"2017-12-31",{"$f":"DATE(YEAR(H39)+5,MONTH(H39),DAY(H39))","v":"2022-12-31"},{"$f":"DATE(YEAR(H39)+5,MONTH(I39),DAY(I39))","v":"2022-12-31"},"2017 Early FTP Credits from attached EPA Early Credits AB&T work sheet; ref. https://www.epa.gov/regulations-emissions-vehicles-and-engines/final-rule-control-air-pollution-motor-vehicles-tier-3#additional-resources "]
["2018-05-01",2017,"HLDT/MDPV",0.10100000000000001,0.05,1000,{"$f":"IF(AND(J10=\"X\", J11=\"X\"), \"ERROR\",IF(J11<>\"X\",0,astm((astm(D40,3)-(astm(E40,3)))*F40,0)))","v":0},"2017-12-31",{"$f":"DATE(YEAR(H40)+5,MONTH(H40),DAY(H40))","v":"2022-12-31"},{"$f":"DATE(YEAR(H40)+5,MONTH(I40),DAY(I40))","v":"2022-12-31"},"2017 Early Tier 3 FTP Credits earned per 40 CFR 86.1811-17(b)(11); see separate 2017 HLDT/MDPV spreadsheet. "]
[null,2017,"Transfer","-","-","-",null,"-","-","-"]
[null,null,null,"Total 2017 Early Credits Remaining:",null,null,{"$f":"SUM(G39:G41)","v":93}]
[]
[null,null,"Total 2015-2017 Early Credits Remaining:",null,null,null,{"$f":"SUM(G31+G37+G42)","v":1116}]
[]
["2017 Credits:"]
["2018-05-01",2017,"LDV/LDT/MDPV","Not Applicable",null,null,{"$f":"IF(AND(J10=\"X\", J11=\"X\"), \"ERROR\",IF(J10=\"X\", J20, 0))","v":100},"2017-12-31",{"$f":"  IF(H47=\"\", \"\", IF(    AND(    (H47)>DATE(2017,12,30), (H47)< DATE(2025,1,1)    ),     (MIN(DATE(YEAR(H47)+8,MONTH(H47),DAY(H47)), \"12/31/2030\")),     DATE(YEAR(H47)+5,MONTH(H47),DAY(H47))))","v":"2025-12-31"},{"$f":"DATE(YEAR(H47)+5,MONTH(I47),DAY(I47))","v":"2022-12-31"},"2017 Tier 3 FTP Credits from attached EPA Early Credits AB&T work sheet; ref. https://www.epa.gov/regulations-emissions-vehicles-and-engines/final-rule-control-air-pollution-motor-vehicles-tier-3#additional-resources "]
["2018-05-01",2017,"LDV/LDT1",{"$f":"'LDV,LDT1'!O11","v":8.5999999999999993E-2},{"$f":"'LDV,LDT1'!N11","v":5.1999999999999998E-2},{"$f":"'LDV,LDT1'!M11","v":283840},{"$f":"IF(AND(J10=\"X\", J11=\"X\"), \"ERROR\",IF(J10=\"X\",0,astm((astm(D48,3)-(astm(E48,3)))*F48,0)))","v":0},"2017-12-31",{"$f":"  IF(H48=\"\", \"\", IF(    AND(    (H48)>DATE(2017,12,30), (H48)< DATE(2025,1,1)    ),     (MIN(DATE(YEAR(H48)+8,MONTH(H48),DAY(H48)), \"12/31/2030\")),     DATE(YEAR(H48)+5,MONTH(H48),DAY(H48))))","v":"2025-12-31"},{"$f":"DATE(YEAR(H48)+5,MONTH(I48),DAY(I48))","v":"2022-12-31"}]
["2018-05-01",2017,"LDT2/HLDT/MDPV",{"$f":"'LDT2,HLDT,MDPV'!I10","v":0.10100000000000001},{"$f":"'LDT2,HLDT,MDPV'!H10","v":0.12},{"$f":"'LDT2,HLDT,MDPV'!G10","v":70403},{"$f":"IF(AND(J10=\"X\", J11=\"X\"), \"ERROR\",IF(J10=\"X\",0,astm((astm(D49,3)-(astm(E49,3)))*F49,0)))","v":0},"2017-12-31",{"$f":"  IF(H49=\"\", \"\", IF(    AND(    (H49)>DATE(2017,12,30), (H49)< DATE(2025,1,1)    ),     (MIN(DATE(YEAR(H49)+8,MONTH(H49),DAY(H49)), \"12/31/2030\")),     DATE(YEAR(H49)+5,MONTH(H49),DAY(H49))))","v":"2025-12-31"},{"$f":"DATE(YEAR(H49)+5,MONTH(I49),DAY(I49))","v":"2022-12-31"},"LDT2 only"]
["2018-07-04",2017,"Transfer","-","-","-",-50,"2017-12-31","-","-","Sold 50 2017 150K FTP Credits  to Manufacturer C (earned on 12/31/2017)."]
[null,null,null,"Total 2017 Credits Remaining:",null,null,{"$f":"IF(AND(J10=\"X\", J11=\"X\"), \"ERROR\",SUM(G47:G50))","v":50}]
[]
["2018 Credits: "]
["2019-05-01",2018,"LDV/LDT1",null,null,null,{"$f":"astm((astm(D54,3)-(astm(E54,3)))*F54,0)","v":0},null,{"$f":"  IF(H54=\"\", \"\", IF(    AND(    (H54)>DATE(2017,12,30), (H54)< DATE(2025,1,1)    ),     (MIN(DATE(YEAR(H54)+8,MONTH(H54),DAY(H54)), \"12/31/2030\")),     DATE(YEAR(H54)+5,MONTH(H54),DAY(H54))))","v":""}]
["2019-05-01",2018,"LDT2/HLDT/MDPV",null,null,null,{"$f":"astm((astm(D55,3)-(astm(E55,3)))*F55,0)","v":0},null,{"$f":"  IF(H55=\"\", \"\", IF(    AND(    (H55)>DATE(2017,12,30), (H55)< DATE(2025,1,1)    ),     (MIN(DATE(YEAR(H55)+8,MONTH(H55),DAY(H55)), \"12/31/2030\")),     DATE(YEAR(H55)+5,MONTH(H55),DAY(H55))))","v":""}]
[null,2018,"Transfer","-","-","-",null,null,"-","-"]
[null,null,null,"Total 2018 Credits Remaining:",null,null,{"$f":"SUM(G54:G56)","v":0}]
[]
["2019 Credits: "]
["2020-05-01",2019,"LDV/LDT1",null,null,null,{"$f":"astm((astm(D60,3)-(astm(E60,3)))*F60,0)","v":0},null,{"$f":"  IF(H60=\"\", \"\", IF(    AND(    (H60)>DATE(2017,12,30), (H60)< DATE(2025,1,1)    ),     (MIN(DATE(YEAR(H60)+8,MONTH(H60),DAY(H60)), \"12/31/2030\")),     DATE(YEAR(H60)+5,MONTH(H60),DAY(H60))))","v":""}]
["2020-05-01",2019,"LDT2/HLDT/MDPV",null,null,null,{"$f":"astm((astm(D61,3)-(astm(E61,3)))*F61,0)","v":0},null,{"$f":"  IF(H61=\"\", \"\", IF(    AND(    (H61)>DATE(2017,12,30), (H61)< DATE(2025,1,1)    ),     (MIN(DATE(YEAR(H61)+8,MONTH(H61),DAY(H61)), \"12/31/2030\")),     DATE(YEAR(H61)+5,MONTH(H61),DAY(H61))))","v":""}]
[null,2019,"Transfer","-","-","-",null,null,"-","-"]
[null,null,null,"Total 2019 Credits Remaining:",null,null,{"$f":"SUM(G60:G62)","v":0}]
[]
[null,null,"Grand Total 2015-2019 Credits Remaining:",null,null,null,{"$f":"G44+G51+G57+G63","v":1166}]

{"sheet":"SFTP 120k NMOG+NOX Summary","index":4,"n_rows":44,"n_cols":11,"rows_kept":44,"cut":false,"hidden":false,"merged":[[11,10,13,10],[0,0,0,10],[7,0,7,2],[7,3,7,5],[1,0,1,6],[1,7,1,10],[8,3,8,5],[11,8,13,8],[11,9,13,9],[6,0,6,2],[6,3,6,4],[8,0,8,2],[9,1,9,2],[9,3,9,5],[4,0,4,10],[3,0,3,10],[24,2,24,5],[31,3,31,5],[11,3,11,5],[43,2,43,5],[17,3,17,5],[18,3,18,5],[22,3,22,5],[36,3,36,5],[41,3,41,5],[11,6,12,6],[11,7,13,7],[12,0,13,0],[12,1,13,1],[12,2,13,2]]}
["Example Template - Banking & Trading 120K Summary Table- SFTP NMOG+NOX"]
["Manufacturer: _______________",null,null,null,null,null,null,"Date:_______________"]
[]
["Purpose and Scope of this Guidance Document          "]
["         This document was prepared by EPA's Office of Transportation and Air Quality (OTAQ).  It is one of several intended to aid regulated parties in reporting Tier 3 and Cold NMHC Averaging, Banking and Trading (AB&T) information and calculating AB&T fleet average credits for light-duty vehicles and certain heavy-duty class 2b and 3 vehicles, ref. 40 CFR 86.1862-04(c).  It contains EPA's recommended format for manufacturers to report to EPA their end-of-year Tier 3 AB&T calculations, credits and other information with respect to the implementation of the AB&T provisions of the EPA Tier 3 final rule (79 FR 23414, April 28, 2014) as amended (80 FR 9078, February 19, 2015; 80 FR 26463, May 8, 2015);  ref. 40 CFR Parts 85, 86, 600, 1065, 1066.  Use of this document is purely optional.\n       This document does not in any way alter or waive the requirements in EPA regulations.  Although the calculations and formulas provided in this document are intended to assist manufacturers in the implementation of EPA regulations, this document does not establish or change the legal rights or obligations of manufacturers or others in complying with EPA regulations, including 40 CFR 86.1862-04(c). If an error or other discrepancy is found in this document, including the calculation formulas, please contact your EPA certification team member or Dave Good at (734) 214-4450 or by email at good.david@epa.gov.  The regulations take precedence."]
[]
["Select Model Year: ",null,null,2017,null,null,null,null,null,null,"OMB Control Number 2060-0104"]
["Select Type of Report: ",null,null,"Final Model Year Report",null,null,null,null,null,null,"Expires 3-31-2020"]
["Select Program: ",null,null,"120k Useful Life"]
[null,"Small Volume?",null,"No"]
[]
[null,null,null,"Fleet Average Compliance Level",null,null,"G.  Credit (Debit) \n[Calc from D,E,F]","Date Credits/ Debits were earned","Date Credits will expire","Last Date When Credits can be Traded","Comments"]
["A.  Date of Trans-action ","B.  Model Year","C. Category","D. Applicable SFTP Standards","E.   \nMfr  SFTP Compliance Level","F. Production Volume "]
[null,null,null,"gram/mi","gram/mi","units","gram/mi"]
[]
["2015 Early Credits:"]
["2016-05-01",2015,"LDV/LDT1",0.14000000000000001,0.05,23090,{"$f":"astm((astm(D17,3)-(astm(E17,3)))*F17,0)","v":2078},"2015-12-31",{"$f":"DATE(YEAR(H17)+5,MONTH(H17),DAY(H17))","v":"2020-12-31"},"2020-12-31","2015 Early Tier 3 SFTP Credits earned per 40 CFR 86.1811-17(b)(11); see 2015 LDV/LDT1 spreadsheet. Note that test groups certified to Bin 70 or lower were certified to a 150,000 mile useful life; ref. 86.1811-17-(b)(11)(vii)."]
["2017-12-31",2015,"Transfer","Not Applicable",null,null,-2078,"2017-12-31","-","-","Transferred to 2017 model year"]
[null,null,null,"Total 2015 Early Credits Remaining:",null,null,{"$f":"SUM(G17:G18)","v":0}]
["2016 Early Credits:"]
["2017-05-01",2016,"LDV/LDT1",0.11,0.05,51101,{"$f":"astm((astm(D21,3)-(astm(E21,3)))*F21,0)","v":3066},"2016-12-31",{"$f":"DATE(YEAR(H21)+5,MONTH(H21),DAY(H21))","v":"2021-12-31"},"2021-12-31","2016 Early Tier 3 SFTP Credits earned per 40 CFR 86.1811-17(b)(11); see 2016 LDV/LDT1 spreadsheet.  Note that test groups certified to Bin 70 or lower were certified to a 150,000 mile useful life; ref. 86.1811-17-(b)(11)(vii)."]
["2017-12-31",2016,"Transfer","-","-","-",{"$f":"0-G21","v":-3066},"2017-12-31","-","-","Transferred to 2017 model year"]
[null,null,null,"Total 2016 Early Credits Remaining:",null,null,{"$f":"SUM(G21:G22)","v":0}]
[]
[null,null,"Total 2015-2016 Early Credits Remaining:",null,null,null,{"$f":"G19+G23","v":0}]
[]
["2017 Credits:"]
["2018-05-01",2017,"LDV/LDT1",{"$f":"'LDV,LDT1'!I12","v":0.10299999999999999},{"$f":"'LDV,LDT1'!H12","v":{"$error":"#NAME?"}},{"$f":"'LDV,LDT1'!G12","v":210000},{"$f":"astm((astm(D28,3)-(astm(E28,3)))*F28,0)","v":{"$error":"#NAME?"}},"2017-12-31",{"$f":"DATE(YEAR(H28)+5,MONTH(H28),DAY(H28))","v":"2022-12-31"},"2022-12-31"]
["2017-12-31",2017,"Transfer","-","-","-",{"$f":"G17","v":2078},"2015-12-31","-","-","Transferred from 2015 model year"]
["2017-12-31",2017,"Transfer","-","-","-",{"$f":"G21","v":3066},"2016-12-31","-","-","Transferred from 2016 model year"]
["2018-02-06",2017,"Transfer","-","-","-",10000,"2017-12-31","-","-","Purchased 10,000  2017 120K SFTP credits from Manufacture B. (Credits were earned on 12/31/2017.)"]
[null,null,null,"Total 2017 Credits Remaining:",null,null,{"$f":"SUM(G28:G31)","v":{"$error":"#NAME?"}}]
[]
["2018 Credits: "]
["2019-05-01",2018,"LDV/LDT1",null,null,null,{"$f":"astm((astm(D35,3)-(astm(E35,3)))*F35,0)","v":0}]
[null,2018,"Transfer","-","-","-",null,null,"-","-"]
[null,null,null,"Total 2018 Credits Remaining:",null,null,{"$f":"SUM(G35:G36)","v":0}]
[]
["2019 Credits: "]
["2020-05-01",2019,"LDV/LDT1",null,null,null,{"$f":"astm((astm(D40,3)-(astm(E40,3)))*F40,0)","v":0}]
[null,2019,"Transfer","-","-","-",null,null,"-","-"]
[null,null,null,"Total 2019 Credits Remaining:",null,null,{"$f":"SUM(G40:G41)","v":0}]
[]
[null,null,"Grand Total 2015-2019 Credits Remaining:",null,null,null,{"$f":"G25+G32+G37+G42","v":{"$error":"#NAME?"}}]

{"sheet":"SFTP 150k NMOG+NOX Summary","index":5,"n_rows":46,"n_cols":11,"rows_kept":46,"cut":false,"hidden":false,"merged":[[1,0,1,8],[12,16,12,17],[18,3,18,5],[22,3,22,5],[9,1,9,2],[9,3,9,5],[3,0,3,10],[4,0,4,10],[0,0,0,10],[11,3,11,5],[11,6,12,6],[11,7,13,7],[11,10,13,10],[8,0,8,2],[8,3,8,5],[11,8,13,8],[11,9,13,9],[6,0,6,2],[6,3,6,4],[7,0,7,2],[7,3,7,5],[12,0,13,0],[12,1,13,1],[12,2,13,2],[43,3,43,5],[45,2,45,5],[26,3,26,5],[28,2,28,5],[33,3,33,5],[38,3,38,5]]}
["Example Template - Banking & Trading 150K Summary Table- SFTP NMOG+NOX"]
["Manufacturer: _______________________",null,null,null,null,null,null,null,null,null,"Date:_______________"]
[]
["Purpose and Scope of this Guidance Document          "]
["       This document was prepared by EPA's Office of Transportation and Air Quality (OTAQ).  It is one of several intended to aid regulated parties in reporting Tier 3 and Cold NMHC Averaging, Banking and Trading (AB&T) information and calculating AB&T fleet average credits for light-duty vehicles and certain heavy-duty class 2b and 3 vehicles, ref. 40 CFR 86.1862-04(c).  It contains EPA's recommended format for manufacturers to report to EPA their end-of-year Tier 3 AB&T calculations, credits and other information with respect to the implementation of the AB&T provisions of the EPA Tier 3 final rule (79 FR 23414, April 28, 2014) as amended (80 FR 9078, February 19, 2015; 80 FR 26463, May 8, 2015);  ref. 40 CFR Parts 85, 86, 600, 1065, 1066.  Use of this document is purely optional.\n       This document does not in any way alter or waive the requirements in EPA regulations.  Although the calculations and formulas provided in this document are intended to assist manufacturers in the implementation of EPA regulations, this document does not establish or change the legal rights or obligations of manufacturers or others in complying with EPA regulations, including 40 CFR 86.1862-04(c). If an error or other discrepancy is found in this document, including the calculation formulas, please contact your EPA certification team member or Dave Good at (734) 214-4450 or by email at good.david@epa.gov.  The regulations take precedence."]
[]
["Select Model Year: ",null,null,2019,null,null,null,null,null,null,"OMB Control Number 2060-0104"]
["Select Type of Report: ",null,null,"Final Model Year Report",null,null,null,null,null,null,"Expires 3-31-2020"]
["Select Program: ",null,null,"150k Useful Life"]
[null,"Small Volume?",null,"No"]
[]
[null,null,null,"Fleet Average Compliance Level",null,null,"G.  Credit (Debit) \n[Calc from D,E,F]","Date Credits/ Debits were earned","Date Credits will expire","Last Date When Credits can be Traded","Comments"]
["A.  Date of Trans-action","B.  Model Year","C. Category","D. \nApplicable SFTP Standards","E.   \nMfr  SFTP Compliance Level","F. Production Volume "]
[null,null,null,"gram/mi","gram/mi","units","gram/mi"]
[]
["2015 Early Credits:"]
["2016-05-01",2015,"LDV/LDT/MDPV",0.14000000000000001,6.0999999999999999E-2,11002,{"$f":"astm((astm(D17,3)-(astm(E17,3)))*F17,0)","v":869},"2015-12-31",{"$f":"DATE(YEAR(H17)+5,MONTH(H17),DAY(H17))","v":"2020-12-31"},"2020-12-31","2015 Early Tier 3 Credits earned per 40 CFR 86.1811-17(b)(11); see LDV/LDT1 and LDT2/HLDT/MDPV spreadsheets. "]
[null,2015,"Transfer","-","-","-",null,"-","-","-"]
[null,null,null,"Total 2015 Early Credits Remaining:",null,null,{"$f":"SUM(G17:G18)","v":869}]
["2016 Early Credits:"]
["2017-05-01",2016,"LDV/LDT/MDPV",0.11,6.0999999999999999E-2,22784,{"$f":"astm((astm(D21,3)-(astm(E21,3)))*F21,0)","v":1116},"2016-12-31",{"$f":"DATE(YEAR(H21)+5,MONTH(H21),DAY(H21))","v":"2021-12-31"},"2021-12-31","2016 Early Tier 3 Credits earned per 40 CFR 86.1811-17(b)(11); see LDV/LDT1 and LDT2/HLDT/MDPV spreadsheets. "]
[null,2016,"Transfer","-","-","-",null,"-","-","-"]
[null,null,null,"Total 2016 Early Credits Remaining:",null,null,{"$f":"SUM(G21:G22)","v":1116}]
["2017 Early Credits:"]
["2018-05-01",2017,"LDT2/HLDT/MDPV",0.10299999999999999,0.1,1000,{"$f":"astm((astm(D25,3)-(astm(E25,3)))*F25,0)","v":3},"2017-12-31",{"$f":"DATE(YEAR(H25)+8,MONTH(H25),DAY(H25))","v":"2025-12-31"},"2022-12-31","2017 Early Tier 3 Credits earned per 40 CFR 86.1811-17(b)(11); see LDT2/HLDT/MDPV spreadsheet. "]
[null,2017,"Transfer","-","-","-",null,"-","-","-"]
[null,null,null,"Total 2017 Early Credits Remaining:",null,null,{"$f":"SUM(G25:G26)","v":3}]
[]
[null,null,"Total 2015-2017 Early Credits Remaining:",null,null,null,{"$f":"SUM(G19+G23+G27)","v":1988}]
[]
["2017 Credits:"]
["2018-05-01",2017,"LDV/LDT/MDPV",{"$f":"'LDT2,HLDT,MDPV'!I11","v":0.10299999999999999},{"$f":"'LDT2,HLDT,MDPV'!H11","v":{"$error":"#NAME?"}},{"$f":"'LDT2,HLDT,MDPV'!G11","v":264243},{"$f":"astm((astm(D32,3)-(astm(E32,3)))*F32,0)","v":{"$error":"#NAME?"}},"2017-12-31",{"$f":"DATE(YEAR(H32)+8,MONTH(H32),DAY(H32))","v":"2025-12-31"},"2022-12-31","LDV, LDT1 and LDT2 only.   See 2017 LDV/LDT1 and LDT2/HLDT/MDPV spreadsheets. "]
["2018-07-04",2017,"Transfer","-","-","-",-5000,"2017-12-31","-","-","Sold 5,000 2017 150K SFTP Credits  to Manufacturer C (earned on 12/31/2017)."]
[null,null,null,"Total 2017 Credits Remaining:",null,null,{"$f":"SUM(G32:G33)","v":{"$error":"#NAME?"}}]
[]
["2018 Credits: "]
["2019-05-01",2018,"LDV/LDT/MDPV",null,null,null,{"$f":"astm((astm(D37,3)-(astm(E37,3)))*F37,0)","v":0}]
[null,2018,"Transfer","-","-","-",null,null,"-","-"]
[null,null,null,"Total 2018 Credits Remaining:",null,null,{"$f":"SUM(G37:G38)","v":0}]
[]
["2019 Credits: "]
["2020-05-01",2019,"LDV/LDT/MDPV",null,null,null,{"$f":"astm((astm(D42,3)-(astm(E42,3)))*F42,0)","v":0}]
[null,2019,"Transfer","-","-","-",null,null,"-","-"]
[null,null,null,"Total 2019 Credits Remaining:",null,null,{"$f":"SUM(G42:G43)","v":0}]
[]
[null,null,"Grand Total 2015-2019 Credits Remaining:",null,null,null,{"$f":"G29+G34+G39+G44","v":{"$error":"#NAME?"}}]

{"sheet":"Sheet2","index":6,"n_rows":20,"n_cols":10,"rows_kept":20,"cut":false,"hidden":true,"merged":[]}
[0,null,120,120,2015,null,"No",null,160,160]
[0.01,null,150,150,2016,null,"Yes",null,125,125]
[0.02,null,null,"N/A",2017,null,null,null,110,70]
[0.03,null,null,null,2018,null,null,null,85,50]
[0.04,null,null,null,2019,null,null,null,70,30]
[0.05,null,null,null,2020,null,null,null,50,20]
[0.06,null,null,null,2021,null,null,null,"FED SULEV30",0]
[7.0000000000000007E-2,null,null,null,2022,null,null,null,30]
[0.08,null,null,null,2023,null,null,null,20]
[0.09,null,null,null,2024,null,null,null,0]
[0.1,null,null,null,2025]
[0.11,null,null,null,2026]
[0.12,null,null,null,2027]
[0.13]
[0.14000000000000001]
[0.15]
[0.16]
[0.17]
[0.18]
["N/A"]